Statistics for World Capitals by Directional Proximity #2

Click here to take the quiz!

General Stats

  • This quiz has been taken 314 times
  • The average score is 177 of 196

Answers on the Map

Answers color-coded by a green-red scale on the quiz's map according to % correct below.
 

Answer Stats

NeighboursCapital% Correct
Abu Dhabi (NW)
Abuja (NN)
Accra (NN)
Addis Ababa (NW)
Algiers (NN-NE)
Amman (WW-NW)
Amsterdam (SE)
Andorra la Vella (NN-NE)
Ankara (WW-NW)
Ashgabat (WW)
Asmara (NW)
Astana (WW)
Athens (WW-NW)
Baghdad (NW)
Baku (WW)
Bamako (NN)
Bangui (NN)
Banjul (NE)
Beirut (WW-NW)
Belgrade (WW-NW)
Berlin (SS-SW)
Bishkek (WW)
Bissau (NE)
Bratislava (SW-WW)
Brazzaville (NN)
Brussels (SE)
Bucharest (WW-NW)
Budapest (SW-WW)
Bujumbura (NN)
Cairo (WW-NW)
Chișinău (SW-WW)
Conakry (NE)
Copenhagen (SS-SW)
Dakar (NE)
Damascus (WW-NW)
Djibouti (NW)
Doha (NW)
Dublin (EE-SE)
Dushanbe (WW)
Freetown (NE)
Helsinki (SS-SW)
Islamabad (WW)
Jerusalem (WW-NW)
Juba (NW)
Kabul (WW)
Kampala (NW)
Khartoum (NW)
Kiev (SW-WW)
Kigali (NN)
Kinshasa (NN)
Kuwait City (NW)
Libreville (NN)
Lisbon (NE-EE)
Ljubljana (WW-NW)
Lomé (NN)
London (EE-SE)
Luxembourg (SE)
Madrid (NE-EE)
Malabo (NN)
Manama (NW)
Minsk (SW-WW)
Monaco (NN-NE)
Monrovia (NN)
Moscow (SW-WW)
Muscat (NW)
N'Djamena (NN)
Niamey (NN)
Nicosia (WW-NW)
Nouakchott (NE)
Oslo (SS-SW)
Ouagadougou (NN)
Paris (EE-SE)
Podgorica (WW-NW)
Porto-Novo (NN)
Prague (SW-WW)
Praia (NE)
Pristina (WW-NW)
Rabat (NN-NE)
Reykjavík (SE)
Riga (SW-WW)
Riyadh (NW)
Rome (NW-NN)
San Marino (WW-NW)
Sana'a (NW)
São Tomé (NN)
Sarajevo (WW-NW)
Skopje (WW-NW)
Sofia (WW-NW)
Stockholm (SS-SW)
Tallinn (SS-SW)
Tashkent (WW)
Tbilisi (WW)
Tehran (WW)
Tirana (WW-NW)
Tripoli (NW-NN)
Tunis (NW-NN)
Vaduz (any)
Valletta (NW-NN)
Vatican City (NW-NN)
Vienna (SW-WW)
Vilnius (SW-WW)
Warsaw (SW-WW)
Yamoussoukro (NN)
Yaoundé (NN)
Yerevan (WW)
Zagreb (WW-NW)
Bern
99%
Abu Dhabi (NW)
Abuja (NN)
Accra (NN)
Addis Ababa (NW)
Algiers (NN-NE)
Amman (NW-NN)
Amsterdam (EE-SE)
Andorra la Vella (NE-EE)
Ankara (WW-NW)
Ashgabat (WW)
Asmara (NW)
Astana (WW)
Athens (NW-NN)
Baghdad (WW-NW)
Baku (WW-NW)
Bamako (NE)
Bangui (NN)
Banjul (NE)
Beirut (NW-NN)
Belgrade (NW-NN)
Berlin (SE)
Bern (NE-EE)
Bishkek (WW)
Bissau (NE)
Brazzaville (NN)
Brussels (EE-SE)
Bucharest (WW-NW)
Budapest (any)
Bujumbura (NN)
Cairo (NW-NN)
Chișinău (WW-NW)
Conakry (NE)
Copenhagen (SE)
Dakar (NE)
Damascus (NW-NN)
Djibouti (NW)
Doha (NW)
Dublin (EE-SE)
Dushanbe (WW)
Freetown (NE)
Helsinki (SS-SW)
Islamabad (WW)
Jerusalem (NW-NN)
Juba (NN)
Kabul (WW)
Kampala (NN)
Khartoum (NN)
Kiev (SW-WW)
Kigali (NN)
Kinshasa (NN)
Kuwait City (NW)
Libreville (NN)
Lisbon (NE-EE)
Ljubljana (NN-NE)
Lomé (NN)
London (EE-SE)
Luxembourg (EE-SE)
Madrid (NE-EE)
Malabo (NN)
Manama (NW)
Minsk (SW-WW)
Mogadishu (NW)
Monaco (NE-EE)
Monrovia (NE)
Moscow (SW-WW)
Muscat (NW)
Nairobi (NN)
N'Djamena (NN)
New Delhi (NW)
Niamey (NN)
Nicosia (NW-NN)
Nouakchott (NE)
Oslo (SE)
Ouagadougou (NE)
Paris (EE-SE)
Podgorica (NW-NN)
Porto-Novo (NN)
Prague (SE)
Praia (NE)
Pristina (NW-NN)
Rabat (NE-EE)
Reykjavík (EE-SE)
Riga (SS-SW)
Riyadh (NW)
Rome (NN-NE)
San Marino (NN-NE)
Sana'a (NW)
São Tomé (NN)
Sarajevo (NW-NN)
Skopje (NW-NN)
Sofia (NW-NN)
Stockholm (SS-SW)
Tallinn (SS-SW)
Tashkent (WW)
Tbilisi (WW-NW)
Tehran (NW)
Tirana (NW-NN)
Tripoli (NN-NE)
Tunis (NN-NE)
Vaduz (NE-EE)
Valletta (NN-NE)
Vatican City (NN-NE)
Vienna (any)
Vilnius (SS-SW)
Warsaw (SS-SW)
Yamoussoukro (NE)
Yaoundé (NN)
Yerevan (WW-NW)
Zagreb (NN-NE)
Bratislava
99%
Abu Dhabi (NW)
Abuja (NE)
Accra (NE)
Addis Ababa (NN)
Algiers (NE-EE)
Amman (NW-NN)
Amsterdam (EE-SE)
Andorra la Vella (NE-EE)
Ankara (WW-NW)
Ashgabat (WW-NW)
Asmara (NN)
Astana (WW)
Athens (NN-NE)
Baghdad (WW-NW)
Baku (WW-NW)
Bamako (NE)
Bangui (NN)
Banjul (NE)
Beirut (NW-NN)
Belgrade (EE-SE)
Berlin (EE-SE)
Bern (EE-SE)
Bishkek (WW)
Bissau (NE)
Bratislava (EE-SE)
Brazzaville (NN)
Brussels (EE-SE)
Budapest (EE-SE)
Bujumbura (NN)
Cairo (NW-NN)
Chișinău (SS-SW)
Conakry (NE)
Copenhagen (SE)
Dakar (NE)
Damascus (NW-NN)
Djibouti (NW)
Dodoma (NN)
Doha (NW)
Dublin (EE-SE)
Dushanbe (WW)
Freetown (NE)
Helsinki (SE)
Islamabad (WW)
Jerusalem (NW-NN)
Juba (NN)
Kabul (WW)
Kampala (NN)
Kathmandu (WW)
Khartoum (NN)
Kiev (SS-SW)
Kigali (NN)
Kinshasa (NN)
Kuwait City (WW-NW)
Libreville (NN)
Lisbon (NE-EE)
Ljubljana (EE-SE)
Lomé (NE)
London (EE-SE)
Luxembourg (EE-SE)
Madrid (NE-EE)
Malabo (NN)
Manama (WW-NW)
Minsk (SS-SW)
Mogadishu (NN)
Monaco (NE-EE)
Monrovia (NE)
Moscow (SS-SW)
Muscat (NW)
Nairobi (NN)
N'Djamena (NN)
New Delhi (WW)
Niamey (NE)
Nicosia (NW-NN)
Nouakchott (NE)
Oslo (SE)
Ouagadougou (NE)
Paris (EE-SE)
Podgorica (NE-EE)
Porto-Novo (NE)
Prague (EE-SE)
Praia (NE)
Pristina (NE-EE)
Rabat (EE)
Reykjavík (SE)
Riga (SE)
Riyadh (NW-NN)
Rome (NE-EE)
San Marino (NE-EE)
Sana'a (NW)
São Tomé (NN)
Sarajevo (NE-EE)
Skopje (NE-EE)
Sofia (NE-EE)
Stockholm (SE)
Tallinn (SE)
Tashkent (WW)
Tbilisi (WW-NW)
Tehran (WW-NW)
Thimphu (WW)
Tirana (NE-EE)
Tripoli (NN-NE)
Tunis (NE-EE)
Ulaanbaatar (WW)
Vaduz (EE-SE)
Valletta (NE-EE)
Vatican City (NE-EE)
Vienna (EE-SE)
Vilnius (SE)
Warsaw (SE)
Yamoussoukro (NE)
Yaoundé (NN)
Yerevan (WW-NW)
Zagreb (EE-SE)
Bucharest
99%
Abu Dhabi (NW)
Abuja (NN)
Accra (NN)
Addis Ababa (NW)
Algiers (NE-EE)
Amman (NW-NN)
Amsterdam (EE-SE)
Andorra la Vella (NE-EE)
Ankara (WW-NW)
Ashgabat (WW)
Asmara (NW)
Astana (WW)
Athens (NW-NN)
Baghdad (WW-NW)
Baku (WW-NW)
Bamako (NE)
Bangui (NN)
Banjul (NE)
Beirut (NW-NN)
Belgrade (NW-NN)
Berlin (SE)
Bern (NE-EE)
Bishkek (WW)
Bissau (NE)
Bratislava (any)
Brazzaville (NN)
Brussels (EE-SE)
Bucharest (WW-NW)
Bujumbura (NN)
Cairo (NW-NN)
Chișinău (WW-NW)
Conakry (NE)
Copenhagen (SE)
Dakar (NE)
Damascus (NW-NN)
Djibouti (NW)
Doha (NW)
Dublin (EE-SE)
Dushanbe (WW)
Freetown (NE)
Helsinki (SS-SW)
Islamabad (WW)
Jerusalem (NW-NN)
Juba (NN)
Kabul (WW)
Kampala (NN)
Khartoum (NN)
Kiev (SW-WW)
Kigali (NN)
Kinshasa (NN)
Kuwait City (NW)
Libreville (NN)
Lisbon (NE-EE)
Ljubljana (NE-EE)
Lomé (NN)
London (EE-SE)
Luxembourg (EE-SE)
Madrid (NE-EE)
Malabo (NN)
Manama (NW)
Minsk (SS-SW)
Mogadishu (NW)
Monaco (NE-EE)
Monrovia (NE)
Moscow (SW-WW)
Muscat (NW)
Nairobi (NN)
N'Djamena (NN)
New Delhi (NW)
Niamey (NE)
Nicosia (NW-NN)
Nouakchott (NE)
Oslo (SE)
Ouagadougou (NE)
Paris (EE-SE)
Podgorica (NW-NN)
Porto-Novo (NN)
Prague (EE-SE)
Praia (NE)
Pristina (NW-NN)
Rabat (NE-EE)
Reykjavík (SE)
Riga (SS-SW)
Riyadh (NW)
Rome (NN-NE)
San Marino (NE-EE)
Sana'a (NW)
São Tomé (NN)
Sarajevo (NN-NE)
Skopje (NW-NN)
Sofia (NW-NN)
Stockholm (SE)
Tallinn (SS-SW)
Tashkent (WW)
Tbilisi (WW-NW)
Tehran (WW-NW)
Tirana (NW-NN)
Tripoli (NN-NE)
Tunis (NN-NE)
Vaduz (NE-EE)
Valletta (NN-NE)
Vatican City (NN-NE)
Vienna (any)
Vilnius (SS-SW)
Warsaw (SS-SW)
Yamoussoukro (NE)
Yaoundé (NN)
Yerevan (WW-NW)
Zagreb (NE-EE)
Budapest
99%
Abu Dhabi (NW)
Abuja (NE)
Accra (NE)
Addis Ababa (NN)
Algiers (NE-EE)
Amman (NW-NN)
Amsterdam (EE-SE)
Andorra la Vella (NE-EE)
Ankara (NW-NN)
Ashgabat (WW-NW)
Asmara (NN)
Astana (WW)
Athens (NN-NE)
Baghdad (NW-NN)
Baku (WW-NW)
Bamako (NE)
Bangui (NN)
Banjul (NE)
Beirut (NW-NN)
Belgrade (NE-EE)
Berlin (EE-SE)
Bern (NE-EE)
Bishkek (WW)
Bissau (NE)
Bratislava (EE-SE)
Brazzaville (NN)
Brussels (EE-SE)
Bucharest (NN-NE)
Budapest (EE-SE)
Bujumbura (NN)
Cairo (NW-NN)
Conakry (NE)
Copenhagen (EE-SE)
Dakar (NE)
Damascus (NW-NN)
Dhaka (NW)
Djibouti (NN)
Dodoma (NN)
Doha (NW)
Dublin (EE-SE)
Dushanbe (WW)
Freetown (NE)
Helsinki (SE)
Islamabad (WW)
Jerusalem (NW-NN)
Juba (NN)
Kabul (WW)
Kampala (NN)
Kathmandu (NW)
Khartoum (NN)
Kiev (SS-SW)
Kigali (NN)
Kinshasa (NN)
Kuwait City (NW-NN)
Libreville (NN)
Lisbon (EE)
Ljubljana (NE-EE)
Lomé (NE)
London (EE-SE)
Luxembourg (EE-SE)
Madrid (NE-EE)
Malabo (NN)
Manama (NW-NN)
Minsk (SE)
Mogadishu (NN)
Monaco (NE-EE)
Monrovia (NE)
Moscow (SS-SW)
Muscat (NW)
Nairobi (NN)
N'Djamena (NN)
New Delhi (NW)
Niamey (NE)
Nicosia (NW-NN)
Nouakchott (NE)
Oslo (SE)
Ouagadougou (NE)
Paris (EE-SE)
Podgorica (NE-EE)
Porto-Novo (NE)
Prague (EE-SE)
Praia (NE)
Pristina (NE-EE)
Rabat (NE)
Reykjavík (SE)
Riga (SE)
Riyadh (NW-NN)
Rome (NE-EE)
San Marino (NE-EE)
Sana'a (NN)
São Tomé (NE)
Sarajevo (NE-EE)
Skopje (NE-EE)
Sofia (NN-NE)
Stockholm (SE)
Tallinn (SE)
Tashkent (WW)
Tbilisi (WW-NW)
Tehran (WW-NW)
Thimphu (WW)
Tirana (NE-EE)
Tripoli (NN-NE)
Tunis (NE-EE)
Ulaanbaatar (WW)
Vaduz (EE-SE)
Valletta (NN-NE)
Vatican City (NE-EE)
Vienna (EE-SE)
Vilnius (SE)
Warsaw (SE)
Yamoussoukro (NE)
Yaoundé (NN)
Yerevan (WW-NW)
Zagreb (NE-EE)
Chișinău
99%
Abu Dhabi (NW)
Abuja (NN)
Accra (NN)
Addis Ababa (NW)
Algiers (NN-NE)
Amman (NW)
Amsterdam (SE)
Andorra la Vella (NN-NE)
Ankara (WW-NW)
Ashgabat (WW)
Asmara (NW)
Astana (WW)
Athens (WW-NW)
Baghdad (NW)
Baku (WW)
Bamako (NN)
Bangui (NN)
Banjul (NE)
Beirut (WW-NW)
Belgrade (WW-NW)
Berlin (SW-WW)
Bern (NW-NN)
Bishkek (WW)
Bissau (NE)
Bratislava (WW-NW)
Brussels (any)
Bucharest (WW-NW)
Budapest (WW-NW)
Cairo (NW)
Chișinău (WW-NW)
Conakry (NE)
Copenhagen (SS-SW)
Dakar (NE)
Damascus (NW)
Djibouti (NW)
Doha (NW)
Dublin (EE-SE)
Dushanbe (WW)
Freetown (NN)
Helsinki (SW-WW)
Islamabad (WW)
Jerusalem (NW)
Juba (NW)
Kabul (WW)
Khartoum (NW)
Kiev (SW-WW)
Kuwait City (NW)
Libreville (NN)
Lisbon (NE-EE)
Ljubljana (WW-NW)
Lomé (NN)
London (EE-SE)
Madrid (NN-NE)
Malabo (NN)
Manama (NW)
Minsk (SW-WW)
Monaco (NW-NN)
Monrovia (NN)
Moscow (SW-WW)
Muscat (NW)
N'Djamena (NN)
Niamey (NN)
Nicosia (WW-NW)
Nouakchott (NE)
Oslo (SS-SW)
Ottawa (EE)
Ouagadougou (NN)
Paris (NE-EE)
Podgorica (WW-NW)
Porto-Novo (NN)
Prague (SW-WW)
Praia (NE)
Pristina (WW-NW)
Rabat (NN-NE)
Reykjavík (EE-SE)
Riga (SW-WW)
Riyadh (NW)
Rome (NW-NN)
San Marino (NW-NN)
Sana'a (NW)
São Tomé (NN)
Sarajevo (WW-NW)
Skopje (WW-NW)
Sofia (WW-NW)
Stockholm (SS-SW)
Tallinn (SW-WW)
Tashkent (WW)
Tbilisi (WW)
Tehran (NW)
Tirana (WW-NW)
Tripoli (NW-NN)
Tunis (NW-NN)
Vaduz (NW-NN)
Valletta (NW-NN)
Vatican City (NW-NN)
Vienna (WW-NW)
Vilnius (SW-WW)
Warsaw (SW-WW)
Yamoussoukro (NN)
Yaoundé (NN)
Yerevan (WW)
Zagreb (WW-NW)
Luxembourg
99%
Abu Dhabi (NW)
Abuja (NN)
Accra (NE)
Addis Ababa (NW)
Algiers (NE-EE)
Amman (WW-NW)
Amsterdam (EE-SE)
Andorra la Vella (NE-EE)
Ankara (WW-NW)
Ashgabat (WW)
Asmara (NW)
Astana (WW)
Athens (NW-NN)
Baghdad (WW-NW)
Baku (WW-NW)
Bamako (NE)
Bangui (NN)
Banjul (NE)
Beirut (WW-NW)
Belgrade (any)
Berlin (SE)
Bern (EE-SE)
Bishkek (WW)
Bissau (NE)
Bratislava (SE)
Brazzaville (NN)
Brussels (EE-SE)
Bucharest (SW-WW)
Budapest (SE)
Bujumbura (NN)
Cairo (NW-NN)
Chișinău (SW-WW)
Conakry (NE)
Copenhagen (SE)
Dakar (NE)
Damascus (WW-NW)
Djibouti (NW)
Dodoma (NN)
Doha (NW)
Dublin (EE-SE)
Dushanbe (WW)
Freetown (NE)
Helsinki (SS-SW)
Islamabad (WW)
Jerusalem (WW-NW)
Juba (NN)
Kabul (WW)
Kampala (NN)
Kathmandu (WW)
Khartoum (NN)
Kiev (SS-SW)
Kigali (NN)
Kinshasa (NN)
Kuwait City (WW-NW)
Libreville (NN)
Lisbon (NE-EE)
Ljubljana (EE-SE)
Lomé (NE)
London (EE-SE)
Luanda (NN)
Luxembourg (EE-SE)
Madrid (NE-EE)
Malabo (NN)
Manama (NW)
Minsk (SS-SW)
Mogadishu (NW)
Monaco (EE-SE)
Monrovia (NE)
Moscow (SS-SW)
Muscat (NW)
Nairobi (NN)
N'Djamena (NN)
New Delhi (WW)
Niamey (NE)
Nicosia (WW-NW)
Nouakchott (NE)
Oslo (SE)
Ouagadougou (NE)
Paris (EE-SE)
Podgorica (any)
Porto-Novo (NE)
Prague (SE)
Praia (NE)
Rabat (NE-EE)
Reykjavík (SE)
Riga (SS-SW)
Riyadh (NW)
Rome (NE-EE)
San Marino (EE-SE)
Sana'a (NW)
São Tomé (NN)
Sarajevo (EE-SE)
Skopje (any)
Sofia (any)
Stockholm (SE)
Tallinn (SS-SW)
Tashkent (WW)
Tbilisi (WW-NW)
Tehran (WW-NW)
Tirana (any)
Tripoli (NN-NE)
Tunis (NE-EE)
Vaduz (EE-SE)
Valletta (NN-NE)
Vatican City (NE-EE)
Vienna (SE)
Vilnius (SS-SW)
Warsaw (SE)
Yamoussoukro (NE)
Yaoundé (NN)
Yerevan (WW-NW)
Zagreb (EE-SE)
Pristina
99%
Abu Dhabi (WW-NW)
Abuja (NE)
Accra (NE)
Addis Ababa (NN-NE)
Algiers (EE)
Amman (EE-SE)
Amsterdam (SE)
Andorra la Vella (SE)
Ankara (SE)
Antananarivo (NN)
Ashgabat (SS-SW)
Asmara (NN-NE)
Astana (SW)
Athens (EE-SE)
Baghdad (SE)
Baku (SS-SW)
Bamako (EE)
Bangkok (WW)
Bangui (NE)
Beirut (EE-SE)
Belgrade (SE)
Berlin (SE)
Bern (SE)
Bishkek (SW)
Bratislava (SE)
Brazzaville (NE)
Brussels (SE)
Bucharest (SE)
Budapest (SE)
Bujumbura (NE)
Cairo (EE-SE)
Chișinău (SE)
Colombo (NW)
Copenhagen (SE)
Damascus (EE-SE)
Dhaka (WW)
Djibouti (NN-NE)
Dodoma (NN)
Doha (SW-WW)
Dublin (SE)
Dushanbe (SW-WW)
Gaborone (NN)
Harare (NN)
Helsinki (SE)
Islamabad (SW-WW)
Jerusalem (EE-SE)
Juba (NN-NE)
Kabul (SW-WW)
Kampala (NE)
Kathmandu (WW)
Khartoum (NE-EE)
Kiev (SE)
Kigali (NE)
Kinshasa (NE)
Kuwait City (SS-SW)
Libreville (NE)
Lilongwe (NN)
Lisbon (EE)
Ljubljana (SE)
Lomé (NE)
London (SE)
Luanda (NE)
Lusaka (NE)
Luxembourg (SE)
Madrid (EE)
Malabo (NE)
Malé (NW)
Manama (SW-WW)
Maputo (NN)
Mbabane (NN)
Minsk (SE)
Mogadishu (NN-NE)
Monaco (SE)
Moroni (NN)
Muscat (WW-NW)
Nairobi (NN)
Naypyidaw (WW)
N'Djamena (NE)
New Delhi (WW)
Niamey (EE)
Nicosia (EE-SE)
Oslo (SE)
Ouagadougou (EE)
Paris (SE)
Podgorica (SE)
Port Louis (NN)
Porto-Novo (NE)
Prague (SE)
Pretoria (NN)
Pristina (SE)
Rabat (EE)
Riga (SE)
Rome (SE)
San Marino (SE)
Sana'a (NN-NE)
São Tomé (NE)
Sarajevo (SE)
Skopje (SE)
Sofia (EE-SE)
Stockholm (SE)
Tallinn (SE)
Tashkent (SW-WW)
Tbilisi (SE)
Tehran (SS-SW)
Thimphu (WW)
Tirana (SE)
Tripoli (EE)
Tunis (EE)
Ulaanbaatar (SW)
Vaduz (SE)
Valletta (EE)
Vatican City (SE)
Victoria (NN)
Vienna (SE)
Vientiane (WW)
Vilnius (SE)
Warsaw (SE)
Yamoussoukro (EE)
Yaoundé (NE)
Yerevan (SE)
Zagreb (SE)
Riyadh
99%
Abu Dhabi (NW)
Abuja (NN)
Accra (NE)
Addis Ababa (NW)
Algiers (NE-EE)
Amman (WW-NW)
Amsterdam (EE-SE)
Andorra la Vella (EE-SE)
Ankara (WW-NW)
Ashgabat (WW)
Asmara (NW)
Astana (WW)
Athens (NW-NN)
Baghdad (WW-NW)
Baku (WW-NW)
Bamako (NE)
Bangui (NN)
Banjul (NE)
Beirut (WW-NW)
Belgrade (SE)
Berlin (SE)
Bern (EE-SE)
Bishkek (WW)
Bissau (NE)
Bratislava (SE)
Brazzaville (NN)
Brussels (EE-SE)
Bucharest (SW-WW)
Budapest (SE)
Bujumbura (NN)
Cairo (NW-NN)
Chișinău (SW-WW)
Conakry (NE)
Copenhagen (SE)
Dakar (NE)
Damascus (WW-NW)
Djibouti (NW)
Dodoma (NN)
Doha (NW)
Dublin (EE-SE)
Dushanbe (WW)
Freetown (NE)
Helsinki (SS-SW)
Islamabad (WW)
Jerusalem (WW-NW)
Juba (NN)
Kabul (WW)
Kampala (NN)
Kathmandu (WW)
Khartoum (NN)
Kiev (SS-SW)
Kigali (NN)
Kinshasa (NN)
Kuwait City (WW-NW)
Libreville (NN)
Lisbon (NE-EE)
Ljubljana (EE-SE)
Lomé (NE)
London (EE-SE)
Luanda (NN)
Luxembourg (EE-SE)
Madrid (NE-EE)
Malabo (NN)
Manama (NW)
Minsk (SS-SW)
Mogadishu (NW)
Monaco (EE-SE)
Monrovia (NE)
Moscow (SS-SW)
Muscat (NW)
Nairobi (NN)
N'Djamena (NN)
New Delhi (WW)
Niamey (NE)
Nicosia (WW-NW)
Nouakchott (NE)
Oslo (SE)
Ouagadougou (NE)
Paris (EE-SE)
Podgorica (any)
Porto-Novo (NE)
Prague (SE)
Praia (NE)
Pristina (any)
Rabat (NE-EE)
Reykjavík (SE)
Riga (SS-SW)
Riyadh (NW)
Rome (NE-EE)
San Marino (EE-SE)
Sana'a (NW)
São Tomé (NN)
Sarajevo (EE-SE)
Sofia (any)
Stockholm (SE)
Tallinn (SS-SW)
Tashkent (WW)
Tbilisi (WW-NW)
Tehran (WW-NW)
Tirana (any)
Tripoli (NN-NE)
Tunis (NE-EE)
Vaduz (EE-SE)
Valletta (NN-NE)
Vatican City (NE-EE)
Vienna (SE)
Vilnius (SS-SW)
Warsaw (SE)
Yamoussoukro (NE)
Yaoundé (NN)
Yerevan (WW-NW)
Zagreb (EE-SE)
Skopje
99%
Abu Dhabi (NW)
Abuja (NE)
Accra (NE)
Addis Ababa (NN)
Algiers (NE-EE)
Amman (NW-NN)
Amsterdam (EE-SE)
Andorra la Vella (NE-EE)
Ankara (WW-NW)
Ashgabat (WW)
Asmara (NW)
Astana (WW)
Athens (NW-NN)
Baghdad (WW-NW)
Baku (WW-NW)
Bamako (NE)
Bangui (NN)
Banjul (NE)
Beirut (WW-NW)
Belgrade (SE)
Berlin (SE)
Bern (EE-SE)
Bishkek (WW)
Bissau (NE)
Bratislava (SE)
Brazzaville (NN)
Brussels (EE-SE)
Bucharest (SW-WW)
Budapest (SE)
Bujumbura (NN)
Cairo (NW-NN)
Chișinău (SS-SW)
Conakry (NE)
Copenhagen (SE)
Dakar (NE)
Damascus (WW-NW)
Djibouti (NW)
Dodoma (NN)
Doha (NW)
Dublin (EE-SE)
Dushanbe (WW)
Freetown (NE)
Helsinki (SS-SW)
Islamabad (WW)
Jerusalem (NW-NN)
Juba (NN)
Kabul (WW)
Kampala (NN)
Kathmandu (WW)
Khartoum (NN)
Kiev (SS-SW)
Kigali (NN)
Kinshasa (NN)
Kuwait City (WW-NW)
Libreville (NN)
Lisbon (NE-EE)
Ljubljana (EE-SE)
Lomé (NE)
London (EE-SE)
Luanda (NN)
Luxembourg (EE-SE)
Madrid (NE-EE)
Malabo (NN)
Manama (NW)
Minsk (SS-SW)
Mogadishu (NW)
Monaco (EE-SE)
Monrovia (NE)
Moscow (SS-SW)
Muscat (NW)
Nairobi (NN)
N'Djamena (NN)
New Delhi (WW)
Niamey (NE)
Nicosia (WW-NW)
Nouakchott (NE)
Oslo (SE)
Ouagadougou (NE)
Paris (EE-SE)
Podgorica (NE-EE)
Porto-Novo (NE)
Prague (SE)
Praia (NE)
Pristina (any)
Rabat (NE-EE)
Reykjavík (SE)
Riga (SS-SW)
Riyadh (WW-NW)
Rome (NE-EE)
San Marino (EE-SE)
Sana'a (NW)
São Tomé (NN)
Sarajevo (EE-SE)
Skopje (any)
Stockholm (SE)
Tallinn (SS-SW)
Tashkent (WW)
Tbilisi (WW-NW)
Tehran (WW-NW)
Tirana (NE-EE)
Tripoli (NN-NE)
Tunis (NE-EE)
Vaduz (EE-SE)
Valletta (NE-EE)
Vatican City (NE-EE)
Vienna (SE)
Vilnius (SS-SW)
Warsaw (SE)
Yamoussoukro (NE)
Yaoundé (NN)
Yerevan (WW-NW)
Zagreb (EE-SE)
Sofia
99%
Abu Dhabi (NW)
Abuja (NN)
Accra (NN)
Addis Ababa (NW)
Algiers (NN-NE)
Amman (WW-NW)
Amsterdam (SE)
Andorra la Vella (NE-EE)
Ankara (WW-NW)
Ashgabat (WW)
Asmara (NW)
Astana (WW)
Athens (WW-NW)
Baghdad (NW)
Baku (WW)
Bamako (NE)
Bangui (NN)
Banjul (NE)
Beirut (WW-NW)
Belgrade (WW-NW)
Berlin (SS-SW)
Bern (any)
Bishkek (WW)
Bissau (NE)
Bratislava (SW-WW)
Brazzaville (NN)
Brussels (SE)
Bucharest (WW-NW)
Budapest (SW-WW)
Bujumbura (NN)
Cairo (NW-NN)
Chișinău (WW-NW)
Conakry (NE)
Copenhagen (SS-SW)
Dakar (NE)
Damascus (WW-NW)
Djibouti (NW)
Doha (NW)
Dublin (EE-SE)
Dushanbe (WW)
Freetown (NE)
Helsinki (SS-SW)
Islamabad (WW)
Jerusalem (WW-NW)
Juba (NW)
Kabul (WW)
Kampala (NW)
Khartoum (NW)
Kiev (SW-WW)
Kigali (NN)
Kinshasa (NN)
Kuwait City (NW)
Libreville (NN)
Lisbon (NE-EE)
Ljubljana (WW-NW)
Lomé (NN)
London (EE-SE)
Luxembourg (SE)
Madrid (NE-EE)
Malabo (NN)
Manama (NW)
Minsk (SW-WW)
Monaco (NN-NE)
Monrovia (NE)
Moscow (SW-WW)
Muscat (NW)
Nairobi (NW)
N'Djamena (NN)
Niamey (NN)
Nicosia (WW-NW)
Nouakchott (NE)
Oslo (SS-SW)
Ouagadougou (NN)
Paris (EE-SE)
Podgorica (WW-NW)
Porto-Novo (NN)
Prague (SW-WW)
Praia (NE)
Pristina (WW-NW)
Rabat (NN-NE)
Reykjavík (EE-SE)
Riga (SS-SW)
Riyadh (NW)
Rome (NW-NN)
San Marino (NW-NN)
Sana'a (NW)
São Tomé (NN)
Sarajevo (WW-NW)
Skopje (WW-NW)
Sofia (WW-NW)
Stockholm (SS-SW)
Tallinn (SS-SW)
Tashkent (WW)
Tbilisi (WW-NW)
Tehran (WW)
Tirana (WW-NW)
Tripoli (NW-NN)
Tunis (NW-NN)
Valletta (NW-NN)
Vatican City (NW-NN)
Vienna (SW-WW)
Vilnius (SW-WW)
Warsaw (SW-WW)
Yamoussoukro (NN)
Yaoundé (NN)
Yerevan (WW-NW)
Zagreb (WW-NW)
Vaduz
99%
Abu Dhabi (NW)
Abuja (NN)
Accra (NN)
Addis Ababa (NW)
Algiers (NN-NE)
Amman (NW-NN)
Amsterdam (EE-SE)
Andorra la Vella (NE-EE)
Ankara (WW-NW)
Ashgabat (WW)
Asmara (NW)
Astana (WW)
Athens (NW-NN)
Baghdad (WW-NW)
Baku (WW-NW)
Bamako (NE)
Bangui (NN)
Banjul (NE)
Beirut (WW-NW)
Belgrade (NW-NN)
Berlin (SE)
Bern (NE-EE)
Bishkek (WW)
Bissau (NE)
Bratislava (any)
Brazzaville (NN)
Brussels (EE-SE)
Bucharest (WW-NW)
Budapest (any)
Bujumbura (NN)
Cairo (NW-NN)
Chișinău (WW-NW)
Conakry (NE)
Copenhagen (SE)
Dakar (NE)
Damascus (WW-NW)
Djibouti (NW)
Doha (NW)
Dublin (EE-SE)
Dushanbe (WW)
Freetown (NE)
Helsinki (SS-SW)
Islamabad (WW)
Jerusalem (NW-NN)
Juba (NN)
Kabul (WW)
Kampala (NN)
Khartoum (NN)
Kiev (SW-WW)
Kigali (NN)
Kinshasa (NN)
Kuwait City (NW)
Libreville (NN)
Lisbon (NE-EE)
Ljubljana (NN-NE)
Lomé (NN)
London (EE-SE)
Luxembourg (EE-SE)
Madrid (NE-EE)
Malabo (NN)
Manama (NW)
Minsk (SW-WW)
Mogadishu (NW)
Monaco (NE-EE)
Monrovia (NE)
Moscow (SW-WW)
Muscat (NW)
Nairobi (NN)
N'Djamena (NN)
New Delhi (NW)
Niamey (NN)
Nicosia (NW-NN)
Nouakchott (NE)
Oslo (SE)
Ouagadougou (NE)
Paris (EE-SE)
Podgorica (NW-NN)
Porto-Novo (NN)
Prague (SE)
Praia (NE)
Pristina (NW-NN)
Rabat (NE-EE)
Reykjavík (EE-SE)
Riga (SS-SW)
Riyadh (NW)
Rome (NN-NE)
San Marino (NN-NE)
Sana'a (NW)
São Tomé (NN)
Sarajevo (NW-NN)
Skopje (NW-NN)
Sofia (NW-NN)
Stockholm (SS-SW)
Tallinn (SS-SW)
Tashkent (WW)
Tbilisi (WW-NW)
Tehran (NW)
Tirana (NW-NN)
Tripoli (NN-NE)
Tunis (NN-NE)
Vaduz (NE-EE)
Valletta (NN-NE)
Vatican City (NN-NE)
Vilnius (SS-SW)
Warsaw (SS-SW)
Yamoussoukro (NE)
Yaoundé (NN)
Yerevan (WW-NW)
Zagreb (NN-NE)
Vienna
99%
Abu Dhabi (WW-NW)
Abuja (NE)
Accra (NE)
Addis Ababa (NN)
Algiers (NE-EE)
Amman (NW-NN)
Amsterdam (EE-SE)
Andorra la Vella (EE-SE)
Ashgabat (WW-NW)
Asmara (NW-NN)
Astana (SW)
Athens (NE-EE)
Baghdad (WW-NW)
Baku (SW-WW)
Bamako (NE)
Bangui (NN)
Banjul (NE)
Beirut (NW-NN)
Belgrade (EE-SE)
Berlin (EE-SE)
Bern (EE-SE)
Bishkek (WW)
Bissau (NE)
Bratislava (EE-SE)
Brazzaville (NN)
Brussels (EE-SE)
Bucharest (EE-SE)
Budapest (EE-SE)
Bujumbura (NN)
Cairo (NN-NE)
Chișinău (SE)
Colombo (NW)
Conakry (NE)
Copenhagen (SE)
Dakar (NE)
Damascus (NW-NN)
Dhaka (WW)
Djibouti (NN)
Dodoma (NN)
Doha (WW-NW)
Dublin (SE)
Dushanbe (WW)
Freetown (NE)
Helsinki (SE)
Islamabad (WW)
Jerusalem (NW-NN)
Juba (NN)
Kabul (WW)
Kampala (NN)
Kathmandu (WW)
Khartoum (NN-NE)
Kiev (SE)
Kigali (NN)
Kinshasa (NN)
Kuwait City (WW-NW)
Libreville (NE)
Lilongwe (NN)
Lisbon (EE)
Ljubljana (EE-SE)
Lomé (NE)
London (EE-SE)
Luanda (NN)
Luxembourg (EE-SE)
Madrid (EE)
Malabo (NE)
Malé (NW)
Manama (WW-NW)
Minsk (SE)
Mogadishu (NN)
Monaco (EE-SE)
Monrovia (NE)
Moroni (NN)
Moscow (SS-SW)
Muscat (NW)
Nairobi (NN)
N'Djamena (NE)
New Delhi (WW)
Niamey (NE)
Nicosia (NW-NN)
Nouakchott (NE)
Oslo (SE)
Ouagadougou (NE)
Paris (EE-SE)
Podgorica (EE-SE)
Porto-Novo (NE)
Prague (EE-SE)
Pristina (EE-SE)
Rabat (EE)
Reykjavík (SE)
Riga (SE)
Riyadh (NW-NN)
Rome (EE-SE)
San Marino (EE-SE)
Sana'a (NW-NN)
São Tomé (NE)
Sarajevo (EE-SE)
Skopje (EE-SE)
Sofia (EE-SE)
Stockholm (SE)
Tallinn (SE)
Tashkent (WW)
Tbilisi (SW-WW)
Tehran (WW-NW)
Thimphu (WW)
Tirana (EE-SE)
Tripoli (NE-EE)
Tunis (NE-EE)
Ulaanbaatar (WW)
Vaduz (EE-SE)
Valletta (NE-EE)
Vatican City (EE-SE)
Victoria (NW)
Vienna (EE-SE)
Vilnius (SE)
Warsaw (SE)
Yamoussoukro (NE)
Yaoundé (NE)
Yerevan (SW-WW)
Zagreb (EE-SE)
Ankara
98%
Abu Dhabi (SW-WW)
Abuja (EE)
Accra (EE)
Addis Ababa (NN-NE)
Algiers (SE)
Amman (SE)
Amsterdam (SE)
Andorra la Vella (SE)
Ankara (SE)
Antananarivo (NN)
Ashgabat (SW)
Astana (SW)
Athens (SE)
Baghdad (SS-SW)
Baku (SS-SW)
Bamako (EE)
Bangui (NE-EE)
Banjul (EE)
Beirut (SE)
Belgrade (SE)
Berlin (SE)
Bern (SE)
Bishkek (SW)
Bissau (EE)
Bratislava (SE)
Brazzaville (NE)
Brussels (SE)
Budapest (SE)
Bujumbura (NN-NE)
Cairo (SE)
Colombo (WW)
Conakry (EE)
Copenhagen (SE)
Damascus (SE)
Dhaka (WW)
Djibouti (WW-NW)
Dodoma (NN-NE)
Doha (SW-WW)
Dublin (SE)
Dushanbe (SW)
Freetown (EE)
Gaborone (NN)
Harare (NN)
Islamabad (SW)
Jerusalem (SE)
Juba (NN-NE)
Kabul (SW)
Kampala (NN-NE)
Kathmandu (WW)
Khartoum (EE-SE)
Kigali (NN-NE)
Kinshasa (NE)
Kuwait City (SS-SW)
Libreville (NE)
Lilongwe (NN)
Lisbon (SE)
Ljubljana (SE)
Lomé (EE)
London (SE)
Luanda (NE)
Lusaka (NN)
Luxembourg (SE)
Madrid (SE)
Malabo (EE)
Malé (WW)
Manama (SS-SW)
Maputo (NN)
Maseru (NN)
Mbabane (NN)
Mogadishu (NW-NN)
Monaco (SE)
Monrovia (EE)
Moroni (NN)
Muscat (SW-WW)
Nairobi (NN-NE)
N'Djamena (NE-EE)
New Delhi (WW)
Niamey (EE)
Nicosia (SE)
Nouakchott (EE)
Oslo (SE)
Ouagadougou (EE)
Paris (SE)
Podgorica (SE)
Port Louis (NW)
Porto-Novo (EE)
Prague (SE)
Pretoria (NN)
Pristina (SE)
Rabat (SE)
Riyadh (SS-SW)
Rome (SE)
San Marino (SE)
Sana'a (SW-WW)
São Tomé (NE)
Sarajevo (SE)
Skopje (SE)
Sofia (SE)
Tashkent (SW)
Tbilisi (SS-SW)
Tehran (SS-SW)
Thimphu (WW)
Tirana (SE)
Tripoli (SE)
Tunis (SE)
Vaduz (SE)
Valletta (SE)
Vatican City (SE)
Victoria (NW-NN)
Vienna (SE)
Windhoek (NE)
Yamoussoukro (EE)
Yaoundé (NE)
Yerevan (SS-SW)
Zagreb (SE)
Asmara
98%
Abu Dhabi (NW)
Abuja (NE)
Accra (NE)
Addis Ababa (NW)
Algiers (NE-EE)
Amman (WW-NW)
Amsterdam (SE)
Andorra la Vella (EE-SE)
Ankara (SW-WW)
Ashgabat (WW)
Asmara (NW-NN)
Astana (WW)
Baghdad (WW-NW)
Baku (SW-WW)
Bamako (NE)
Bangui (NN)
Banjul (NE)
Beirut (WW-NW)
Belgrade (SE)
Berlin (SE)
Bern (EE-SE)
Bishkek (WW)
Bissau (NE)
Bratislava (SE)
Brazzaville (NN)
Brussels (EE-SE)
Bucharest (SS-SW)
Budapest (SE)
Bujumbura (NN)
Cairo (NW-NN)
Chișinău (SS-SW)
Conakry (NE)
Copenhagen (SE)
Dakar (NE)
Damascus (WW-NW)
Djibouti (NW)
Dodoma (NN)
Doha (WW-NW)
Dublin (EE-SE)
Dushanbe (WW)
Freetown (NE)
Helsinki (SS-SW)
Islamabad (WW)
Jerusalem (WW-NW)
Juba (NN)
Kabul (WW)
Kampala (NN)
Kathmandu (WW)
Khartoum (NW-NN)
Kiev (SS-SW)
Kigali (NN)
Kinshasa (NN)
Kuwait City (WW-NW)
Libreville (NN)
Lilongwe (NN)
Lisbon (EE-SE)
Ljubljana (SE)
Lomé (NE)
London (EE-SE)
Luanda (NN)
Lusaka (NN)
Luxembourg (EE-SE)
Madrid (EE-SE)
Malabo (NN)
Manama (WW-NW)
Minsk (SS-SW)
Mogadishu (NW)
Monaco (EE-SE)
Monrovia (NE)
Moroni (NN)
Moscow (SS-SW)
Muscat (NW)
Nairobi (NN)
N'Djamena (NN-NE)
New Delhi (WW)
Niamey (NE)
Nicosia (WW-NW)
Nouakchott (NE)
Oslo (SE)
Ouagadougou (NE)
Paris (EE-SE)
Podgorica (SE)
Porto-Novo (NE)
Prague (SE)
Praia (NE)
Pristina (SE)
Rabat (NE-EE)
Reykjavík (SE)
Riga (SS-SW)
Riyadh (WW-NW)
Rome (EE-SE)
San Marino (EE-SE)
Sana'a (NW)
São Tomé (NE)
Sarajevo (SE)
Skopje (SE)
Sofia (SE)
Stockholm (SE)
Tallinn (SS-SW)
Tashkent (WW)
Tbilisi (SW-WW)
Tehran (WW-NW)
Tirana (SE)
Tripoli (NE-EE)
Tunis (NE-EE)
Vaduz (EE-SE)
Valletta (NE-EE)
Vatican City (EE-SE)
Victoria (NW)
Vienna (SE)
Vilnius (SS-SW)
Warsaw (SE)
Yamoussoukro (NE)
Yaoundé (NN)
Yerevan (SW-WW)
Zagreb (SE)
Athens
98%
Abu Dhabi (NW)
Abuja (NN)
Accra (NE)
Addis Ababa (NW)
Algiers (NE-EE)
Amman (NW-NN)
Amsterdam (EE-SE)
Andorra la Vella (NE-EE)
Ankara (WW-NW)
Ashgabat (WW)
Asmara (NW)
Astana (WW)
Athens (NW-NN)
Baghdad (WW-NW)
Baku (WW-NW)
Bamako (NE)
Bangui (NN)
Banjul (NE)
Beirut (WW-NW)
Berlin (SE)
Bern (EE-SE)
Bishkek (WW)
Bissau (NE)
Bratislava (SE)
Brazzaville (NN)
Brussels (EE-SE)
Bucharest (WW-NW)
Budapest (SE)
Bujumbura (NN)
Cairo (NW-NN)
Chișinău (SW-WW)
Conakry (NE)
Copenhagen (SE)
Dakar (NE)
Damascus (WW-NW)
Djibouti (NW)
Dodoma (NN)
Doha (NW)
Dublin (EE-SE)
Dushanbe (WW)
Freetown (NE)
Helsinki (SS-SW)
Islamabad (WW)
Jerusalem (NW-NN)
Juba (NN)
Kabul (WW)
Kampala (NN)
Kathmandu (WW)
Khartoum (NN)
Kiev (SW-WW)
Kigali (NN)
Kinshasa (NN)
Kuwait City (WW-NW)
Libreville (NN)
Lisbon (NE-EE)
Ljubljana (EE-SE)
Lomé (NE)
London (EE-SE)
Luanda (NN)
Luxembourg (EE-SE)
Madrid (NE-EE)
Malabo (NN)
Manama (NW)
Minsk (SS-SW)
Mogadishu (NW)
Monaco (NE-EE)
Monrovia (NE)
Moscow (SS-SW)
Muscat (NW)
Nairobi (NN)
N'Djamena (NN)
New Delhi (WW)
Niamey (NE)
Nicosia (WW-NW)
Nouakchott (NE)
Oslo (SE)
Ouagadougou (NE)
Paris (EE-SE)
Podgorica (NN-NE)
Porto-Novo (NN)
Prague (SE)
Praia (NE)
Pristina (any)
Rabat (NE-EE)
Reykjavík (SE)
Riga (SS-SW)
Riyadh (NW)
Rome (NE-EE)
San Marino (NE-EE)
Sana'a (NW)
São Tomé (NN)
Sarajevo (any)
Skopje (NW-NN)
Sofia (NW-NN)
Stockholm (SE)
Tallinn (SS-SW)
Tashkent (WW)
Tbilisi (WW-NW)
Tehran (WW-NW)
Tirana (NN-NE)
Tripoli (NN-NE)
Tunis (NN-NE)
Vaduz (EE-SE)
Valletta (NN-NE)
Vatican City (NE-EE)
Vienna (SE)
Vilnius (SS-SW)
Warsaw (SS-SW)
Yamoussoukro (NE)
Yaoundé (NN)
Yerevan (WW-NW)
Zagreb (EE-SE)
Belgrade
98%
Abu Dhabi (NW)
Abuja (NN)
Accra (NN)
Addis Ababa (NW)
Algiers (NN-NE)
Amman (WW-NW)
Amsterdam (SE)
Andorra la Vella (NE-EE)
Ankara (WW-NW)
Ashgabat (WW)
Asmara (NW)
Astana (WW)
Athens (NW-NN)
Baghdad (WW-NW)
Baku (WW-NW)
Bamako (NE)
Bangui (NN)
Banjul (NE)
Beirut (WW-NW)
Belgrade (WW-NW)
Berlin (SE)
Bern (EE-SE)
Bishkek (WW)
Bissau (NE)
Bratislava (SS-SW)
Brazzaville (NN)
Brussels (EE-SE)
Bucharest (WW-NW)
Budapest (SW-WW)
Bujumbura (NN)
Cairo (NW-NN)
Chișinău (SW-WW)
Conakry (NE)
Copenhagen (SE)
Dakar (NE)
Damascus (WW-NW)
Djibouti (NW)
Doha (NW)
Dublin (EE-SE)
Dushanbe (WW)
Freetown (NE)
Helsinki (SS-SW)
Islamabad (WW)
Jerusalem (WW-NW)
Juba (NN)
Kabul (WW)
Kampala (NN)
Khartoum (NW)
Kiev (SW-WW)
Kigali (NN)
Kinshasa (NN)
Kuwait City (NW)
Libreville (NN)
Lisbon (NE-EE)
Lomé (NN)
London (EE-SE)
Luxembourg (EE-SE)
Madrid (NE-EE)
Malabo (NN)
Manama (NW)
Minsk (SW-WW)
Mogadishu (NW)
Monaco (NE-EE)
Monrovia (NE)
Moscow (SW-WW)
Muscat (NW)
Nairobi (NW)
N'Djamena (NN)
New Delhi (WW)
Niamey (NN)
Nicosia (WW-NW)
Nouakchott (NE)
Oslo (SE)
Ouagadougou (NN)
Paris (EE-SE)
Podgorica (NW-NN)
Porto-Novo (NN)
Prague (SE)
Praia (NE)
Pristina (WW-NW)
Rabat (NE-EE)
Reykjavík (SE)
Riga (SS-SW)
Riyadh (NW)
Rome (NN-NE)
San Marino (NN-NE)
Sana'a (NW)
São Tomé (NN)
Sarajevo (WW-NW)
Skopje (WW-NW)
Sofia (WW-NW)
Stockholm (SS-SW)
Tallinn (SS-SW)
Tashkent (WW)
Tbilisi (WW-NW)
Tehran (WW)
Tirana (NW-NN)
Tripoli (NN-NE)
Tunis (NN-NE)
Vaduz (EE-SE)
Valletta (NW-NN)
Vatican City (NN-NE)
Vienna (SS-SW)
Vilnius (SS-SW)
Warsaw (SS-SW)
Yamoussoukro (NE)
Yaoundé (NN)
Yerevan (WW-NW)
Zagreb (any)
Ljubljana
98%
Abu Dhabi (NW)
Abuja (NN)
Accra (NN)
Addis Ababa (NW)
Algiers (NW-NN)
Amman (NW)
Amsterdam (SW-WW)
Andorra la Vella (NW-NN)
Ankara (WW-NW)
Ashgabat (WW)
Asmara (NW)
Astana (WW)
Athens (WW-NW)
Baghdad (NW)
Baku (WW)
Bamako (NN)
Bangui (NN)
Banjul (NN)
Beirut (NW)
Belgrade (WW-NW)
Berlin (SW-WW)
Bern (WW-NW)
Bishkek (WW)
Bissau (NN)
Bratislava (WW-NW)
Brussels (WW-NW)
Bucharest (WW-NW)
Budapest (WW-NW)
Cairo (NW)
Chișinău (WW-NW)
Conakry (NN)
Copenhagen (SW-WW)
Dakar (NN)
Damascus (NW)
Djibouti (NW)
Doha (NW)
Dublin (EE-SE)
Dushanbe (WW)
Freetown (NN)
Helsinki (SW-WW)
Jerusalem (NW)
Juba (NW)
Kabul (WW)
Khartoum (NW)
Kiev (WW-NW)
Kuwait City (NW)
Libreville (NN)
Lisbon (NN-NE)
Ljubljana (WW-NW)
Lomé (NN)
Luxembourg (WW-NW)
Madrid (NN-NE)
Malabo (NN)
Manama (NW)
Minsk (SW-WW)
Monaco (NW-NN)
Monrovia (NN)
Moscow (SW-WW)
Muscat (NW)
N'Djamena (NN)
Niamey (NN)
Nicosia (NW)
Nouakchott (NN)
Oslo (SS-SW)
Ottawa (EE)
Ouagadougou (NN)
Paris (NW-NN)
Podgorica (WW-NW)
Porto-Novo (NN)
Prague (WW-NW)
Praia (NE)
Pristina (WW-NW)
Rabat (NN-NE)
Reykjavík (SE)
Riga (SW-WW)
Riyadh (NW)
Rome (NW-NN)
San Marino (WW-NW)
Sana'a (NW)
São Tomé (NN)
Sarajevo (WW-NW)
Skopje (WW-NW)
Sofia (WW-NW)
Stockholm (SW-WW)
Tallinn (SW-WW)
Tashkent (WW)
Tbilisi (WW)
Tehran (NW)
Tirana (WW-NW)
Tripoli (NW-NN)
Tunis (NW-NN)
Vaduz (WW-NW)
Valletta (NW-NN)
Vatican City (NW-NN)
Vienna (WW-NW)
Vilnius (SW-WW)
Warsaw (SW-WW)
Washington D.C. (EE)
Yamoussoukro (NN)
Yaoundé (NN)
Yerevan (WW)
Zagreb (WW-NW)
London
98%
Abu Dhabi (NW)
Abuja (NN)
Accra (NN)
Addis Ababa (NW)
Algiers (NN-NE)
Amman (WW-NW)
Amsterdam (SE)
Andorra la Vella (NE-EE)
Ankara (WW-NW)
Ashgabat (WW)
Asmara (NW)
Astana (WW)
Athens (WW-NW)
Baghdad (WW)
Baku (WW)
Bamako (NE)
Bangui (NN)
Banjul (NE)
Beirut (WW-NW)
Belgrade (SW-WW)
Berlin (SS-SW)
Bern (SS-SW)
Bishkek (WW)
Bissau (NE)
Bratislava (SW-WW)
Brazzaville (NN)
Brussels (SE)
Bucharest (SW-WW)
Budapest (SW-WW)
Bujumbura (NW)
Cairo (WW-NW)
Chișinău (SW-WW)
Conakry (NE)
Copenhagen (SS-SW)
Dakar (NE)
Damascus (WW-NW)
Djibouti (NW)
Doha (NW)
Dublin (SE)
Dushanbe (WW)
Freetown (NE)
Helsinki (SS-SW)
Islamabad (WW)
Jerusalem (WW-NW)
Juba (NW)
Kabul (WW)
Kampala (NW)
Khartoum (NW)
Kiev (SW-WW)
Kigali (NW)
Kinshasa (NN)
Kuwait City (NW)
Libreville (NN)
Lisbon (NE-EE)
Ljubljana (SW-WW)
Lomé (NN)
London (SE)
Luanda (NN)
Luxembourg (SE)
Madrid (NE-EE)
Malabo (NN)
Manama (NW)
Minsk (SW-WW)
Mogadishu (NW)
Monrovia (NE)
Moscow (SW-WW)
Muscat (NW)
Nairobi (NW)
N'Djamena (NN)
Niamey (NN)
Nicosia (WW-NW)
Nouakchott (NE)
Oslo (SS-SW)
Ouagadougou (NN)
Paris (SE)
Podgorica (WW-NW)
Porto-Novo (NN)
Prague (SS-SW)
Praia (NE)
Pristina (WW-NW)
Rabat (NE-EE)
Reykjavík (SE)
Riga (SS-SW)
Riyadh (NW)
Rome (WW-NW)
San Marino (SW-WW)
Sana'a (NW)
São Tomé (NN)
Sarajevo (SW-WW)
Skopje (WW-NW)
Sofia (WW-NW)
Stockholm (SS-SW)
Tallinn (SS-SW)
Tashkent (WW)
Tbilisi (WW)
Tehran (WW)
Tirana (WW-NW)
Tripoli (NW-NN)
Tunis (NW-NN)
Vaduz (SS-SW)
Valletta (NW-NN)
Vatican City (WW-NW)
Vienna (SW-WW)
Vilnius (SW-WW)
Warsaw (SW-WW)
Yamoussoukro (NN)
Yaoundé (NN)
Yerevan (WW)
Zagreb (SW-WW)
Monaco
98%
Abu Dhabi (NW)
Abuja (NN)
Accra (NE)
Addis Ababa (NW)
Algiers (NE-EE)
Amman (WW-NW)
Amsterdam (SE)
Andorra la Vella (EE-SE)
Ankara (WW-NW)
Ashgabat (WW)
Asmara (NW)
Astana (WW)
Athens (NW-NN)
Baghdad (WW-NW)
Baku (WW-NW)
Bamako (NE)
Bangui (NN)
Banjul (NE)
Beirut (WW-NW)
Belgrade (SS-SW)
Berlin (SE)
Bern (EE-SE)
Bishkek (WW)
Bissau (NE)
Bratislava (SE)
Brazzaville (NN)
Brussels (EE-SE)
Bucharest (SW-WW)
Budapest (SE)
Bujumbura (NN)
Cairo (NW-NN)
Chișinău (SW-WW)
Conakry (NE)
Copenhagen (SE)
Dakar (NE)
Damascus (WW-NW)
Djibouti (NW)
Dodoma (NN)
Doha (NW)
Dublin (EE-SE)
Dushanbe (WW)
Freetown (NE)
Helsinki (SS-SW)
Islamabad (WW)
Jerusalem (WW-NW)
Juba (NN)
Kabul (WW)
Kampala (NN)
Khartoum (NW)
Kiev (SS-SW)
Kigali (NN)
Kinshasa (NN)
Kuwait City (WW-NW)
Libreville (NN)
Lisbon (NE-EE)
Ljubljana (SE)
Lomé (NE)
London (EE-SE)
Luanda (NN)
Luxembourg (EE-SE)
Madrid (NE-EE)
Malabo (NN)
Manama (NW)
Minsk (SS-SW)
Mogadishu (NW)
Monaco (EE-SE)
Monrovia (NE)
Moscow (SS-SW)
Muscat (NW)
Nairobi (NN)
N'Djamena (NN)
New Delhi (WW)
Niamey (NE)
Nicosia (WW-NW)
Nouakchott (NE)
Oslo (SE)
Ouagadougou (NE)
Paris (EE-SE)
Porto-Novo (NN)
Prague (SE)
Praia (NE)
Pristina (any)
Rabat (NE-EE)
Reykjavík (SE)
Riga (SS-SW)
Riyadh (NW)
Rome (NE-EE)
San Marino (EE-SE)
Sana'a (NW)
São Tomé (NN)
Sarajevo (any)
Skopje (any)
Sofia (SW-WW)
Stockholm (SE)
Tallinn (SS-SW)
Tashkent (WW)
Tbilisi (WW-NW)
Tehran (WW-NW)
Tirana (any)
Tripoli (NN-NE)
Tunis (NE-EE)
Vaduz (EE-SE)
Valletta (NN-NE)
Vatican City (NE-EE)
Vienna (SE)
Vilnius (SS-SW)
Warsaw (SS-SW)
Yamoussoukro (NE)
Yaoundé (NN)
Yerevan (WW-NW)
Zagreb (SE)
Podgorica
98%
Abu Dhabi (NW)
Abuja (NN)
Accra (NN)
Addis Ababa (NW)
Algiers (NN-NE)
Amman (NW-NN)
Amsterdam (EE-SE)
Andorra la Vella (NE-EE)
Ankara (WW-NW)
Ashgabat (WW)
Asmara (NW)
Astana (WW)
Athens (NW-NN)
Baghdad (NW)
Baku (WW-NW)
Bamako (NE)
Bangui (NN)
Banjul (NE)
Beirut (NW-NN)
Belgrade (NW-NN)
Berlin (SE)
Bern (NE-EE)
Bishkek (WW)
Bissau (NE)
Bratislava (NW-NN)
Brussels (EE-SE)
Bucharest (WW-NW)
Budapest (WW-NW)
Cairo (NW-NN)
Chișinău (WW-NW)
Conakry (NE)
Copenhagen (SE)
Dakar (NE)
Damascus (NW-NN)
Djibouti (NW)
Doha (NW)
Dublin (EE-SE)
Dushanbe (WW)
Freetown (NE)
Helsinki (SS-SW)
Islamabad (WW)
Jerusalem (NW-NN)
Juba (NN)
Kabul (WW)
Kampala (NN)
Khartoum (NW)
Kiev (SW-WW)
Kigali (NN)
Kuwait City (NW)
Libreville (NN)
Lisbon (NE-EE)
Ljubljana (NW-NN)
Lomé (NN)
London (EE-SE)
Luxembourg (NE-EE)
Madrid (NE-EE)
Malabo (NN)
Manama (NW)
Minsk (SW-WW)
Monaco (NN-NE)
Monrovia (NE)
Moscow (SW-WW)
Muscat (NW)
N'Djamena (NN)
New Delhi (NW)
Niamey (NN)
Nicosia (NW-NN)
Nouakchott (NE)
Oslo (SE)
Ouagadougou (NN)
Paris (NE-EE)
Podgorica (NW-NN)
Porto-Novo (NN)
Praia (NE)
Pristina (NW-NN)
Rabat (NN-NE)
Reykjavík (EE-SE)
Riga (SS-SW)
Riyadh (NW)
Rome (NN-NE)
San Marino (NN-NE)
Sana'a (NW)
São Tomé (NN)
Sarajevo (NW-NN)
Skopje (NW-NN)
Sofia (NW-NN)
Stockholm (SS-SW)
Tallinn (SS-SW)
Tashkent (WW)
Tbilisi (WW-NW)
Tehran (NW)
Tirana (NW-NN)
Tripoli (NN-NE)
Tunis (NN-NE)
Vaduz (NE-EE)
Valletta (NW-NN)
Vatican City (NN-NE)
Vienna (NW-NN)
Vilnius (SW-WW)
Warsaw (SW-WW)
Yamoussoukro (NN)
Yaoundé (NN)
Yerevan (WW-NW)
Zagreb (NW-NN)
Prague
98%
Abu Dhabi (NW)
Abuja (NN)
Accra (NN)
Addis Ababa (NW)
Algiers (NE-EE)
Amman (WW-NW)
Amsterdam (SE)
Andorra la Vella (EE-SE)
Ankara (WW-NW)
Ashgabat (WW)
Asmara (NW)
Astana (WW)
Athens (WW-NW)
Baghdad (WW-NW)
Baku (WW)
Bamako (NE)
Bangui (NN)
Banjul (NE)
Beirut (WW-NW)
Belgrade (SW-WW)
Berlin (SS-SW)
Bern (SE)
Bishkek (WW)
Bissau (NE)
Bratislava (SS-SW)
Brazzaville (NN)
Brussels (SE)
Bucharest (SW-WW)
Budapest (SS-SW)
Bujumbura (NN)
Cairo (WW-NW)
Chișinău (SW-WW)
Conakry (NE)
Copenhagen (SS-SW)
Dakar (NE)
Damascus (WW-NW)
Djibouti (NW)
Dodoma (NW)
Doha (NW)
Dublin (EE-SE)
Dushanbe (WW)
Freetown (NE)
Helsinki (SS-SW)
Islamabad (WW)
Jerusalem (WW-NW)
Juba (NW)
Kabul (WW)
Kampala (NW)
Khartoum (NW)
Kiev (SW-WW)
Kigali (NN)
Kinshasa (NN)
Kuwait City (NW)
Libreville (NN)
Lisbon (NE-EE)
Ljubljana (SS-SW)
Lomé (NN)
London (SE)
Luanda (NN)
Luxembourg (SE)
Madrid (NE-EE)
Malabo (NN)
Manama (NW)
Minsk (SS-SW)
Mogadishu (NW)
Monaco (EE-SE)
Monrovia (NE)
Moscow (SW-WW)
Muscat (NW)
Nairobi (NW)
N'Djamena (NN)
New Delhi (WW)
Niamey (NN)
Nicosia (WW-NW)
Nouakchott (NE)
Oslo (SE)
Ouagadougou (NE)
Paris (EE-SE)
Podgorica (SW-WW)
Porto-Novo (NN)
Prague (SS-SW)
Praia (NE)
Pristina (SW-WW)
Rabat (NE-EE)
Reykjavík (SE)
Riga (SS-SW)
Riyadh (NW)
San Marino (any)
Sana'a (NW)
São Tomé (NN)
Sarajevo (SW-WW)
Skopje (SW-WW)
Sofia (SW-WW)
Stockholm (SS-SW)
Tallinn (SS-SW)
Tashkent (WW)
Tbilisi (WW-NW)
Tehran (WW)
Tirana (WW-NW)
Tripoli (NW-NN)
Tunis (NN-NE)
Vaduz (SE)
Valletta (NW-NN)
Vatican City (any)
Vienna (SS-SW)
Vilnius (SS-SW)
Warsaw (SS-SW)
Yamoussoukro (NE)
Yaoundé (NN)
Yerevan (WW-NW)
Zagreb (SS-SW)
Rome
98%
Abu Dhabi (NW)
Abuja (NN)
Accra (NN)
Addis Ababa (NW)
Algiers (NN-NE)
Amman (WW-NW)
Amsterdam (SE)
Andorra la Vella (NE-EE)
Ankara (WW-NW)
Ashgabat (WW)
Asmara (NW)
Astana (WW)
Athens (WW-NW)
Baghdad (WW-NW)
Baku (WW)
Bamako (NE)
Bangui (NN)
Banjul (NE)
Beirut (WW-NW)
Belgrade (SW-WW)
Berlin (SS-SW)
Bern (EE-SE)
Bishkek (WW)
Bissau (NE)
Bratislava (SS-SW)
Brazzaville (NN)
Brussels (SE)
Bucharest (SW-WW)
Budapest (SW-WW)
Bujumbura (NN)
Cairo (WW-NW)
Chișinău (SW-WW)
Conakry (NE)
Copenhagen (SS-SW)
Dakar (NE)
Damascus (WW-NW)
Djibouti (NW)
Doha (NW)
Dublin (EE-SE)
Dushanbe (WW)
Freetown (NE)
Helsinki (SS-SW)
Islamabad (WW)
Jerusalem (WW-NW)
Juba (NW)
Kabul (WW)
Kampala (NN)
Khartoum (NW)
Kiev (SW-WW)
Kigali (NN)
Kinshasa (NN)
Kuwait City (NW)
Libreville (NN)
Lisbon (NE-EE)
Ljubljana (SS-SW)
Lomé (NN)
London (EE-SE)
Luanda (NN)
Luxembourg (SE)
Madrid (NE-EE)
Malabo (NN)
Manama (NW)
Minsk (SS-SW)
Mogadishu (NW)
Monaco (NE-EE)
Monrovia (NE)
Moscow (SW-WW)
Muscat (NW)
Nairobi (NW)
N'Djamena (NN)
New Delhi (WW)
Niamey (NN)
Nicosia (WW-NW)
Nouakchott (NE)
Oslo (SE)
Ouagadougou (NN)
Paris (EE-SE)
Podgorica (WW-NW)
Porto-Novo (NN)
Prague (SS-SW)
Praia (NE)
Pristina (WW-NW)
Rabat (NE-EE)
Reykjavík (SE)
Riga (SS-SW)
Riyadh (NW)
Rome (any)
Sana'a (NW)
São Tomé (NN)
Sarajevo (WW-NW)
Skopje (WW-NW)
Sofia (WW-NW)
Stockholm (SS-SW)
Tallinn (SS-SW)
Tashkent (WW)
Tbilisi (WW-NW)
Tehran (WW)
Tirana (WW-NW)
Tripoli (NW-NN)
Tunis (NN-NE)
Vaduz (SE)
Valletta (NW-NN)
Vatican City (any)
Vienna (SS-SW)
Vilnius (SS-SW)
Warsaw (SS-SW)
Yamoussoukro (NE)
Yaoundé (NN)
Yerevan (WW-NW)
Zagreb (SW-WW)
San Marino
98%
Abu Dhabi (NW)
Abuja (NN)
Accra (NE)
Addis Ababa (NW)
Algiers (NE-EE)
Amman (WW-NW)
Amsterdam (EE-SE)
Andorra la Vella (NE-EE)
Ankara (WW-NW)
Ashgabat (WW)
Asmara (NW)
Astana (WW)
Athens (NW-NN)
Baghdad (WW-NW)
Baku (WW-NW)
Bamako (NE)
Bangui (NN)
Banjul (NE)
Beirut (WW-NW)
Belgrade (any)
Berlin (SE)
Bern (EE-SE)
Bishkek (WW)
Bissau (NE)
Bratislava (SE)
Brazzaville (NN)
Brussels (EE-SE)
Bucharest (SW-WW)
Budapest (SS-SW)
Bujumbura (NN)
Cairo (NW-NN)
Chișinău (SW-WW)
Conakry (NE)
Copenhagen (SE)
Dakar (NE)
Damascus (WW-NW)
Djibouti (NW)
Dodoma (NN)
Doha (NW)
Dublin (EE-SE)
Dushanbe (WW)
Freetown (NE)
Helsinki (SS-SW)
Islamabad (WW)
Jerusalem (WW-NW)
Juba (NN)
Kabul (WW)
Kampala (NN)
Khartoum (NW)
Kiev (SW-WW)
Kigali (NN)
Kinshasa (NN)
Kuwait City (NW)
Libreville (NN)
Lisbon (NE-EE)
Ljubljana (EE-SE)
Lomé (NN)
London (EE-SE)
Luanda (NN)
Luxembourg (EE-SE)
Madrid (NE-EE)
Malabo (NN)
Manama (NW)
Minsk (SS-SW)
Mogadishu (NW)
Monaco (NE-EE)
Monrovia (NE)
Moscow (SW-WW)
Muscat (NW)
Nairobi (NN)
N'Djamena (NN)
New Delhi (WW)
Niamey (NE)
Nicosia (WW-NW)
Nouakchott (NE)
Oslo (SE)
Ouagadougou (NE)
Paris (EE-SE)
Podgorica (any)
Porto-Novo (NN)
Prague (SE)
Praia (NE)
Pristina (WW-NW)
Rabat (NE-EE)
Reykjavík (SE)
Riga (SS-SW)
Riyadh (NW)
Rome (NE-EE)
San Marino (EE-SE)
Sana'a (NW)
São Tomé (NN)
Skopje (WW-NW)
Sofia (WW-NW)
Stockholm (SE)
Tallinn (SS-SW)
Tashkent (WW)
Tbilisi (WW-NW)
Tehran (WW-NW)
Tirana (NW-NN)
Tripoli (NN-NE)
Tunis (NN-NE)
Vaduz (EE-SE)
Valletta (NN-NE)
Vatican City (NE-EE)
Vienna (SE)
Vilnius (SS-SW)
Warsaw (SS-SW)
Yamoussoukro (NE)
Yaoundé (NN)
Yerevan (WW-NW)
Zagreb (SE)
Sarajevo
98%
Abu Dhabi (NW)
Abuja (NN)
Accra (NE)
Addis Ababa (NW)
Algiers (NE-EE)
Amman (WW-NW)
Amsterdam (SE)
Andorra la Vella (EE-SE)
Ankara (WW-NW)
Ashgabat (WW)
Asmara (NW)
Astana (WW)
Athens (NW-NN)
Baghdad (WW-NW)
Baku (WW-NW)
Bamako (NE)
Bangui (NN)
Banjul (NE)
Beirut (WW-NW)
Belgrade (SS-SW)
Berlin (SE)
Bern (EE-SE)
Bishkek (WW)
Bissau (NE)
Bratislava (SE)
Brazzaville (NN)
Brussels (EE-SE)
Bucharest (SW-WW)
Budapest (SE)
Bujumbura (NN)
Cairo (NW-NN)
Chișinău (SW-WW)
Conakry (NE)
Copenhagen (SE)
Dakar (NE)
Damascus (WW-NW)
Djibouti (NW)
Dodoma (NN)
Doha (NW)
Dublin (EE-SE)
Dushanbe (WW)
Freetown (NE)
Helsinki (SS-SW)
Islamabad (WW)
Jerusalem (WW-NW)
Juba (NN)
Kabul (WW)
Kampala (NN)
Khartoum (NW)
Kiev (SS-SW)
Kigali (NN)
Kinshasa (NN)
Kuwait City (WW-NW)
Libreville (NN)
Lisbon (NE-EE)
Ljubljana (SE)
Lomé (NE)
London (EE-SE)
Luanda (NN)
Luxembourg (EE-SE)
Madrid (NE-EE)
Malabo (NN)
Manama (NW)
Minsk (SS-SW)
Mogadishu (NW)
Monaco (EE-SE)
Monrovia (NE)
Moscow (SS-SW)
Muscat (NW)
Nairobi (NN)
N'Djamena (NN)
New Delhi (WW)
Niamey (NE)
Nicosia (WW-NW)
Nouakchott (NE)
Oslo (SE)
Ouagadougou (NE)
Paris (EE-SE)
Podgorica (any)
Porto-Novo (NE)
Prague (SE)
Praia (NE)
Pristina (any)
Rabat (NE-EE)
Reykjavík (SE)
Riga (SS-SW)
Riyadh (NW)
Rome (EE-SE)
San Marino (EE-SE)
Sana'a (NW)
São Tomé (NN)
Sarajevo (SE)
Skopje (any)
Sofia (SW-WW)
Stockholm (SE)
Tallinn (SS-SW)
Tashkent (WW)
Tbilisi (SW-WW)
Tehran (WW-NW)
Tripoli (NN-NE)
Tunis (NE-EE)
Vaduz (EE-SE)
Valletta (NN-NE)
Vatican City (EE-SE)
Vienna (SE)
Vilnius (SS-SW)
Warsaw (SS-SW)
Yamoussoukro (NE)
Yaoundé (NN)
Yerevan (WW-NW)
Zagreb (SE)
Tirana
98%
Abu Dhabi (NW)
Abuja (NN)
Accra (NN)
Addis Ababa (NW)
Algiers (NE-EE)
Amman (WW-NW)
Amsterdam (SE)
Andorra la Vella (EE-SE)
Ankara (WW-NW)
Ashgabat (WW)
Asmara (NW)
Astana (WW)
Athens (WW-NW)
Baghdad (WW-NW)
Baku (WW)
Bamako (NE)
Bangui (NN)
Banjul (NE)
Beirut (WW-NW)
Belgrade (SW-WW)
Berlin (SS-SW)
Bern (SE)
Bishkek (WW)
Bissau (NE)
Bratislava (SS-SW)
Brazzaville (NN)
Brussels (SE)
Bucharest (SW-WW)
Budapest (SS-SW)
Bujumbura (NN)
Cairo (WW-NW)
Chișinău (SW-WW)
Conakry (NE)
Copenhagen (SS-SW)
Dakar (NE)
Damascus (WW-NW)
Djibouti (NW)
Dodoma (NW)
Doha (NW)
Dublin (EE-SE)
Dushanbe (WW)
Freetown (NE)
Helsinki (SS-SW)
Islamabad (WW)
Jerusalem (WW-NW)
Juba (NW)
Kabul (WW)
Kampala (NW)
Khartoum (NW)
Kiev (SW-WW)
Kigali (NN)
Kinshasa (NN)
Kuwait City (NW)
Libreville (NN)
Lisbon (NE-EE)
Ljubljana (SS-SW)
Lomé (NN)
London (SE)
Luanda (NN)
Luxembourg (SE)
Madrid (NE-EE)
Malabo (NN)
Manama (NW)
Minsk (SS-SW)
Mogadishu (NW)
Monaco (EE-SE)
Monrovia (NE)
Moscow (SW-WW)
Muscat (NW)
Nairobi (NW)
N'Djamena (NN)
New Delhi (WW)
Niamey (NN)
Nicosia (WW-NW)
Nouakchott (NE)
Oslo (SE)
Ouagadougou (NE)
Paris (EE-SE)
Podgorica (SW-WW)
Porto-Novo (NN)
Prague (SS-SW)
Praia (NE)
Pristina (SW-WW)
Rabat (NE-EE)
Reykjavík (SE)
Riga (SS-SW)
Riyadh (NW)
Rome (any)
San Marino (any)
Sana'a (NW)
São Tomé (NN)
Sarajevo (SW-WW)
Skopje (SW-WW)
Sofia (SW-WW)
Stockholm (SS-SW)
Tallinn (SS-SW)
Tashkent (WW)
Tbilisi (WW-NW)
Tehran (WW)
Tirana (WW-NW)
Tripoli (NW-NN)
Tunis (NN-NE)
Vaduz (SE)
Valletta (NW-NN)
Vienna (SS-SW)
Vilnius (SS-SW)
Warsaw (SS-SW)
Yamoussoukro (NE)
Yaoundé (NN)
Yerevan (WW-NW)
Zagreb (SS-SW)
Vatican City
98%
Abu Dhabi (NW)
Abuja (NN)
Accra (NN)
Addis Ababa (NN)
Algiers (NN-NE)
Amman (NW-NN)
Amsterdam (EE-SE)
Andorra la Vella (NE-EE)
Ankara (NW-NN)
Ashgabat (NW)
Asmara (NN)
Astana (WW)
Athens (NW-NN)
Baghdad (NW-NN)
Baku (WW-NW)
Bamako (NE)
Bangui (NN)
Banjul (NE)
Beirut (NW-NN)
Belgrade (NN-NE)
Berlin (EE-SE)
Bern (NE-EE)
Bishkek (WW)
Bissau (NE)
Bratislava (NN-NE)
Brussels (NE-EE)
Bucharest (NW-NN)
Budapest (NN-NE)
Cairo (NW-NN)
Chișinău (NW-NN)
Conakry (NE)
Copenhagen (EE-SE)
Dakar (NE)
Damascus (NW-NN)
Djibouti (NW)
Doha (NW)
Dublin (EE-SE)
Dushanbe (WW)
Freetown (NE)
Helsinki (SS-SW)
Islamabad (NW)
Jerusalem (NW-NN)
Juba (NN)
Kabul (NW)
Kampala (NN)
Kathmandu (NW)
Khartoum (NN)
Kiev (WW-NW)
Kuwait City (NW)
Libreville (NN)
Lisbon (NE-EE)
Ljubljana (NN-NE)
Lomé (NN)
London (NE-EE)
Luxembourg (NE-EE)
Madrid (NE-EE)
Malabo (NN)
Manama (NW)
Minsk (SW-WW)
Monaco (NE-EE)
Monrovia (NE)
Moscow (SW-WW)
Muscat (NW)
N'Djamena (NN)
New Delhi (NW)
Niamey (NN)
Nicosia (NW-NN)
Nouakchott (NE)
Oslo (SE)
Ouagadougou (NE)
Paris (NE-EE)
Podgorica (NN-NE)
Porto-Novo (NN)
Prague (NE-EE)
Praia (NE)
Pristina (NW-NN)
Rabat (NE)
Reykjavík (EE-SE)
Riga (SS-SW)
Riyadh (NW)
Rome (NN-NE)
San Marino (NN-NE)
Sana'a (NW)
São Tomé (NN)
Sarajevo (NN-NE)
Skopje (NW-NN)
Sofia (NW-NN)
Stockholm (SE)
Tallinn (SS-SW)
Tashkent (WW)
Tbilisi (WW-NW)
Tehran (NW)
Tirana (NN-NE)
Tripoli (NN-NE)
Tunis (NN-NE)
Ulaanbaatar (WW)
Vaduz (NE-EE)
Valletta (NN-NE)
Vatican City (NN-NE)
Vienna (NN-NE)
Vilnius (SW-WW)
Yamoussoukro (NE)
Yaoundé (NN)
Yerevan (WW-NW)
Zagreb (NN-NE)
Warsaw
98%
Abu Dhabi (NW)
Abuja (NN)
Accra (NN)
Addis Ababa (NW)
Algiers (NE-EE)
Amman (WW-NW)
Amsterdam (EE-SE)
Andorra la Vella (NE-EE)
Ankara (WW-NW)
Ashgabat (WW)
Asmara (NW)
Astana (WW)
Athens (NW-NN)
Baghdad (WW-NW)
Baku (WW-NW)
Bamako (NE)
Bangui (NN)
Banjul (NE)
Beirut (WW-NW)
Belgrade (WW-NW)
Berlin (SE)
Bern (EE-SE)
Bishkek (WW)
Bissau (NE)
Bratislava (SS-SW)
Brazzaville (NN)
Brussels (EE-SE)
Bucharest (WW-NW)
Budapest (SW-WW)
Bujumbura (NN)
Cairo (NW-NN)
Chișinău (SW-WW)
Conakry (NE)
Copenhagen (SE)
Dakar (NE)
Damascus (WW-NW)
Djibouti (NW)
Doha (NW)
Dublin (EE-SE)
Dushanbe (WW)
Freetown (NE)
Helsinki (SS-SW)
Islamabad (WW)
Jerusalem (WW-NW)
Juba (NN)
Kabul (WW)
Kampala (NN)
Khartoum (NW)
Kiev (SW-WW)
Kigali (NN)
Kinshasa (NN)
Kuwait City (NW)
Libreville (NN)
Lisbon (NE-EE)
Ljubljana (any)
Lomé (NN)
London (EE-SE)
Luxembourg (EE-SE)
Madrid (NE-EE)
Malabo (NN)
Manama (NW)
Minsk (SS-SW)
Mogadishu (NW)
Monaco (NE-EE)
Monrovia (NE)
Moscow (SW-WW)
Muscat (NW)
Nairobi (NN)
N'Djamena (NN)
New Delhi (WW)
Niamey (NN)
Nicosia (WW-NW)
Nouakchott (NE)
Oslo (SE)
Ouagadougou (NE)
Paris (EE-SE)
Podgorica (NW-NN)
Porto-Novo (NN)
Prague (SE)
Praia (NE)
Pristina (WW-NW)
Rabat (NE-EE)
Reykjavík (SE)
Riga (SS-SW)
Riyadh (NW)
Rome (NN-NE)
San Marino (NE-EE)
Sana'a (NW)
São Tomé (NN)
Sarajevo (NW-NN)
Skopje (WW-NW)
Sofia (WW-NW)
Stockholm (SS-SW)
Tallinn (SS-SW)
Tashkent (WW)
Tbilisi (WW-NW)
Tehran (WW)
Tirana (NW-NN)
Tripoli (NN-NE)
Tunis (NN-NE)
Vaduz (EE-SE)
Valletta (NN-NE)
Vatican City (NN-NE)
Vienna (SS-SW)
Vilnius (SS-SW)
Warsaw (SS-SW)
Yamoussoukro (NE)
Yaoundé (NN)
Yerevan (WW-NW)
Zagreb
98%
Abu Dhabi (SS-SW)
Abuja (EE)
Accra (EE)
Algiers (SE)
Amman (SE)
Amsterdam (SE)
Andorra la Vella (SE)
Antananarivo (NN)
Ashgabat (SW)
Asmara (SS-SW)
Astana (SW)
Athens (SE)
Baghdad (SS-SW)
Baku (SS)
Bamako (EE)
Bangui (NE-EE)
Beirut (SE)
Belgrade (SE)
Berlin (SE)
Bern (SE)
Bishkek (SW)
Bissau (EE)
Bratislava (SE)
Brazzaville (NE-EE)
Brussels (SE)
Budapest (SE)
Bujumbura (NN-NE)
Cairo (SE)
Colombo (WW)
Conakry (EE)
Copenhagen (SE)
Damascus (SE)
Dhaka (WW)
Djibouti (SW-WW)
Dodoma (NN-NE)
Doha (SS-SW)
Dushanbe (SW)
Freetown (EE)
Gaborone (NN)
Harare (NN)
Islamabad (SW)
Jerusalem (SE)
Juba (NE-EE)
Kabul (SW)
Kampala (NN-NE)
Kathmandu (SW)
Khartoum (SE)
Kigali (NN-NE)
Kinshasa (NE-EE)
Kuwait City (SS-SW)
Libreville (EE)
Lilongwe (NN-NE)
Lisbon (SE)
Ljubljana (SE)
Lomé (EE)
London (SE)
Luanda (NE)
Lusaka (NN-NE)
Luxembourg (SE)
Madrid (SE)
Malabo (EE)
Malé (WW)
Manama (SS-SW)
Maputo (NN)
Maseru (NN)
Mbabane (NN)
Mogadishu (NW-NN)
Monaco (SE)
Monrovia (EE)
Moroni (NW-NN)
Muscat (SW-WW)
Nairobi (NN-NE)
N'Djamena (EE-SE)
New Delhi (SW)
Niamey (EE)
Nicosia (SE)
Nouakchott (EE)
Ouagadougou (EE)
Paris (SE)
Podgorica (SE)
Port Louis (NW)
Porto-Novo (EE)
Prague (SE)
Pretoria (NN)
Pristina (SE)
Rabat (SE)
Riyadh (SS-SW)
Rome (SE)
San Marino (SE)
Sana'a (SS-SW)
São Tomé (EE)
Sarajevo (SE)
Skopje (SE)
Tashkent (SW)
Tbilisi (SS)
Tehran (SW)
Thimphu (WW)
Tirana (SE)
Tripoli (SE)
Tunis (SE)
Vaduz (SE)
Valletta (SE)
Vatican City (SE)
Victoria (WW-NW)
Vienna (SE)
Windhoek (NE)
Yamoussoukro (EE)
Yaoundé (EE)
Yerevan (SS)
Zagreb (SE)
Addis Ababa
97%
Abu Dhabi (WW-NW)
Abuja (NE)
Accra (NE)
Addis Ababa (NW-NN)
Algiers (EE)
Amsterdam (SE)
Andorra la Vella (EE)
Ankara (SE)
Antananarivo (NN)
Ashgabat (SW-WW)
Asmara (NW-NN)
Astana (SW)
Athens (EE-SE)
Baghdad (SW-WW)
Baku (SW-WW)
Bamako (NE)
Bangui (NE)
Banjul (EE)
Beirut (any)
Belgrade (SE)
Berlin (SE)
Bern (EE-SE)
Bishkek (WW)
Bissau (NE)
Bratislava (SE)
Brazzaville (NE)
Brussels (SE)
Bucharest (SE)
Budapest (SE)
Bujumbura (NN)
Cairo (NE-EE)
Chișinău (SE)
Colombo (NW)
Conakry (NE)
Copenhagen (SE)
Dakar (EE)
Damascus (any)
Dhaka (WW)
Djibouti (NW-NN)
Dodoma (NN)
Doha (WW-NW)
Dublin (SE)
Dushanbe (WW)
Freetown (NE)
Harare (NN)
Islamabad (WW)
Jerusalem (any)
Juba (NN)
Kabul (WW)
Kampala (NN)
Kathmandu (WW)
Khartoum (NN-NE)
Kiev (SE)
Kigali (NN)
Kinshasa (NE)
Kuwait City (WW-NW)
Libreville (NE)
Lilongwe (NN)
Lisbon (EE)
Ljubljana (EE-SE)
Lomé (NE)
London (SE)
Luanda (NE)
Lusaka (NN)
Luxembourg (SE)
Madrid (EE)
Malabo (NE)
Malé (NW)
Manama (WW-NW)
Minsk (SE)
Mogadishu (NN)
Monaco (EE-SE)
Monrovia (NE)
Moroni (NN)
Moscow (SS-SW)
Muscat (WW-NW)
Nairobi (NN)
N'Djamena (NE)
New Delhi (WW)
Niamey (NE)
Nicosia (SE)
Nouakchott (EE)
Oslo (SE)
Ouagadougou (NE)
Paris (SE)
Podgorica (EE-SE)
Porto-Novo (NE)
Prague (SE)
Pristina (EE-SE)
Rabat (EE)
Reykjavík (SE)
Riga (SE)
Riyadh (WW-NW)
Rome (EE-SE)
San Marino (EE-SE)
Sana'a (NW-NN)
São Tomé (NE)
Sarajevo (EE-SE)
Skopje (EE-SE)
Sofia (SE)
Stockholm (SE)
Tashkent (WW)
Tbilisi (SS-SW)
Tehran (SW-WW)
Thimphu (WW)
Tirana (EE-SE)
Tripoli (EE-SE)
Tunis (EE-SE)
Vaduz (EE-SE)
Valletta (EE-SE)
Vatican City (EE-SE)
Victoria (NW)
Vienna (SE)
Vilnius (SE)
Warsaw (SE)
Yamoussoukro (NE)
Yaoundé (NE)
Yerevan (SS-SW)
Zagreb (EE-SE)
Amman
97%
Abu Dhabi (WW)
Abuja (NN)
Accra (NN)
Addis Ababa (NW)
Algiers (NW-NN)
Amman (WW)
Amsterdam (SS-SW)
Ankara (WW-NW)
Ashgabat (WW)
Asmara (NW)
Astana (WW)
Athens (WW-NW)
Baghdad (WW)
Baku (WW)
Bamako (NN)
Bangui (NN)
Banjul (NE)
Beirut (WW)
Belgrade (SW-WW)
Berlin (SS-SW)
Bern (SS-SW)
Bishkek (WW)
Bissau (NE)
Bratislava (SW-WW)
Brazzaville (NN)
Brussels (SS-SW)
Bucharest (SW-WW)
Budapest (SW-WW)
Bujumbura (NW)
Cairo (WW-NW)
Chișinău (SW-WW)
Conakry (NN)
Copenhagen (SS-SW)
Dakar (NE)
Damascus (WW)
Djibouti (NW)
Doha (NW)
Dublin (SE)
Dushanbe (WW)
Freetown (NN)
Helsinki (SS-SW)
Jerusalem (WW)
Juba (NW)
Kabul (WW)
Kampala (NW)
Khartoum (NW)
Kiev (SW-WW)
Kigali (NW)
Kinshasa (NN)
Kuwait City (WW)
Libreville (NN)
Lisbon (NE-EE)
Ljubljana (SW-WW)
Lomé (NN)
London (SE)
Luanda (NN)
Luxembourg (SS-SW)
Madrid (NE-EE)
Malabo (NN)
Manama (WW)
Minsk (SW-WW)
Monaco (SW-WW)
Monrovia (NN)
Moscow (SW-WW)
Muscat (WW)
N'Djamena (NN)
Niamey (NN)
Nicosia (WW-NW)
Nouakchott (NE)
Oslo (SS-SW)
Ottawa (EE)
Ouagadougou (NN)
Paris (SS-SW)
Podgorica (WW-NW)
Porto-Novo (NN)
Prague (SW-WW)
Praia (NE)
Pristina (SW-WW)
Rabat (NN-NE)
Reykjavík (SE)
Riga (SW-WW)
Riyadh (NW)
Rome (WW-NW)
San Marino (SW-WW)
Sana'a (NW)
São Tomé (NN)
Sarajevo (SW-WW)
Skopje (WW-NW)
Sofia (SW-WW)
Stockholm (SS-SW)
Tallinn (SS-SW)
Tashkent (WW)
Tbilisi (WW)
Tehran (WW)
Tirana (WW-NW)
Tripoli (NW-NN)
Tunis (WW-NW)
Vaduz (SW-WW)
Valletta (WW-NW)
Vatican City (WW-NW)
Vienna (SW-WW)
Vilnius (SW-WW)
Warsaw (SW-WW)
Yamoussoukro (NN)
Yaoundé (NN)
Yerevan (WW)
Zagreb (SW-WW)
Andorra la Vella
97%
Abu Dhabi (NW-NN)
Abuja (NE)
Accra (NE)
Addis Ababa (NN-NE)
Algiers (EE)
Amman (NE-EE)
Amsterdam (SE)
Andorra la Vella (EE)
Ankara (EE-SE)
Antananarivo (NN)
Ashgabat (SW-WW)
Asmara (NN-NE)
Astana (SW-WW)
Athens (EE-SE)
Baku (SS-SW)
Bamako (NE)
Bangui (NE)
Beirut (EE-SE)
Belgrade (EE-SE)
Berlin (SE)
Bern (SE)
Bishkek (SW-WW)
Bratislava (EE-SE)
Brazzaville (NE)
Brussels (SE)
Bucharest (EE-SE)
Budapest (EE-SE)
Bujumbura (NN)
Cairo (NE-EE)
Chișinău (SE)
Colombo (NW)
Copenhagen (SE)
Damascus (EE-SE)
Dhaka (WW)
Djibouti (NN-NE)
Dodoma (NN)
Doha (NW-NN)
Dublin (SE)
Dushanbe (SW-WW)
Harare (NN)
Helsinki (SE)
Islamabad (SW-WW)
Jerusalem (NE-EE)
Juba (NE)
Kabul (SW-WW)
Kampala (NN)
Kathmandu (WW)
Khartoum (NN-NE)
Kiev (SE)
Kigali (NN)
Kinshasa (NE)
Kuwait City (NW-NN)
Libreville (NE)
Lilongwe (NN)
Lisbon (EE)
Ljubljana (EE-SE)
Lomé (NE)
London (SE)
Luanda (NE)
Lusaka (NN)
Luxembourg (SE)
Madrid (EE)
Malabo (NE)
Malé (NW)
Manama (NW-NN)
Minsk (SE)
Mogadishu (NN)
Monaco (EE)
Moroni (NN)
Moscow (SE)
Muscat (WW-NW)
Nairobi (NN)
Naypyidaw (WW)
N'Djamena (NE)
New Delhi (WW)
Niamey (NE)
Nicosia (EE-SE)
Oslo (SE)
Ouagadougou (NE)
Paris (SE)
Podgorica (EE-SE)
Porto-Novo (NE)
Prague (SE)
Pristina (EE-SE)
Rabat (EE)
Reykjavík (SE)
Riga (SE)
Riyadh (NW-NN)
Rome (EE-SE)
San Marino (EE-SE)
Sana'a (NN-NE)
São Tomé (NE)
Sarajevo (EE-SE)
Skopje (EE-SE)
Sofia (EE-SE)
Stockholm (SE)
Tallinn (SE)
Tashkent (SW-WW)
Tbilisi (SS-SW)
Tehran (SW-WW)
Thimphu (WW)
Tirana (EE-SE)
Tripoli (NE-EE)
Tunis (EE)
Ulaanbaatar (WW)
Vaduz (SE)
Valletta (EE-SE)
Vatican City (EE-SE)
Victoria (NN)
Vienna (EE-SE)
Vilnius (SE)
Warsaw (SE)
Yamoussoukro (NE)
Yaoundé (NE)
Yerevan (SS-SW)
Zagreb (EE-SE)
Baghdad
97%
Abu Dhabi (NW-NN)
Abuja (NE)
Addis Ababa (NN)
Algiers (EE)
Amman (NE-EE)
Amsterdam (EE)
Andorra la Vella (EE)
Ankara (NE-EE)
Ashgabat (WW-NW)
Asmara (NN-NE)
Astana (SW-WW)
Athens (NE-EE)
Baghdad (NN-NE)
Bangkok (NW)
Bangui (NE)
Beijing (WW)
Beirut (NE-EE)
Belgrade (EE-SE)
Berlin (SE)
Bern (EE)
Bishkek (SW-WW)
Bratislava (EE-SE)
Brussels (EE)
Bucharest (EE-SE)
Budapest (EE-SE)
Bujumbura (NE)
Cairo (NE-EE)
Chișinău (EE-SE)
Colombo (NW)
Copenhagen (SE)
Damascus (NE-EE)
Dhaka (NW)
Djibouti (NN)
Dodoma (NN)
Doha (NW-NN)
Dublin (EE)
Dushanbe (WW-NW)
Hanoi (WW)
Helsinki (SE)
Islamabad (WW-NW)
Jerusalem (NE-EE)
Juba (NE)
Kabul (WW-NW)
Kampala (NN)
Kathmandu (NW)
Khartoum (NE)
Kiev (EE-SE)
Kigali (NE)
Kuwait City (NN-NE)
Lisbon (EE)
Ljubljana (EE-SE)
London (EE)
Luxembourg (EE)
Madrid (EE)
Malabo (NE)
Malé (NW)
Manama (NW-NN)
Minsk (EE-SE)
Mogadishu (NN)
Monaco (EE)
Moroni (NN)
Moscow (SE)
Muscat (NW-NN)
Nairobi (NN)
Naypyidaw (NW)
N'Djamena (NE)
New Delhi (WW-NW)
Niamey (NE)
Nicosia (NE-EE)
Oslo (SE)
Ouagadougou (NE)
Paris (EE)
Podgorica (EE-SE)
Prague (EE-SE)
Pristina (EE-SE)
Rabat (EE)
Reykjavík (SE)
Riga (EE-SE)
Riyadh (NN-NE)
Rome (EE)
San Marino (EE)
Sana'a (NN-NE)
Sarajevo (EE-SE)
Skopje (EE-SE)
Sofia (EE-SE)
Stockholm (SE)
Tallinn (SE)
Tashkent (SW-WW)
Tbilisi (EE-SE)
Tehran (NW-NN)
Thimphu (WW)
Tirana (EE-SE)
Tripoli (EE)
Tunis (EE)
Ulaanbaatar (WW)
Vaduz (EE)
Valletta (EE)
Vatican City (EE)
Victoria (NN)
Vienna (EE-SE)
Vientiane (NW)
Vilnius (EE-SE)
Warsaw (EE-SE)
Yaoundé (NE)
Yerevan (NE-EE)
Zagreb (EE-SE)
Baku
97%
Abu Dhabi (WW-NW)
Abuja (NE)
Accra (NE)
Addis Ababa (NW-NN)
Algiers (EE-SE)
Amman (any)
Amsterdam (SE)
Andorra la Vella (EE)
Ankara (SE)
Antananarivo (NN)
Ashgabat (SW-WW)
Asmara (NW-NN)
Astana (SW)
Athens (EE-SE)
Baghdad (WW-NW)
Baku (SW-WW)
Bamako (NE)
Bangui (NE)
Banjul (NE)
Belgrade (EE-SE)
Berlin (SE)
Bern (EE-SE)
Bishkek (WW)
Bissau (NE)
Bratislava (SE)
Brazzaville (NE)
Brussels (SE)
Bucharest (SE)
Budapest (SE)
Bujumbura (NN)
Cairo (NN-NE)
Chișinău (SE)
Colombo (NW)
Conakry (NE)
Copenhagen (SE)
Dakar (EE)
Damascus (any)
Dhaka (WW)
Djibouti (NW-NN)
Dodoma (NN)
Doha (WW-NW)
Dublin (SE)
Dushanbe (WW)
Freetown (NE)
Harare (NN)
Islamabad (WW)
Jerusalem (any)
Juba (NN)
Kabul (WW)
Kampala (NN)
Kathmandu (WW)
Khartoum (NN-NE)
Kiev (SE)
Kigali (NN)
Kinshasa (NE)
Kuwait City (WW-NW)
Libreville (NE)
Lilongwe (NN)
Lisbon (EE)
Ljubljana (EE-SE)
Lomé (NE)
London (SE)
Luanda (NE)
Lusaka (NN)
Luxembourg (EE-SE)
Madrid (EE)
Malabo (NE)
Malé (NW)
Manama (WW-NW)
Minsk (SE)
Mogadishu (NN)
Monaco (EE-SE)
Monrovia (NE)
Moroni (NN)
Moscow (SS-SW)
Muscat (WW-NW)
Nairobi (NN)
N'Djamena (NE)
New Delhi (WW)
Niamey (NE)
Nicosia (any)
Nouakchott (EE)
Oslo (SE)
Ouagadougou (NE)
Paris (SE)
Podgorica (EE-SE)
Porto-Novo (NE)
Prague (SE)
Pristina (EE-SE)
Rabat (EE)
Reykjavík (SE)
Riga (SE)
Riyadh (WW-NW)
Rome (EE-SE)
San Marino (EE-SE)
Sana'a (NW-NN)
São Tomé (NE)
Sarajevo (EE-SE)
Skopje (EE-SE)
Sofia (EE-SE)
Stockholm (SE)
Tallinn (SE)
Tashkent (WW)
Tbilisi (SS-SW)
Tehran (SW-WW)
Thimphu (WW)
Tirana (EE-SE)
Tripoli (NE-EE)
Tunis (EE-SE)
Ulaanbaatar (WW)
Vaduz (EE-SE)
Valletta (EE-SE)
Vatican City (EE-SE)
Victoria (NW)
Vienna (EE-SE)
Vilnius (SE)
Warsaw (SE)
Yamoussoukro (NE)
Yaoundé (NE)
Yerevan (SW-WW)
Zagreb (EE-SE)
Beirut
97%
Abu Dhabi (NW)
Abuja (NN)
Accra (NN)
Addis Ababa (NW)
Algiers (NN-NE)
Amman (NW-NN)
Amsterdam (NE-EE)
Andorra la Vella (NN-NE)
Ankara (WW-NW)
Ashgabat (NW)
Asmara (NW)
Astana (WW)
Athens (NW-NN)
Baghdad (NW)
Baku (NW)
Bamako (NE)
Bangui (NN)
Banjul (NE)
Beirut (NW-NN)
Belgrade (NW-NN)
Bern (NN-NE)
Bishkek (WW)
Bissau (NE)
Bratislava (NW-NN)
Brussels (NE-EE)
Bucharest (WW-NW)
Budapest (NW-NN)
Cairo (NW-NN)
Chișinău (WW-NW)
Conakry (NE)
Copenhagen (SE)
Dakar (NE)
Damascus (NW-NN)
Djibouti (NW)
Doha (NW)
Dublin (EE-SE)
Dushanbe (WW)
Freetown (NE)
Helsinki (SS-SW)
Islamabad (NW)
Jerusalem (NW-NN)
Juba (NN)
Kabul (NW)
Khartoum (NN)
Kiev (WW-NW)
Kuwait City (NW)
Libreville (NN)
Lisbon (NE-EE)
Ljubljana (NW-NN)
Lomé (NN)
London (NE-EE)
Luxembourg (NE-EE)
Madrid (NN-NE)
Malabo (NN)
Manama (NW)
Minsk (SW-WW)
Monaco (NN-NE)
Monrovia (NE)
Moscow (SW-WW)
Muscat (NW)
N'Djamena (NN)
New Delhi (NW)
Niamey (NN)
Nicosia (NW-NN)
Nouakchott (NE)
Oslo (SE)
Ouagadougou (NN)
Paris (NE-EE)
Podgorica (NW-NN)
Porto-Novo (NN)
Prague (NW-NN)
Praia (NE)
Pristina (NW-NN)
Rabat (NN-NE)
Reykjavík (EE-SE)
Riga (SW-WW)
Riyadh (NW)
Rome (NN-NE)
San Marino (NN-NE)
Sana'a (NW)
São Tomé (NN)
Sarajevo (NW-NN)
Skopje (NW-NN)
Sofia (NW-NN)
Stockholm (SS-SW)
Tallinn (SS-SW)
Tashkent (WW)
Tbilisi (WW-NW)
Tehran (NW)
Tirana (NW-NN)
Tripoli (NN-NE)
Tunis (NN-NE)
Vaduz (NN-NE)
Valletta (NW-NN)
Vatican City (NN-NE)
Vienna (NW-NN)
Vilnius (SW-WW)
Warsaw (WW-NW)
Yamoussoukro (NN)
Yaoundé (NN)
Yerevan (WW-NW)
Zagreb (NW-NN)
Berlin
97%
Abu Dhabi (NW)
Abuja (NN)
Accra (NN)
Addis Ababa (NW)
Algiers (NN-NE)
Amman (NW)
Amsterdam (any)
Andorra la Vella (NN-NE)
Ankara (WW-NW)
Ashgabat (WW)
Asmara (NW)
Astana (WW)
Athens (WW-NW)
Baghdad (NW)
Baku (WW)
Bamako (NN)
Bangui (NN)
Banjul (NE)
Beirut (NW)
Belgrade (WW-NW)
Berlin (SW-WW)
Bern (NW-NN)
Bishkek (WW)
Bissau (NE)
Bratislava (WW-NW)
Bucharest (WW-NW)
Budapest (WW-NW)
Cairo (NW)
Chișinău (WW-NW)
Conakry (NN)
Copenhagen (SW-WW)
Dakar (NE)
Damascus (NW)
Djibouti (NW)
Doha (NW)
Dublin (EE-SE)
Dushanbe (WW)
Freetown (NN)
Helsinki (SW-WW)
Islamabad (WW)
Jerusalem (NW)
Juba (NW)
Kabul (WW)
Khartoum (NW)
Kiev (WW-NW)
Kuwait City (NW)
Libreville (NN)
Lisbon (NN-NE)
Ljubljana (WW-NW)
Lomé (NN)
London (EE-SE)
Luxembourg (any)
Madrid (NN-NE)
Malabo (NN)
Manama (NW)
Minsk (SW-WW)
Monaco (NW-NN)
Monrovia (NN)
Moscow (SW-WW)
Muscat (NW)
N'Djamena (NN)
Niamey (NN)
Nicosia (WW-NW)
Nouakchott (NE)
Oslo (SS-SW)
Ottawa (EE)
Ouagadougou (NN)
Paris (NN-NE)
Podgorica (WW-NW)
Porto-Novo (NN)
Prague (WW-NW)
Praia (NE)
Pristina (WW-NW)
Rabat (NN-NE)
Reykjavík (EE-SE)
Riga (SW-WW)
Riyadh (NW)
Rome (NW-NN)
San Marino (NW-NN)
Sana'a (NW)
São Tomé (NN)
Sarajevo (WW-NW)
Skopje (WW-NW)
Sofia (WW-NW)
Stockholm (SS-SW)
Tallinn (SW-WW)
Tashkent (WW)
Tbilisi (WW)
Tehran (NW)
Tirana (WW-NW)
Tripoli (NW-NN)
Tunis (NW-NN)
Vaduz (NW-NN)
Valletta (NW-NN)
Vatican City (NW-NN)
Vienna (WW-NW)
Vilnius (SW-WW)
Warsaw (SW-WW)
Yamoussoukro (NN)
Yaoundé (NN)
Yerevan (WW)
Zagreb (WW-NW)
Brussels
97%
Abu Dhabi (WW-NW)
Abuja (NE)
Accra (NE)
Addis Ababa (NW-NN)
Algiers (EE)
Amman (any)
Amsterdam (SE)
Andorra la Vella (EE)
Ankara (SE)
Antananarivo (NN)
Ashgabat (SW-WW)
Asmara (NW-NN)
Astana (SW)
Athens (EE-SE)
Baghdad (WW-NW)
Baku (SW-WW)
Bamako (NE)
Bangui (NE)
Banjul (NE)
Beirut (any)
Belgrade (EE-SE)
Berlin (SE)
Bern (EE-SE)
Bishkek (WW)
Bissau (NE)
Bratislava (SE)
Brazzaville (NE)
Brussels (SE)
Bucharest (SE)
Budapest (SE)
Bujumbura (NN)
Cairo (NE-EE)
Chișinău (SE)
Colombo (NW)
Conakry (NE)
Copenhagen (SE)
Dakar (EE)
Dhaka (WW)
Djibouti (NW-NN)
Dodoma (NN)
Doha (WW-NW)
Dublin (SE)
Dushanbe (SW-WW)
Freetown (NE)
Harare (NN)
Islamabad (WW)
Jerusalem (any)
Juba (NN)
Kabul (WW)
Kampala (NN)
Kathmandu (WW)
Khartoum (NN-NE)
Kiev (SE)
Kigali (NN)
Kinshasa (NE)
Kuwait City (WW-NW)
Libreville (NE)
Lilongwe (NN)
Lisbon (EE)
Ljubljana (EE-SE)
Lomé (NE)
London (SE)
Luanda (NE)
Lusaka (NN)
Luxembourg (SE)
Madrid (EE)
Malabo (NE)
Malé (NW)
Manama (WW-NW)
Minsk (SE)
Mogadishu (NN)
Monaco (EE-SE)
Monrovia (NE)
Moroni (NN)
Moscow (SS-SW)
Muscat (WW-NW)
Nairobi (NN)
N'Djamena (NE)
New Delhi (WW)
Niamey (NE)
Nicosia (EE-SE)
Nouakchott (EE)
Oslo (SE)
Ouagadougou (NE)
Paris (SE)
Podgorica (EE-SE)
Porto-Novo (NE)
Prague (SE)
Pristina (EE-SE)
Rabat (EE)
Reykjavík (SE)
Riga (SE)
Riyadh (WW-NW)
Rome (EE-SE)
San Marino (EE-SE)
Sana'a (NW-NN)
São Tomé (NE)
Sarajevo (EE-SE)
Skopje (EE-SE)
Sofia (EE-SE)
Stockholm (SE)
Tashkent (WW)
Tbilisi (SS-SW)
Tehran (SW-WW)
Thimphu (WW)
Tirana (EE-SE)
Tripoli (NE-EE)
Tunis (EE-SE)
Ulaanbaatar (WW)
Vaduz (EE-SE)
Valletta (EE-SE)
Vatican City (EE-SE)
Victoria (NW)
Vienna (EE-SE)
Vilnius (SE)
Warsaw (SE)
Yamoussoukro (NE)
Yaoundé (NE)
Yerevan (SS-SW)
Zagreb (EE-SE)
Damascus
97%
Abu Dhabi (SS-SW)
Abuja (EE)
Accra (EE)
Addis Ababa (NE-EE)
Algiers (SE)
Amman (SE)
Amsterdam (SE)
Andorra la Vella (SE)
Antananarivo (NN)
Ashgabat (SW)
Asmara (EE-SE)
Astana (SW)
Athens (SE)
Baghdad (SS-SW)
Baku (SS)
Bamako (EE)
Bangui (NE-EE)
Beirut (SE)
Belgrade (SE)
Berlin (SE)
Bern (SE)
Bishkek (SW)
Bratislava (SE)
Brazzaville (NE)
Brussels (SE)
Bucharest (SE)
Budapest (SE)
Bujumbura (NN-NE)
Cairo (SE)
Colombo (WW)
Copenhagen (SE)
Damascus (SE)
Dhaka (WW)
Dodoma (NN-NE)
Doha (SS-SW)
Dushanbe (SW)
Gaborone (NE)
Harare (NN)
Islamabad (SW)
Jerusalem (SE)
Juba (NE-EE)
Kabul (SW)
Kampala (NN-NE)
Kathmandu (WW)
Khartoum (EE-SE)
Kigali (NN-NE)
Kinshasa (NE)
Kuwait City (SS-SW)
Libreville (EE)
Lilongwe (NN)
Lisbon (SE)
Ljubljana (SE)
Lomé (EE)
London (SE)
Luanda (NE)
Lusaka (NE)
Luxembourg (SE)
Madrid (SE)
Malabo (EE)
Malé (WW)
Manama (SS-SW)
Maputo (NN)
Maseru (NN)
Mbabane (NN)
Mogadishu (NW-NN)
Monaco (SE)
Monrovia (EE)
Moroni (NW-NN)
Muscat (SW-WW)
Nairobi (NN-NE)
Naypyidaw (WW)
N'Djamena (EE)
New Delhi (SW)
Niamey (EE)
Nicosia (SE)
Oslo (SE)
Ouagadougou (EE)
Paris (SE)
Podgorica (SE)
Port Louis (NW)
Porto-Novo (EE)
Prague (SE)
Pretoria (NN)
Pristina (SE)
Rabat (SE)
Riyadh (SS-SW)
Rome (SE)
San Marino (SE)
Sana'a (SS-SW)
São Tomé (EE)
Sarajevo (SE)
Skopje (SE)
Sofia (SE)
Tashkent (SW)
Tbilisi (SS)
Tehran (SS-SW)
Thimphu (WW)
Tirana (SE)
Tripoli (SE)
Tunis (SE)
Vaduz (SE)
Valletta (SE)
Vatican City (SE)
Victoria (NW-NN)
Vienna (SE)
Warsaw (SE)
Windhoek (NE)
Yamoussoukro (EE)
Yaoundé (EE)
Yerevan (SS)
Zagreb (SE)
Djibouti
97%
Abu Dhabi (WW-NW)
Abuja (EE)
Accra (EE)
Addis Ababa (NN-NE)
Algiers (EE)
Amman (EE-SE)
Amsterdam (SE)
Andorra la Vella (SE)
Ankara (EE-SE)
Antananarivo (NN)
Ashgabat (SS-SW)
Asmara (NE-EE)
Astana (SW)
Athens (EE-SE)
Baghdad (SE)
Baku (SE)
Bangkok (WW)
Bangui (NE)
Beirut (EE-SE)
Belgrade (SE)
Berlin (SE)
Bern (SE)
Bishkek (SW-WW)
Bratislava (SE)
Brazzaville (NE)
Brussels (SE)
Bucharest (SE)
Budapest (SE)
Bujumbura (NE)
Cairo (EE-SE)
Chișinău (SE)
Colombo (NW)
Copenhagen (SE)
Damascus (EE-SE)
Dhaka (WW)
Djibouti (NN-NE)
Dodoma (NE)
Dublin (SE)
Dushanbe (SW-WW)
Hanoi (WW)
Harare (NE)
Helsinki (SE)
Islamabad (SW-WW)
Jerusalem (EE-SE)
Juba (NE)
Kabul (SW-WW)
Kampala (NE)
Kathmandu (WW)
Khartoum (NE-EE)
Kiev (SE)
Kigali (NE)
Kinshasa (NE)
Kuala Lumpur (NW)
Kuwait City (SE)
Libreville (NE)
Lilongwe (NE)
Lisbon (EE)
Ljubljana (SE)
Lomé (EE)
London (SE)
Luanda (NE)
Lusaka (NE)
Luxembourg (SE)
Madrid (EE)
Malabo (NE)
Malé (NW)
Manama (any)
Minsk (SE)
Mogadishu (NN-NE)
Monaco (SE)
Moroni (NN)
Muscat (WW-NW)
Nairobi (NE)
Naypyidaw (WW)
N'Djamena (EE)
New Delhi (SW-WW)
Niamey (EE)
Nicosia (EE-SE)
Oslo (SE)
Ouagadougou (EE)
Paris (SE)
Phnom Penh (WW)
Podgorica (SE)
Port Louis (NN)
Porto-Novo (EE)
Prague (SE)
Pristina (SE)
Rabat (EE)
Riga (SE)
Riyadh (NE-EE)
Rome (SE)
San Marino (SE)
Sana'a (NN-NE)
São Tomé (NE)
Sarajevo (SE)
Skopje (SE)
Sofia (SE)
Stockholm (SE)
Tallinn (SE)
Tashkent (SS-SW)
Tbilisi (SE)
Tehran (SE)
Thimphu (WW)
Tirana (SE)
Tripoli (EE)
Tunis (EE)
Ulaanbaatar (SW)
Vaduz (SE)
Valletta (EE)
Vatican City (SE)
Victoria (NN)
Vienna (SE)
Vientiane (WW)
Vilnius (SE)
Warsaw (SE)
Yaoundé (NE)
Yerevan (SE)
Zagreb (SE)
Doha
97%
Abu Dhabi (WW-NW)
Abuja (NE)
Accra (NE)
Addis Ababa (NW-NN)
Algiers (EE-SE)
Amman (any)
Amsterdam (SE)
Andorra la Vella (EE)
Ankara (SE)
Antananarivo (NN)
Ashgabat (SW-WW)
Asmara (NW-NN)
Astana (SW)
Athens (EE-SE)
Baghdad (SW-WW)
Baku (SW-WW)
Bamako (NE)
Bangui (NE)
Banjul (EE)
Beirut (any)
Belgrade (SE)
Berlin (SE)
Bern (EE-SE)
Bishkek (WW)
Bissau (NE)
Bratislava (SE)
Brazzaville (NE)
Brussels (SE)
Bucharest (SE)
Budapest (SE)
Bujumbura (NN)
Cairo (NE-EE)
Chișinău (SE)
Colombo (NW)
Conakry (NE)
Copenhagen (SE)
Dakar (EE)
Damascus (any)
Dhaka (WW)
Djibouti (NW-NN)
Dodoma (NN)
Doha (WW-NW)
Dublin (SE)
Dushanbe (WW)
Freetown (NE)
Harare (NN)
Islamabad (WW)
Juba (NN)
Kabul (WW)
Kampala (NN)
Kathmandu (WW)
Khartoum (NN-NE)
Kiev (SE)
Kigali (NN)
Kinshasa (NE)
Kuwait City (WW-NW)
Libreville (NE)
Lilongwe (NN)
Lisbon (EE)
Ljubljana (EE-SE)
Lomé (NE)
London (SE)
Luanda (NE)
Lusaka (NN)
Luxembourg (SE)
Madrid (EE)
Malabo (NE)
Malé (NW)
Manama (WW-NW)
Minsk (SE)
Mogadishu (NN)
Monaco (EE-SE)
Monrovia (NE)
Moroni (NN)
Moscow (SS-SW)
Muscat (WW-NW)
Nairobi (NN)
N'Djamena (NE)
New Delhi (WW)
Niamey (NE)
Nicosia (SE)
Nouakchott (EE)
Oslo (SE)
Ouagadougou (NE)
Paris (SE)
Podgorica (EE-SE)
Porto-Novo (NE)
Prague (SE)
Pristina (EE-SE)
Rabat (EE)
Reykjavík (SE)
Riga (SE)
Riyadh (WW-NW)
Rome (EE-SE)
San Marino (EE-SE)
Sana'a (NW-NN)
São Tomé (NE)
Sarajevo (EE-SE)
Skopje (EE-SE)
Sofia (SE)
Stockholm (SE)
Tashkent (WW)
Tbilisi (SS-SW)
Tehran (SW-WW)
Thimphu (WW)
Tirana (EE-SE)
Tripoli (EE-SE)
Tunis (EE-SE)
Vaduz (EE-SE)
Valletta (EE-SE)
Vatican City (EE-SE)
Victoria (NW)
Vienna (SE)
Vilnius (SE)
Warsaw (SE)
Yamoussoukro (NE)
Yaoundé (NE)
Yerevan (SS-SW)
Zagreb (EE-SE)
Jerusalem
97%
Abu Dhabi (SW-WW)
Abuja (NE-EE)
Accra (EE)
Addis Ababa (NW-NN)
Algiers (SE)
Amman (SS-SW)
Amsterdam (SE)
Andorra la Vella (SE)
Ankara (SS-SW)
Antananarivo (NW)
Ashgabat (SW)
Asmara (WW-NW)
Astana (SW)
Athens (SE)
Baghdad (SS-SW)
Baku (SW)
Bamako (EE)
Bangui (NE-EE)
Banjul (EE)
Beirut (SS-SW)
Bern (SE)
Bishkek (SW)
Bissau (EE)
Brazzaville (NN-NE)
Brussels (SE)
Bujumbura (NN-NE)
Cairo (SE)
Colombo (WW)
Conakry (EE)
Dakar (EE)
Damascus (SS-SW)
Djibouti (WW-NW)
Dodoma (NW-NN)
Doha (SW-WW)
Dublin (SE)
Dushanbe (SW)
Freetown (EE)
Gaborone (NN)
Harare (NN)
Islamabad (SW)
Jerusalem (SS-SW)
Juba (NN-NE)
Kabul (SW)
Kampala (NW-NN)
Kathmandu (WW)
Kigali (NN-NE)
Kinshasa (NN-NE)
Kuwait City (SW-WW)
Libreville (NE)
Lilongwe (NN)
Lisbon (SE)
Ljubljana (SE)
Lomé (EE)
London (SE)
Luanda (NE)
Lusaka (NN)
Luxembourg (SE)
Madrid (SE)
Malabo (NE-EE)
Malé (WW)
Manama (SW-WW)
Maputo (NN)
Maseru (NN)
Mbabane (NN)
Mogadishu (NW-NN)
Monaco (SE)
Monrovia (EE)
Moroni (NN)
Moscow (SS)
Muscat (SW-WW)
Nairobi (NW-NN)
N'Djamena (NE-EE)
New Delhi (WW)
Niamey (EE)
Nicosia (SS-SW)
Nouakchott (EE)
Ouagadougou (EE)
Paris (SE)
Podgorica (SE)
Port Louis (NW)
Porto-Novo (EE)
Prague (SE)
Pretoria (NN)
Rabat (SE)
Riyadh (SW-WW)
Rome (SE)
San Marino (SE)
Sana'a (WW-NW)
São Tomé (NE)
Sarajevo (SE)
Tashkent (SW)
Tbilisi (SS)
Tehran (SS-SW)
Tirana (SE)
Tripoli (EE-SE)
Tunis (SE)
Vaduz (SE)
Valletta (SE)
Vatican City (SE)
Victoria (NW)
Windhoek (NN)
Yamoussoukro (EE)
Yaoundé (NE-EE)
Yerevan (SS-SW)
Zagreb (SE)
Khartoum
97%
Abu Dhabi (NW)
Abuja (NE)
Accra (NE)
Addis Ababa (NN)
Algiers (NE-EE)
Amman (NW-NN)
Amsterdam (EE-SE)
Andorra la Vella (NE-EE)
Ankara (NW-NN)
Ashgabat (WW-NW)
Asmara (NN)
Astana (SW-WW)
Athens (NN-NE)
Baghdad (NW-NN)
Baku (WW-NW)
Bamako (NE)
Bangui (NN)
Banjul (NE)
Beirut (NW-NN)
Belgrade (NE-EE)
Berlin (EE-SE)
Bern (NE-EE)
Bishkek (WW)
Bissau (NE)
Bratislava (NE-EE)
Brussels (EE-SE)
Bucharest (NN-NE)
Budapest (NE-EE)
Bujumbura (NN)
Cairo (NW-NN)
Chișinău (NN-NE)
Copenhagen (EE-SE)
Dakar (NE)
Damascus (NW-NN)
Dhaka (NW)
Djibouti (NN)
Doha (NW)
Dublin (EE-SE)
Dushanbe (NW)
Helsinki (SE)
Islamabad (NW)
Jerusalem (NW-NN)
Juba (NN)
Kabul (NW)
Kampala (NN)
Kathmandu (NW)
Khartoum (NN)
Kigali (NN)
Kuwait City (NW-NN)
Libreville (NN)
Lisbon (NE)
Ljubljana (NE-EE)
Lomé (NE)
London (EE-SE)
Luxembourg (NE-EE)
Madrid (NE-EE)
Malabo (NN)
Manama (NW)
Minsk (SE)
Mogadishu (NN)
Monaco (NE-EE)
Moscow (SS-SW)
Muscat (NW)
Nairobi (NN)
N'Djamena (NN)
New Delhi (NW)
Niamey (NE)
Nicosia (NW-NN)
Nouakchott (NE)
Oslo (EE-SE)
Ouagadougou (NE)
Paris (NE-EE)
Podgorica (NN-NE)
Porto-Novo (NE)
Prague (NE-EE)
Pristina (NN-NE)
Rabat (NE)
Reykjavík (SE)
Riga (SE)
Riyadh (NW)
Rome (NE-EE)
San Marino (NE-EE)
Sana'a (NN)
São Tomé (NN)
Sarajevo (NE-EE)
Skopje (NN-NE)
Sofia (NN-NE)
Stockholm (SE)
Tallinn (SE)
Tashkent (WW)
Tbilisi (WW-NW)
Tehran (WW-NW)
Thimphu (NW)
Tirana (NN-NE)
Tripoli (NN-NE)
Tunis (NE-EE)
Ulaanbaatar (WW)
Vaduz (NE-EE)
Valletta (NN-NE)
Vatican City (NE-EE)
Vienna (NE-EE)
Vilnius (SE)
Warsaw (EE-SE)
Yamoussoukro (NE)
Yaoundé (NN)
Yerevan (NW-NN)
Zagreb (NE-EE)
Kiev
97%
Abu Dhabi (WW-NW)
Abuja (NE)
Accra (NE)
Addis Ababa (NN-NE)
Algiers (EE)
Amman (EE-SE)
Amsterdam (SE)
Andorra la Vella (EE)
Ankara (EE-SE)
Antananarivo (NN)
Ashgabat (SS-SW)
Asmara (NN-NE)
Astana (SW)
Athens (EE-SE)
Baghdad (SE)
Baku (SE)
Bangkok (WW)
Bangui (NE)
Beirut (EE-SE)
Belgrade (SE)
Berlin (SE)
Bern (SE)
Bishkek (SW-WW)
Bratislava (SE)
Brazzaville (NE)
Brussels (SE)
Bucharest (EE-SE)
Budapest (SE)
Bujumbura (NE)
Cairo (EE-SE)
Chișinău (SE)
Colombo (NW)
Copenhagen (SE)
Damascus (EE-SE)
Dhaka (WW)
Djibouti (NN-NE)
Dodoma (NE)
Doha (any)
Dublin (SE)
Dushanbe (SW-WW)
Hanoi (WW)
Harare (NE)
Helsinki (SE)
Islamabad (SW-WW)
Jerusalem (EE-SE)
Juba (NE)
Kabul (SW-WW)
Kampala (NE)
Kathmandu (WW)
Khartoum (NE-EE)
Kiev (SE)
Kigali (NE)
Kinshasa (NE)
Kuwait City (SE)
Libreville (NE)
Lilongwe (NN)
Lisbon (EE)
Ljubljana (SE)
Lomé (NE)
London (SE)
Luanda (NE)
Lusaka (NE)
Luxembourg (SE)
Madrid (EE)
Malabo (NE)
Malé (NW)
Minsk (SE)
Mogadishu (NN-NE)
Monaco (SE)
Moroni (NN)
Muscat (WW-NW)
Nairobi (NE)
Naypyidaw (WW)
N'Djamena (NE)
New Delhi (SW-WW)
Niamey (EE)
Nicosia (EE-SE)
Oslo (SE)
Ouagadougou (EE)
Paris (SE)
Phnom Penh (WW)
Podgorica (SE)
Port Louis (NN)
Porto-Novo (NE)
Prague (SE)
Pristina (SE)
Rabat (EE)
Riga (SE)
Riyadh (NE-EE)
Rome (SE)
San Marino (SE)
Sana'a (NN-NE)
São Tomé (NE)
Sarajevo (SE)
Skopje (SE)
Sofia (SE)
Stockholm (SE)
Tallinn (SE)
Tashkent (SW-WW)
Tbilisi (SE)
Tehran (SS-SW)
Thimphu (WW)
Tirana (SE)
Tripoli (EE)
Tunis (EE)
Ulaanbaatar (SW)
Vaduz (SE)
Valletta (EE)
Vatican City (SE)
Victoria (NN)
Vienna (SE)
Vientiane (WW)
Vilnius (SE)
Warsaw (SE)
Yaoundé (NE)
Yerevan (SE)
Zagreb (SE)
Manama
97%
Abu Dhabi (WW-NW)
Abuja (NE)
Accra (NE)
Addis Ababa (NW-NN)
Algiers (EE-SE)
Amman (NW-NN)
Amsterdam (EE-SE)
Andorra la Vella (EE-SE)
Ankara (SE)
Ashgabat (SW-WW)
Asmara (NW-NN)
Astana (SW)
Athens (EE-SE)
Baghdad (WW-NW)
Baku (SW-WW)
Bamako (NE)
Bangui (NE)
Banjul (NE)
Beirut (any)
Belgrade (EE-SE)
Berlin (SE)
Bern (EE-SE)
Bishkek (WW)
Bissau (NE)
Bratislava (SE)
Brazzaville (NE)
Brussels (EE-SE)
Bucharest (SE)
Budapest (SE)
Bujumbura (NN)
Cairo (NN-NE)
Chișinău (SE)
Colombo (NW)
Conakry (NE)
Copenhagen (SE)
Dakar (NE)
Damascus (WW-NW)
Dhaka (WW)
Djibouti (NW-NN)
Dodoma (NN)
Doha (WW-NW)
Dublin (SE)
Dushanbe (WW)
Freetown (NE)
Harare (NN)
Helsinki (SE)
Islamabad (WW)
Jerusalem (NW-NN)
Juba (NN)
Kabul (WW)
Kampala (NN)
Kathmandu (WW)
Khartoum (NN-NE)
Kiev (SE)
Kigali (NN)
Kinshasa (NE)
Kuwait City (WW-NW)
Libreville (NE)
Lilongwe (NN)
Lisbon (EE)
Ljubljana (EE-SE)
Lomé (NE)
London (SE)
Luanda (NE)
Lusaka (NN)
Luxembourg (EE-SE)
Madrid (EE)
Malabo (NE)
Malé (NW)
Manama (WW-NW)
Minsk (SE)
Mogadishu (NN)
Monaco (EE-SE)
Monrovia (NE)
Moroni (NN)
Moscow (SS-SW)
Muscat (WW-NW)
Nairobi (NN)
N'Djamena (NE)
New Delhi (WW)
Niamey (NE)
Nouakchott (EE)
Oslo (SE)
Ouagadougou (NE)
Paris (EE-SE)
Podgorica (EE-SE)
Porto-Novo (NE)
Prague (SE)
Pristina (EE-SE)
Rabat (EE)
Reykjavík (SE)
Riga (SE)
Riyadh (WW-NW)
Rome (EE-SE)
San Marino (EE-SE)
Sana'a (NW-NN)
São Tomé (NE)
Sarajevo (EE-SE)
Skopje (EE-SE)
Sofia (EE-SE)
Stockholm (SE)
Tallinn (SE)
Tashkent (WW)
Tbilisi (SW-WW)
Tehran (SW-WW)
Thimphu (WW)
Tirana (EE-SE)
Tripoli (NE-EE)
Tunis (EE-SE)
Vaduz (EE-SE)
Valletta (EE-SE)
Vatican City (EE-SE)
Victoria (NW)
Vienna (SE)
Vilnius (SE)
Warsaw (SE)
Yamoussoukro (NE)
Yaoundé (NE)
Yerevan (SW-WW)
Zagreb (EE-SE)
Nicosia
97%
Abu Dhabi (NW)
Abuja (NN)
Accra (NN)
Addis Ababa (NW)
Algiers (NW-NN)
Amman (NW)
Amsterdam (SS-SW)
Andorra la Vella (NN-NE)
Ankara (WW-NW)
Ashgabat (WW)
Asmara (NW)
Astana (WW)
Athens (WW-NW)
Baghdad (NW)
Baku (WW)
Bamako (NN)
Bangui (NN)
Banjul (NE)
Beirut (NW)
Belgrade (WW-NW)
Berlin (SW-WW)
Bern (WW-NW)
Bishkek (WW)
Bissau (NN)
Bratislava (WW-NW)
Brussels (SS-SW)
Bucharest (WW-NW)
Budapest (WW-NW)
Cairo (NW)
Chișinău (WW-NW)
Conakry (NN)
Copenhagen (SS-SW)
Dakar (NE)
Damascus (NW)
Djibouti (NW)
Doha (NW)
Dublin (EE-SE)
Dushanbe (WW)
Freetown (NN)
Helsinki (SW-WW)
Islamabad (WW)
Jerusalem (NW)
Juba (NW)
Kabul (WW)
Khartoum (NW)
Kiev (SW-WW)
Kuwait City (NW)
Libreville (NN)
Lisbon (NN-NE)
Ljubljana (WW-NW)
Lomé (NN)
London (SE)
Luxembourg (SW-WW)
Madrid (NN-NE)
Malabo (NN)
Manama (NW)
Minsk (SW-WW)
Monaco (NW-NN)
Monrovia (NN)
Moscow (SW-WW)
Muscat (NW)
N'Djamena (NN)
Niamey (NN)
Nicosia (WW-NW)
Nouakchott (NE)
Oslo (SS-SW)
Ottawa (EE)
Ouagadougou (NN)
Podgorica (WW-NW)
Porto-Novo (NN)
Prague (SW-WW)
Praia (NE)
Pristina (WW-NW)
Rabat (NN-NE)
Reykjavík (SE)
Riga (SW-WW)
Riyadh (NW)
Rome (WW-NW)
San Marino (WW-NW)
Sana'a (NW)
São Tomé (NN)
Sarajevo (WW-NW)
Skopje (WW-NW)
Sofia (WW-NW)
Stockholm (SS-SW)
Tallinn (SW-WW)
Tashkent (WW)
Tbilisi (WW)
Tehran (WW)
Tirana (WW-NW)
Tripoli (NW-NN)
Tunis (NW-NN)
Vaduz (WW-NW)
Valletta (NW-NN)
Vatican City (WW-NW)
Vienna (WW-NW)
Vilnius (SW-WW)
Warsaw (SW-WW)
Yamoussoukro (NN)
Yaoundé (NN)
Yerevan (WW)
Zagreb (WW-NW)
Paris
97%
Abu Dhabi (SW-WW)
Abuja (EE)
Accra (EE)
Addis Ababa (NN-NE)
Algiers (SE)
Amman (SE)
Amsterdam (SE)
Andorra la Vella (SE)
Ankara (SE)
Antananarivo (NN)
Ashgabat (SS-SW)
Asmara (NE-EE)
Astana (SW)
Athens (SE)
Baghdad (SS-SW)
Baku (SS-SW)
Bamako (EE)
Bangui (NE)
Beirut (SE)
Belgrade (SE)
Berlin (SE)
Bern (SE)
Bishkek (SW)
Bratislava (SE)
Brazzaville (NE)
Brussels (SE)
Bucharest (SE)
Budapest (SE)
Bujumbura (NN-NE)
Cairo (SE)
Colombo (WW)
Copenhagen (SE)
Damascus (SE)
Dhaka (WW)
Djibouti (NN-NE)
Dodoma (NN-NE)
Doha (SS-SW)
Dushanbe (SW)
Gaborone (NE)
Harare (NN)
Islamabad (SW)
Jerusalem (SE)
Juba (NE-EE)
Kabul (SW)
Kampala (NN-NE)
Kathmandu (WW)
Khartoum (EE-SE)
Kigali (NN-NE)
Kinshasa (NE)
Kuwait City (SS-SW)
Libreville (NE)
Lilongwe (NN)
Lisbon (SE)
Ljubljana (SE)
Lomé (EE)
London (SE)
Luanda (NE)
Lusaka (NE)
Luxembourg (SE)
Madrid (SE)
Malabo (EE)
Malé (WW)
Manama (SS-SW)
Maputo (NN)
Maseru (NN)
Mbabane (NN)
Mogadishu (NW-NN)
Monaco (SE)
Moroni (NN-NE)
Muscat (SW-WW)
Nairobi (NN-NE)
Naypyidaw (WW)
N'Djamena (EE)
New Delhi (SW)
Niamey (EE)
Nicosia (SE)
Oslo (SE)
Ouagadougou (EE)
Paris (SE)
Podgorica (SE)
Port Louis (NN)
Porto-Novo (EE)
Prague (SE)
Pretoria (NN)
Pristina (SE)
Rabat (EE)
Riyadh (SS-SW)
Rome (SE)
San Marino (SE)
São Tomé (EE)
Sarajevo (SE)
Skopje (SE)
Sofia (SE)
Stockholm (SE)
Tashkent (SW)
Tbilisi (SS-SW)
Tehran (SS-SW)
Thimphu (WW)
Tirana (SE)
Tripoli (SE)
Tunis (SE)
Vaduz (SE)
Valletta (SE)
Vatican City (SE)
Victoria (NW-NN)
Vienna (SE)
Warsaw (SE)
Windhoek (NE)
Yamoussoukro (EE)
Yaoundé (EE)
Yerevan (SS-SW)
Zagreb (SE)
Sana'a
97%
Abu Dhabi (NW-NN)
Abuja (NE)
Accra (NE)
Addis Ababa (NN)
Algiers (EE)
Amman (NN-NE)
Amsterdam (EE)
Andorra la Vella (EE)
Ankara (NE-EE)
Ashgabat (WW-NW)
Asmara (NN-NE)
Astana (SW-WW)
Athens (NE-EE)
Baghdad (NN-NE)
Baku (WW-NW)
Bangui (NE)
Beijing (WW)
Beirut (NN-NE)
Belgrade (EE-SE)
Berlin (EE-SE)
Bern (EE)
Bishkek (SW-WW)
Bratislava (EE-SE)
Brazzaville (NE)
Brussels (EE)
Bucharest (EE-SE)
Budapest (EE-SE)
Bujumbura (NN)
Cairo (NN-NE)
Chișinău (EE-SE)
Colombo (NW)
Copenhagen (EE-SE)
Damascus (NN-NE)
Dhaka (NW)
Djibouti (NN)
Dodoma (NN)
Doha (NW-NN)
Dublin (EE)
Dushanbe (WW-NW)
Helsinki (SE)
Islamabad (WW-NW)
Jerusalem (NN-NE)
Juba (NN)
Kabul (WW-NW)
Kampala (NN)
Kathmandu (NW)
Khartoum (NN)
Kiev (EE-SE)
Kigali (NN)
Kinshasa (NE)
Kuwait City (NW-NN)
Libreville (NE)
Lisbon (EE)
Ljubljana (EE-SE)
Lomé (NE)
London (EE)
Luxembourg (EE)
Madrid (EE)
Malabo (NE)
Malé (NW)
Manama (NW-NN)
Minsk (SE)
Mogadishu (NN)
Monaco (EE)
Moroni (NN)
Moscow (SE)
Muscat (NW-NN)
Nairobi (NN)
Naypyidaw (NW)
N'Djamena (NE)
New Delhi (NW)
Niamey (NE)
Nicosia (NE-EE)
Oslo (SE)
Ouagadougou (NE)
Paris (EE)
Podgorica (EE-SE)
Porto-Novo (NE)
Prague (EE-SE)
Pristina (EE-SE)
Rabat (EE)
Reykjavík (SE)
Riga (SE)
Riyadh (NW-NN)
Rome (EE-SE)
San Marino (EE-SE)
Sana'a (NN-NE)
São Tomé (NE)
Sarajevo (EE-SE)
Skopje (EE-SE)
Sofia (EE-SE)
Stockholm (SE)
Tallinn (SE)
Tashkent (WW-NW)
Tehran (NW-NN)
Thimphu (WW)
Tirana (NE-EE)
Tripoli (NE-EE)
Tunis (EE)
Ulaanbaatar (WW)
Vaduz (EE-SE)
Valletta (NE-EE)
Vatican City (EE-SE)
Victoria (NN)
Vienna (EE-SE)
Vilnius (SE)
Warsaw (EE-SE)
Yaoundé (NE)
Yerevan (any)
Zagreb (EE-SE)
Tbilisi
97%
Abu Dhabi (NW-NN)
Abuja (NE)
Addis Ababa (NE)
Algiers (EE)
Amman (NE-EE)
Amsterdam (SE)
Andorra la Vella (EE)
Ankara (EE-SE)
Ashgabat (SW-WW)
Asmara (NN-NE)
Astana (SS-SW)
Athens (EE-SE)
Baghdad (NE-EE)
Baku (SE)
Bangkok (NW)
Bangui (NE)
Beijing (WW)
Beirut (NE-EE)
Belgrade (EE-SE)
Berlin (SE)
Bern (EE)
Bishkek (SW-WW)
Bratislava (SE)
Brazzaville (NE)
Brussels (SE)
Bucharest (EE-SE)
Budapest (EE-SE)
Bujumbura (NE)
Cairo (NE-EE)
Chișinău (EE-SE)
Colombo (NW)
Copenhagen (SE)
Damascus (NE-EE)
Dhaka (WW)
Djibouti (NN-NE)
Dodoma (NN)
Doha (NW-NN)
Dublin (SE)
Dushanbe (SW-WW)
Hanoi (WW)
Helsinki (SE)
Islamabad (WW-NW)
Jerusalem (NE-EE)
Juba (NE)
Kabul (WW-NW)
Kampala (NE)
Kathmandu (WW)
Khartoum (NN-NE)
Kiev (EE-SE)
Kigali (NE)
Kinshasa (NE)
Kuwait City (NN-NE)
Libreville (NE)
Lilongwe (NN)
Lisbon (EE)
Ljubljana (EE)
London (SE)
Luxembourg (SE)
Madrid (EE)
Malabo (NE)
Malé (NW)
Manama (NN-NE)
Minsk (SE)
Mogadishu (NN)
Monaco (EE)
Moroni (NN)
Moscow (SE)
Muscat (NW-NN)
Nairobi (NN)
Naypyidaw (WW)
N'Djamena (NE)
New Delhi (WW-NW)
Niamey (NE)
Nicosia (NE-EE)
Oslo (SE)
Ouagadougou (NE)
Paris (EE)
Phnom Penh (NW)
Podgorica (EE-SE)
Porto-Novo (NE)
Prague (SE)
Pristina (EE-SE)
Rabat (EE)
Reykjavík (SE)
Riga (SE)
Riyadh (NN-NE)
Rome (EE)
San Marino (EE)
Sana'a (NN-NE)
Sarajevo (EE-SE)
Skopje (EE-SE)
Sofia (EE-SE)
Stockholm (SE)
Tallinn (SE)
Tashkent (SW-WW)
Tbilisi (SE)
Thimphu (WW)
Tirana (EE-SE)
Tripoli (EE)
Tunis (EE)
Ulaanbaatar (WW)
Vaduz (EE)
Valletta (EE)
Vatican City (EE)
Victoria (NN)
Vienna (SE)
Vientiane (WW)
Vilnius (SE)
Warsaw (SE)
Yaoundé (NE)
Yerevan (EE-SE)
Zagreb (EE)
Tehran
97%
Abu Dhabi (WW)
Abuja (NN-NE)
Accra (NE)
Addis Ababa (NW)
Algiers (EE-SE)
Amman (WW-NW)
Amsterdam (SE)
Andorra la Vella (SE)
Ankara (SW-WW)
Ashgabat (WW)
Asmara (NW)
Astana (SW)
Athens (SW-WW)
Baghdad (SW-WW)
Baku (WW)
Bamako (NE)
Bangui (NN)
Banjul (NE)
Beirut (SW-WW)
Belgrade (SS-SW)
Berlin (SS-SW)
Bern (SE)
Bishkek (WW)
Bissau (NE)
Bratislava (SS-SW)
Brazzaville (NN)
Brussels (SE)
Bucharest (SS-SW)
Budapest (SS-SW)
Bujumbura (NW)
Cairo (WW-NW)
Chișinău (SS-SW)
Conakry (NE)
Copenhagen (SE)
Dakar (NE)
Damascus (SW-WW)
Djibouti (NW)
Dodoma (NW)
Doha (WW)
Dublin (SE)
Dushanbe (WW)
Freetown (NE)
Harare (NN)
Helsinki (SS)
Islamabad (WW)
Jerusalem (WW-NW)
Juba (NW)
Kabul (WW)
Kampala (NW)
Khartoum (WW-NW)
Kiev (SS-SW)
Kigali (NW)
Kinshasa (NN)
Kuwait City (WW)
Libreville (NN)
Lilongwe (NW)
Lisbon (EE-SE)
Ljubljana (SS-SW)
Lomé (NE)
London (SE)
Luanda (NN)
Lusaka (NN)
Luxembourg (SE)
Madrid (EE-SE)
Malabo (NN)
Manama (WW)
Minsk (SS-SW)
Mogadishu (NW)
Monaco (SE)
Monrovia (NE)
Moroni (NW)
Moscow (SW)
Muscat (WW)
Nairobi (NW)
N'Djamena (NW-NN)
Niamey (NN-NE)
Nicosia (SW-WW)
Nouakchott (NE)
Ouagadougou (NN-NE)
Paris (SE)
Podgorica (SS-SW)
Porto-Novo (NN)
Prague (SS-SW)
Praia (NE)
Pristina (SS-SW)
Rabat (EE-SE)
Reykjavík (SE)
Riga (SS-SW)
Riyadh (WW)
Rome (SE)
San Marino (SE)
Sana'a (NW)
São Tomé (NN)
Sarajevo (SS-SW)
Skopje (SS-SW)
Sofia (SS-SW)
Stockholm (SS-SW)
Tallinn (SS)
Tashkent (WW)
Tbilisi (SW-WW)
Tehran (WW)
Tirana (SS-SW)
Tunis (SE)
Vaduz (SE)
Valletta (SS-SW)
Vatican City (SE)
Vienna (SS-SW)
Vilnius (SS-SW)
Warsaw (SS-SW)
Yamoussoukro (NE)
Yaoundé (NN)
Yerevan (SW-WW)
Zagreb (SS-SW)
Tripoli
97%
Abu Dhabi (WW)
Abuja (NN)
Accra (NN)
Addis Ababa (NW)
Algiers (NE-EE)
Amman (WW-NW)
Amsterdam (SE)
Andorra la Vella (EE-SE)
Ankara (SW-WW)
Ashgabat (WW)
Asmara (NW)
Astana (WW)
Athens (SW-WW)
Baghdad (WW)
Baku (WW)
Bamako (NE)
Bangui (NN)
Banjul (NE)
Beirut (WW-NW)
Belgrade (SS-SW)
Berlin (SS-SW)
Bern (SE)
Bishkek (WW)
Bissau (NE)
Bratislava (SS-SW)
Brazzaville (NN)
Brussels (SE)
Bucharest (SW-WW)
Budapest (SS-SW)
Bujumbura (NW)
Cairo (WW-NW)
Chișinău (SW-WW)
Conakry (NE)
Copenhagen (SS-SW)
Dakar (NE)
Damascus (WW-NW)
Djibouti (NW)
Dodoma (NW)
Doha (WW)
Dublin (SE)
Dushanbe (WW)
Freetown (NE)
Helsinki (SS-SW)
Islamabad (WW)
Jerusalem (WW-NW)
Juba (NW)
Kabul (WW)
Kampala (NW)
Khartoum (NW)
Kiev (SW-WW)
Kigali (NW)
Kinshasa (NN)
Kuwait City (WW)
Libreville (NN)
Lisbon (EE-SE)
Ljubljana (SS-SW)
Lomé (NN)
London (SE)
Luanda (NN)
Luxembourg (SE)
Madrid (EE-SE)
Malabo (NN)
Manama (WW)
Minsk (SS-SW)
Mogadishu (NW)
Monaco (SE)
Monrovia (NE)
Moscow (SS-SW)
Muscat (WW)
Nairobi (NW)
N'Djamena (NW-NN)
Niamey (NN-NE)
Nicosia (WW-NW)
Nouakchott (NE)
Oslo (SS-SW)
Ouagadougou (NN-NE)
Paris (SE)
Podgorica (SW-WW)
Porto-Novo (NN)
Prague (SS-SW)
Praia (NE)
Pristina (SW-WW)
Rabat (NE-EE)
Reykjavík (SE)
Riga (SS-SW)
Riyadh (WW)
Rome (SS-SW)
San Marino (SS-SW)
Sana'a (NW)
São Tomé (NN)
Sarajevo (SS-SW)
Skopje (SW-WW)
Sofia (SW-WW)
Stockholm (SS-SW)
Tallinn (SS-SW)
Tashkent (WW)
Tbilisi (WW)
Tehran (WW)
Tirana (SW-WW)
Tripoli (NW-NN)
Vaduz (SE)
Valletta (WW-NW)
Vatican City (SS-SW)
Vienna (SS-SW)
Vilnius (SS-SW)
Warsaw (SS-SW)
Yamoussoukro (NE)
Yaoundé (NN)
Yerevan (WW)
Zagreb (SS-SW)
Tunis
97%
Abu Dhabi (WW)
Abuja (NN)
Accra (NE)
Addis Ababa (NW)
Algiers (EE-SE)
Amman (WW-NW)
Amsterdam (SE)
Andorra la Vella (EE-SE)
Ankara (SW-WW)
Ashgabat (WW)
Asmara (NW)
Astana (WW)
Athens (SW-WW)
Baghdad (WW-NW)
Baku (WW)
Bamako (NE)
Bangui (NN)
Banjul (NE)
Beirut (WW-NW)
Belgrade (SS-SW)
Berlin (SE)
Bern (SE)
Bishkek (WW)
Bissau (NE)
Bratislava (SS-SW)
Brazzaville (NN)
Brussels (SE)
Bucharest (SW-WW)
Budapest (SS-SW)
Bujumbura (NN)
Cairo (WW-NW)
Chișinău (SS-SW)
Conakry (NE)
Copenhagen (SE)
Dakar (NE)
Damascus (WW-NW)
Djibouti (NW)
Dodoma (NW)
Doha (WW)
Dublin (SE)
Dushanbe (WW)
Freetown (NE)
Helsinki (SS-SW)
Islamabad (WW)
Jerusalem (WW-NW)
Juba (NW)
Kabul (WW)
Kampala (NW)
Khartoum (NW-NN)
Kiev (SS-SW)
Kigali (NN)
Kinshasa (NN)
Kuwait City (WW)
Libreville (NN)
Lilongwe (NN)
Lisbon (EE-SE)
Ljubljana (SE)
Lomé (NN)
London (SE)
Luanda (NN)
Lusaka (NN)
Luxembourg (SE)
Madrid (EE-SE)
Malabo (NN)
Manama (WW)
Minsk (SS-SW)
Mogadishu (NW)
Monaco (SE)
Monrovia (NE)
Moscow (SS-SW)
Muscat (WW)
Nairobi (NW)
N'Djamena (NW-NN)
New Delhi (WW)
Niamey (NN-NE)
Nicosia (WW-NW)
Nouakchott (NE)
Oslo (SE)
Ouagadougou (NE)
Paris (SE)
Podgorica (SS-SW)
Porto-Novo (NN)
Prague (SE)
Praia (NE)
Pristina (SS-SW)
Rabat (NE-EE)
Reykjavík (SE)
Riga (SS-SW)
Riyadh (WW)
Rome (SE)
San Marino (SE)
Sana'a (NW)
São Tomé (NN)
Sarajevo (SS-SW)
Skopje (SS-SW)
Sofia (SW-WW)
Stockholm (SS-SW)
Tallinn (SS-SW)
Tashkent (WW)
Tbilisi (SW-WW)
Tehran (WW)
Tirana (SS-SW)
Tripoli (NN-NE)
Tunis (EE-SE)
Vaduz (SE)
Vatican City (SE)
Vienna (SS-SW)
Vilnius (SS-SW)
Warsaw (SS-SW)
Yamoussoukro (NE)
Yaoundé (NN)
Yerevan (SW-WW)
Zagreb (SS-SW)
Valletta
97%
Abu Dhabi (NW-NN)
Abuja (NE)
Accra (NE)
Addis Ababa (NN)
Algiers (EE)
Amman (NN-NE)
Amsterdam (SE)
Andorra la Vella (EE)
Ankara (NE-EE)
Ashgabat (WW-NW)
Asmara (NN-NE)
Astana (SW-WW)
Athens (NE-EE)
Baghdad (NN-NE)
Baku (SW-WW)
Bamako (NE)
Bangui (NE)
Beijing (WW)
Beirut (NE-EE)
Belgrade (EE-SE)
Berlin (EE-SE)
Bern (EE)
Bishkek (SW-WW)
Bratislava (EE-SE)
Brazzaville (NE)
Brussels (EE)
Bucharest (EE-SE)
Budapest (EE-SE)
Bujumbura (NN)
Cairo (NE-EE)
Chișinău (EE-SE)
Colombo (NW)
Copenhagen (EE-SE)
Damascus (NN-NE)
Dhaka (NW)
Djibouti (NN)
Dodoma (NN)
Doha (NW-NN)
Dublin (EE)
Dushanbe (WW-NW)
Helsinki (SE)
Islamabad (WW-NW)
Jerusalem (NN-NE)
Juba (NN)
Kabul (WW-NW)
Kampala (NN)
Kathmandu (WW)
Khartoum (NN-NE)
Kiev (SE)
Kigali (NN)
Kinshasa (NE)
Kuwait City (NW-NN)
Libreville (NE)
Lisbon (EE)
Ljubljana (EE-SE)
Lomé (NE)
London (EE)
Luxembourg (EE)
Madrid (EE)
Malabo (NE)
Malé (NW)
Manama (NW-NN)
Minsk (SE)
Mogadishu (NN)
Monaco (EE)
Moroni (NN)
Moscow (SE)
Muscat (NW-NN)
Nairobi (NN)
Naypyidaw (NW)
N'Djamena (NE)
New Delhi (NW)
Niamey (NE)
Nicosia (NE-EE)
Oslo (SE)
Ouagadougou (NE)
Paris (EE)
Podgorica (EE-SE)
Porto-Novo (NE)
Prague (EE-SE)
Pristina (EE-SE)
Rabat (EE)
Reykjavík (SE)
Riga (SE)
Riyadh (NW-NN)
Rome (EE-SE)
San Marino (EE-SE)
Sana'a (NN-NE)
São Tomé (NE)
Sarajevo (EE-SE)
Skopje (EE-SE)
Sofia (EE-SE)
Stockholm (SE)
Tallinn (SE)
Tashkent (SW-WW)
Tbilisi (any)
Tehran (WW-NW)
Thimphu (WW)
Tirana (EE-SE)
Tripoli (NE-EE)
Tunis (EE)
Ulaanbaatar (WW)
Vaduz (EE-SE)
Valletta (NE-EE)
Vatican City (EE-SE)
Victoria (NN)
Vienna (EE-SE)
Vilnius (SE)
Warsaw (EE-SE)
Yaoundé (NE)
Zagreb (EE-SE)
Yerevan
97%
Abuja (EE)
Addis Ababa (NN-NE)
Algiers (EE)
Amman (EE-SE)
Amsterdam (SE)
Andorra la Vella (EE)
Ankara (EE-SE)
Antananarivo (NN)
Ashgabat (SS-SW)
Asmara (NE-EE)
Astana (SW)
Athens (SE)
Baghdad (SE)
Baku (SE)
Bangkok (WW)
Bangui (NE)
Beijing (WW)
Beirut (EE-SE)
Belgrade (SE)
Berlin (SE)
Bern (SE)
Bishkek (SS-SW)
Bratislava (SE)
Brazzaville (NE)
Brussels (SE)
Bucharest (SE)
Budapest (SE)
Bujumbura (NE)
Cairo (EE-SE)
Chișinău (SE)
Colombo (NW)
Copenhagen (SE)
Damascus (EE-SE)
Dhaka (WW)
Djibouti (NN-NE)
Dodoma (NE)
Doha (EE-SE)
Dublin (SE)
Dushanbe (SS-SW)
Hanoi (WW)
Harare (NE)
Helsinki (SE)
Islamabad (SW-WW)
Jerusalem (EE-SE)
Juba (NE)
Kabul (SW-WW)
Kampala (NE)
Kathmandu (WW)
Khartoum (NE-EE)
Kiev (SE)
Kigali (NE)
Kinshasa (NE)
Kuala Lumpur (NW)
Kuwait City (EE-SE)
Libreville (NE)
Lilongwe (NE)
Ljubljana (SE)
London (SE)
Luanda (NE)
Lusaka (NE)
Luxembourg (SE)
Madrid (EE)
Malabo (NE)
Malé (NW)
Manama (EE-SE)
Minsk (SE)
Mogadishu (NN-NE)
Monaco (SE)
Moroni (NN)
Muscat (WW-NW)
Nairobi (NE)
Naypyidaw (WW)
N'Djamena (EE)
New Delhi (SW-WW)
Niamey (EE)
Nicosia (EE-SE)
Oslo (SE)
Paris (SE)
Phnom Penh (WW)
Podgorica (SE)
Port Louis (NN)
Porto-Novo (EE)
Prague (SE)
Pristina (SE)
Rabat (EE)
Riga (SE)
Riyadh (EE-SE)
Rome (SE)
San Marino (SE)
Sana'a (NE-EE)
São Tomé (NE)
Sarajevo (SE)
Singapore (NW)
Skopje (SE)
Sofia (SE)
Stockholm (SE)
Tallinn (SE)
Tashkent (SS-SW)
Tbilisi (SE)
Tehran (SE)
Thimphu (WW)
Tirana (SE)
Tripoli (EE)
Tunis (EE)
Ulaanbaatar (SW)
Vaduz (SE)
Valletta (EE)
Vatican City (SE)
Victoria (NN)
Vienna (SE)
Vientiane (WW)
Vilnius (SE)
Warsaw (SE)
Yaoundé (NE)
Yerevan (SE)
Zagreb (SE)
Abu Dhabi
96%
Abu Dhabi (WW-NW)
Abuja (NE)
Accra (NE)
Addis Ababa (NW-NN)
Algiers (EE-SE)
Amman (SW-WW)
Amsterdam (SE)
Andorra la Vella (EE-SE)
Ankara (SS-SW)
Antananarivo (NN)
Ashgabat (SW-WW)
Asmara (NW-NN)
Astana (SW)
Athens (SE)
Baghdad (SW-WW)
Baku (SW-WW)
Bamako (NE)
Bangui (NE)
Banjul (EE)
Beirut (SS-SW)
Belgrade (SE)
Berlin (SE)
Bern (EE-SE)
Bishkek (WW)
Bissau (NE)
Bratislava (SE)
Brazzaville (NE)
Brussels (SE)
Bucharest (SE)
Budapest (SE)
Bujumbura (NN)
Chișinău (SE)
Colombo (NW)
Conakry (NE)
Copenhagen (SE)
Dakar (EE)
Damascus (SW-WW)
Dhaka (WW)
Djibouti (NW-NN)
Dodoma (NN)
Doha (WW-NW)
Dublin (SE)
Dushanbe (WW)
Freetown (NE)
Harare (NN)
Islamabad (WW)
Jerusalem (SW-WW)
Juba (NW-NN)
Kabul (WW)
Kampala (NN)
Kathmandu (WW)
Khartoum (NW-NN)
Kiev (SE)
Kigali (NN)
Kinshasa (NE)
Kuwait City (WW-NW)
Libreville (NE)
Lilongwe (NN)
Lisbon (EE)
Ljubljana (SE)
Lomé (NE)
London (SE)
Luanda (NE)
Lusaka (NN)
Luxembourg (SE)
Madrid (EE)
Malabo (NE)
Malé (NW)
Manama (WW-NW)
Minsk (SE)
Mogadishu (NW)
Monaco (EE-SE)
Monrovia (NE)
Moroni (NN)
Moscow (SS-SW)
Muscat (WW-NW)
Nairobi (NN)
N'Djamena (NN-NE)
New Delhi (WW)
Niamey (NE)
Nicosia (SS-SW)
Nouakchott (EE)
Oslo (SE)
Ouagadougou (NE)
Paris (SE)
Podgorica (SE)
Porto-Novo (NE)
Prague (SE)
Praia (EE)
Pristina (SE)
Rabat (EE)
Reykjavík (SE)
Riyadh (WW-NW)
Rome (EE-SE)
San Marino (EE-SE)
Sana'a (NW-NN)
São Tomé (NE)
Sarajevo (SE)
Skopje (SE)
Sofia (SE)
Tashkent (WW)
Tbilisi (SS-SW)
Tehran (SW-WW)
Thimphu (WW)
Tirana (SE)
Tripoli (EE-SE)
Tunis (EE-SE)
Vaduz (SE)
Valletta (EE-SE)
Vatican City (EE-SE)
Victoria (NW)
Vienna (SE)
Vilnius (SE)
Warsaw (SE)
Yamoussoukro (NE)
Yaoundé (NE)
Yerevan (SW-WW)
Zagreb (SE)
Cairo
96%
Abu Dhabi (SW)
Abuja (SE)
Accra (EE)
Addis Ababa (SS-SW)
Algiers (SE)
Amman (SS)
Antananarivo (NW-NN)
Ashgabat (SW)
Asmara (SS-SW)
Baghdad (SS)
Baku (SS)
Bamako (SE)
Bangui (EE-SE)
Brazzaville (EE-SE)
Bujumbura (EE-SE)
Colombo (WW)
Conakry (EE)
Damascus (SS)
Djibouti (SS-SW)
Doha (SW)
Freetown (EE)
Gaborone (NN-NE)
Harare (NN-NE)
Islamabad (SW)
Juba (SE)
Kabul (SW)
Kampala (SE)
Khartoum (SE)
Kigali (EE-SE)
Kinshasa (EE-SE)
Kuwait City (SS)
Libreville (EE)
Lilongwe (NN-NE)
Lomé (EE)
Luanda (NE-EE)
Lusaka (NN-NE)
Malabo (EE)
Malé (WW)
Manama (SW)
Maputo (NN-NE)
Maseru (NN-NE)
Mbabane (NN-NE)
Mogadishu (SW-WW)
Monrovia (EE)
Moroni (WW-NW)
Muscat (SW)
Nairobi (SS-SW)
N'Djamena (SE)
New Delhi (SW)
Niamey (SE)
Ouagadougou (SE)
Port Louis (WW-NW)
Porto-Novo (EE)
Pretoria (NN-NE)
Riyadh (SS)
Rome (SE)
Sana'a (SS-SW)
São Tomé (EE)
Tbilisi (SS)
Tehran (SS)
Tripoli (SE)
Tunis (SE)
Valletta (SE)
Vatican City (SE)
Victoria (SW-WW)
Windhoek (NE-EE)
Yamoussoukro (EE)
Yaoundé (EE-SE)
Yerevan (SS)
Dodoma
96%
Abu Dhabi (WW)
Accra (NE-EE)
Addis Ababa (WW)
Amman (SW)
Ankara (SW)
Antananarivo (NW)
Asmara (WW)
Athens (SW)
Baghdad (SW)
Baku (SW)
Bamako (EE-SE)
Bangui (WW-NW)
Banjul (EE-SE)
Beirut (SW)
Belgrade (SS)
Berlin (SS)
Bissau (EE-SE)
Bratislava (SS)
Brazzaville (NW-NN)
Bucharest (SW)
Budapest (SS)
Bujumbura (WW-NW)
Cairo (SW)
Chișinău (SW)
Conakry (EE-SE)
Copenhagen (SS)
Dakar (EE-SE)
Damascus (SW)
Djibouti (WW)
Dodoma (NW)
Doha (WW)
Freetown (NE-EE)
Gaborone (NW)
Harare (NW)
Helsinki (SS)
Jerusalem (SW)
Juba (WW-NW)
Kampala (WW-NW)
Khartoum (SW-WW)
Kiev (SW)
Kigali (WW-NW)
Kinshasa (NW-NN)
Kuwait City (SW)
Libreville (NW-NN)
Lilongwe (NW)
Lisbon (SE)
Ljubljana (SS)
Lomé (NE-EE)
Luanda (NW-NN)
Lusaka (NW)
Malabo (NW-NN)
Manama (SW)
Maputo (NW)
Maseru (NW)
Mbabane (NW)
Minsk (SS)
Mogadishu (WW)
Monrovia (NE-EE)
Moroni (NW)
Moscow (SW)
Muscat (WW)
Nairobi (WW)
N'Djamena (SW-WW)
Niamey (EE-SE)
Nicosia (SW)
Nouakchott (EE-SE)
Oslo (SS)
Ouagadougou (EE-SE)
Podgorica (SS)
Porto-Novo (NE-EE)
Prague (SS)
Praia (EE)
Pretoria (NW)
Pristina (SS)
Rabat (SE)
Riga (SS)
Riyadh (SW)
Rome (SS)
San Marino (SS)
Sana'a (WW)
São Tomé (NN-NE)
Sarajevo (SS)
Skopje (SS)
Sofia (SW)
Stockholm (SS)
Tallinn (SS)
Tbilisi (SW)
Tehran (SW)
Tirana (SS)
Tripoli (SS-SW)
Tunis (SS)
Vaduz (SS)
Valletta (SS)
Vatican City (SS)
Victoria (WW)
Vienna (SS)
Vilnius (SS)
Warsaw (SS)
Windhoek (NN)
Yamoussoukro (NE-EE)
Yaoundé (NW-NN)
Yerevan (SW)
Zagreb (SS)
Abuja
95%
Abu Dhabi (WW)
Abuja (NN)
Accra (NN)
Addis Ababa (NW)
Amman (WW)
Amsterdam (SS-SW)
Andorra la Vella (SE)
Ankara (SW-WW)
Ashgabat (WW)
Asmara (NW)
Astana (WW)
Athens (SW-WW)
Baghdad (WW)
Baku (WW)
Bamako (NN-NE)
Bangui (NW)
Banjul (NE)
Beirut (WW-NW)
Belgrade (SW-WW)
Berlin (SS-SW)
Bern (SS-SW)
Bishkek (WW)
Bissau (NE)
Bratislava (SS-SW)
Brazzaville (NN)
Brussels (SS-SW)
Bucharest (SW-WW)
Budapest (SW-WW)
Bujumbura (NW)
Cairo (WW-NW)
Chișinău (SW-WW)
Conakry (NE)
Copenhagen (SS-SW)
Dakar (NE)
Damascus (WW)
Djibouti (NW)
Dodoma (NW)
Doha (WW)
Dublin (SE)
Dushanbe (WW)
Freetown (NE)
Helsinki (SW)
Jerusalem (WW-NW)
Juba (NW)
Kabul (WW)
Kampala (NW)
Khartoum (NW)
Kiev (SW-WW)
Kigali (NW)
Kinshasa (NN)
Kuwait City (WW)
Libreville (NN)
Lisbon (EE-SE)
Ljubljana (SS-SW)
Lomé (NN)
London (SE)
Luanda (NN)
Luxembourg (SS-SW)
Madrid (EE-SE)
Malabo (NN)
Manama (WW)
Minsk (SS-SW)
Mogadishu (NW)
Monaco (SS-SW)
Monrovia (NE)
Moscow (SW)
Muscat (WW)
Nairobi (NW)
N'Djamena (NW-NN)
Niamey (NN-NE)
Nicosia (WW-NW)
Nouakchott (NN-NE)
Oslo (SS-SW)
Ouagadougou (NN-NE)
Paris (SE)
Podgorica (SW-WW)
Porto-Novo (NN)
Prague (SS-SW)
Praia (NE)
Pristina (SW-WW)
Rabat (NE-EE)
Reykjavík (SE)
Riga (SS-SW)
Riyadh (WW)
Rome (SW-WW)
San Marino (SS-SW)
Sana'a (NW)
São Tomé (NN)
Sarajevo (SW-WW)
Skopje (SW-WW)
Sofia (SW-WW)
Stockholm (SS-SW)
Tallinn (SS-SW)
Tashkent (WW)
Tbilisi (WW)
Tehran (WW)
Tirana (SW-WW)
Tripoli (WW-NW)
Tunis (SW-WW)
Vaduz (SS-SW)
Valletta (WW-NW)
Vatican City (SW-WW)
Vienna (SS-SW)
Vilnius (SS-SW)
Warsaw (SS-SW)
Yamoussoukro (NN)
Yaoundé (NN)
Yerevan (WW)
Zagreb (SW-WW)
Algiers
95%
Abu Dhabi (NN-NE)
Addis Ababa (NE)
Algiers (EE)
Amman (NE-EE)
Amsterdam (EE)
Andorra la Vella (EE)
Ankara (EE-SE)
Asmara (NE)
Astana (SS-SW)
Athens (EE)
Baghdad (NE-EE)
Baku (EE-SE)
Bangkok (NW)
Bangui (NE)
Beijing (WW)
Beirut (NE-EE)
Belgrade (EE)
Berlin (SE)
Bern (EE)
Bishkek (SW-WW)
Bratislava (EE)
Brussels (EE)
Bucharest (EE-SE)
Budapest (EE)
Bujumbura (NE)
Cairo (NE-EE)
Chișinău (EE-SE)
Colombo (NW)
Copenhagen (SE)
Damascus (NE-EE)
Dhaka (NW)
Djibouti (NE)
Dodoma (NE)
Doha (NN-NE)
Dublin (EE)
Dushanbe (SW-WW)
Hanoi (WW)
Helsinki (SE)
Islamabad (WW-NW)
Jerusalem (NE-EE)
Juba (NE)
Kabul (WW-NW)
Kampala (NE)
Kathmandu (WW-NW)
Khartoum (NE)
Kiev (EE-SE)
Kigali (NE)
Kuala Lumpur (NW)
Kuwait City (NE-EE)
Lisbon (EE)
Ljubljana (EE)
London (EE)
Luxembourg (EE)
Madrid (EE)
Malé (NN)
Manama (NN-NE)
Minsk (EE-SE)
Mogadishu (NN)
Monaco (EE)
Moroni (NN)
Moscow (SE)
Muscat (NW-NN)
Nairobi (NE)
Naypyidaw (NW)
N'Djamena (NE)
New Delhi (WW-NW)
Nicosia (NE-EE)
Oslo (SE)
Paris (EE)
Phnom Penh (NW)
Podgorica (EE)
Prague (EE)
Pristina (EE)
Pyongyang (WW)
Rabat (EE)
Reykjavík (SE)
Riga (SE)
Riyadh (NN-NE)
Rome (EE)
San Marino (EE)
Sana'a (NN-NE)
Sarajevo (EE)
Seoul (WW)
Skopje (EE)
Sofia (EE)
Stockholm (SE)
Tallinn (SE)
Tashkent (SW-WW)
Tbilisi (EE-SE)
Tehran (NE-EE)
Thimphu (WW)
Tirana (EE)
Tripoli (EE)
Tunis (EE)
Ulaanbaatar (WW)
Vaduz (EE)
Valletta (EE)
Vatican City (EE)
Victoria (NN)
Vienna (EE)
Vientiane (NW)
Vilnius (SE)
Warsaw (SE)
Yerevan (EE-SE)
Zagreb (EE)
Ashgabat
95%
Abu Dhabi (SW)
Abuja (EE-SE)
Accra (EE)
Addis Ababa (SW-WW)
Algiers (SE)
Amman (SS)
Amsterdam (SE)
Andorra la Vella (SE)
Ankara (SS)
Antananarivo (NW)
Ashgabat (SW)
Asmara (SS-SW)
Baghdad (SW)
Baku (SW)
Bamako (EE)
Bangui (NE-EE)
Banjul (EE)
Beirut (SS)
Bern (SE)
Bishkek (SW)
Bissau (EE)
Brazzaville (NE-EE)
Brussels (SE)
Bujumbura (NN-NE)
Cairo (SE)
Colombo (WW)
Conakry (EE)
Dakar (EE)
Damascus (SS)
Djibouti (SW-WW)
Dodoma (NW-NN)
Doha (SW)
Dushanbe (SW)
Freetown (EE)
Gaborone (NN)
Harare (NN-NE)
Islamabad (SW)
Jerusalem (SS)
Kabul (SW)
Kampala (NW-NN)
Khartoum (SS-SW)
Kigali (NN-NE)
Kinshasa (NE-EE)
Kuwait City (SW)
Libreville (NE-EE)
Lilongwe (NW-NN)
Lisbon (SE)
Lomé (EE)
London (SE)
Luanda (NE-EE)
Lusaka (NN-NE)
Luxembourg (SE)
Madrid (SE)
Malabo (NE-EE)
Malé (WW)
Manama (SW)
Maputo (NN)
Maseru (NN)
Mbabane (NN)
Mogadishu (WW-NW)
Monaco (SE)
Monrovia (EE)
Moroni (NW-NN)
Moscow (SS)
Muscat (SW)
Nairobi (NW-NN)
N'Djamena (EE-SE)
New Delhi (SW)
Niamey (EE)
Nicosia (SS)
Nouakchott (EE)
Ouagadougou (EE)
Paris (SE)
Port Louis (NW)
Porto-Novo (EE)
Pretoria (NN)
Rabat (SE)
Riyadh (SS-SW)
Rome (SE)
San Marino (SE)
Sana'a (SW-WW)
São Tomé (NE-EE)
Tashkent (SW)
Tbilisi (SS)
Tehran (SW)
Tripoli (SE)
Tunis (SE)
Vaduz (SE)
Valletta (SE)
Vatican City (SE)
Victoria (WW-NW)
Windhoek (NE)
Yamoussoukro (EE)
Yaoundé (NE-EE)
Yerevan (SS)
Juba
95%
Abu Dhabi (NW)
Abuja (NN)
Accra (NE)
Addis Ababa (NN)
Algiers (NN-NE)
Amman (NW-NN)
Amsterdam (NE-EE)
Andorra la Vella (NE-EE)
Ankara (NW-NN)
Ashgabat (WW-NW)
Asmara (NN)
Astana (WW-NW)
Athens (NN-NE)
Baghdad (NW-NN)
Baku (WW-NW)
Bamako (NE)
Bangui (NN)
Banjul (NE)
Beirut (NW-NN)
Belgrade (NN-NE)
Berlin (NE-EE)
Bern (NE-EE)
Bishkek (WW)
Bratislava (NE-EE)
Brussels (NE-EE)
Bucharest (NN-NE)
Budapest (NN-NE)
Cairo (NW-NN)
Chișinău (NW-NN)
Copenhagen (EE-SE)
Dakar (NE)
Damascus (NW-NN)
Djibouti (NN)
Doha (NW)
Dublin (NE-EE)
Dushanbe (NW)
Helsinki (SE)
Islamabad (NW)
Jerusalem (NW-NN)
Juba (NN)
Kabul (NW)
Kampala (NN)
Kathmandu (NW)
Khartoum (NN)
Kiev (NW-NN)
Kuwait City (NW)
Lisbon (NE)
Ljubljana (NE-EE)
Lomé (NE)
London (NE-EE)
Luxembourg (NE-EE)
Madrid (NE-EE)
Malabo (NN)
Manama (NW)
Mogadishu (NN)
Monaco (NE-EE)
Moscow (SW-WW)
Muscat (NW)
N'Djamena (NN)
New Delhi (NW)
Niamey (NE)
Nicosia (NW-NN)
Nouakchott (NE)
Oslo (EE-SE)
Ouagadougou (NE)
Paris (NE-EE)
Podgorica (NN-NE)
Porto-Novo (NE)
Prague (NE-EE)
Pristina (NN-NE)
Rabat (NE)
Reykjavík (EE-SE)
Riga (SE)
Riyadh (NW)
Rome (NN-NE)
San Marino (NN-NE)
Sana'a (NN)
Sarajevo (NN-NE)
Skopje (NN-NE)
Sofia (NN-NE)
Stockholm (SE)
Tallinn (SE)
Tashkent (NW)
Tbilisi (NW-NN)
Tehran (NW-NN)
Thimphu (NW)
Tirana (NN-NE)
Tripoli (NN-NE)
Tunis (NN-NE)
Ulaanbaatar (WW)
Vaduz (NE-EE)
Valletta (NN-NE)
Vatican City (NN-NE)
Vienna (NE-EE)
Vilnius (any)
Warsaw (NE-EE)
Yamoussoukro (NE)
Yaoundé (NN)
Yerevan (NW-NN)
Zagreb (NN-NE)
Minsk
95%
Abu Dhabi (NW)
Abuja (NN)
Addis Ababa (NN)
Algiers (NN-NE)
Amman (NW-NN)
Amsterdam (NE-EE)
Andorra la Vella (NE-EE)
Ankara (NW-NN)
Ashgabat (NW)
Asmara (NN)
Astana (WW)
Athens (NN-NE)
Baghdad (NW)
Baku (WW-NW)
Bamako (NE)
Bangui (NN)
Banjul (NE)
Beirut (NW-NN)
Belgrade (NN-NE)
Berlin (NE-EE)
Bern (NE-EE)
Bishkek (NW)
Bratislava (NN-NE)
Brussels (NE-EE)
Bucharest (NW-NN)
Budapest (NN-NE)
Cairo (NN)
Chișinău (NW-NN)
Copenhagen (NE-EE)
Dakar (NE)
Damascus (NW-NN)
Djibouti (NN)
Doha (NW)
Dublin (NE-EE)
Dushanbe (NW)
Helsinki (SS-SW)
Islamabad (NW)
Jerusalem (NW-NN)
Juba (NN)
Kabul (NW)
Kathmandu (NW)
Khartoum (NN)
Kiev (NW-NN)
Kuwait City (NW)
Lisbon (NE)
Ljubljana (NN-NE)
Lomé (NN)
London (NE-EE)
Luxembourg (NE-EE)
Madrid (NE-EE)
Manama (NW)
Minsk (NW-NN)
Monaco (NN-NE)
Moscow (WW-NW)
Muscat (NW)
N'Djamena (NN)
New Delhi (NW)
Niamey (NN)
Nicosia (NW-NN)
Nouakchott (NE)
Oslo (EE-SE)
Ouagadougou (NE)
Paris (NE-EE)
Podgorica (NN-NE)
Porto-Novo (NN)
Prague (NN-NE)
Pristina (NN-NE)
Rabat (NE)
Reykjavík (EE-SE)
Riyadh (NW)
Rome (NN-NE)
San Marino (NN-NE)
Sana'a (NN)
Sarajevo (NN-NE)
Skopje (NN-NE)
Sofia (NN-NE)
Stockholm (EE-SE)
Tallinn (SS-SW)
Tashkent (NW)
Tbilisi (NW-NN)
Tehran (NW)
Tirana (NN-NE)
Tripoli (NN-NE)
Tunis (NN-NE)
Ulaanbaatar (WW)
Vaduz (NN-NE)
Valletta (NN-NE)
Vatican City (NN-NE)
Vienna (NN-NE)
Vilnius (NW-NN)
Warsaw (NN-NE)
Yaoundé (NN)
Yerevan (NW-NN)
Zagreb (NN-NE)
Riga
95%
Abu Dhabi (NW)
Abuja (NN)
Accra (NE)
Addis Ababa (NN)
Algiers (NN-NE)
Amman (NW-NN)
Amsterdam (NE-EE)
Andorra la Vella (NE-EE)
Ankara (NW-NN)
Ashgabat (NW)
Asmara (NN)
Astana (WW)
Athens (NN-NE)
Baghdad (NW-NN)
Baku (WW-NW)
Bamako (NE)
Bangui (NN)
Banjul (NE)
Beirut (NW-NN)
Belgrade (NN-NE)
Berlin (NE-EE)
Bern (NE-EE)
Bishkek (WW)
Bissau (NE)
Bratislava (NN-NE)
Brussels (NE-EE)
Bucharest (NW-NN)
Budapest (NN-NE)
Cairo (NW-NN)
Chișinău (NW-NN)
Copenhagen (EE-SE)
Dakar (NE)
Damascus (NW-NN)
Djibouti (NN)
Doha (NW)
Dublin (NE-EE)
Dushanbe (NW)
Helsinki (SE)
Islamabad (NW)
Jerusalem (NW-NN)
Juba (NN)
Kabul (NW)
Kathmandu (NW)
Khartoum (NN)
Kiev (NW-NN)
Kuwait City (NW)
Lisbon (NE)
Ljubljana (NN-NE)
Lomé (NN)
London (NE-EE)
Luxembourg (NE-EE)
Madrid (NE-EE)
Malabo (NN)
Manama (NW)
Minsk (any)
Monaco (NE-EE)
Moscow (SW-WW)
Muscat (NW)
N'Djamena (NN)
New Delhi (NW)
Niamey (NE)
Nicosia (NW-NN)
Nouakchott (NE)
Oslo (EE-SE)
Ouagadougou (NE)
Paris (NE-EE)
Podgorica (NN-NE)
Porto-Novo (NN)
Prague (NE-EE)
Pristina (NN-NE)
Rabat (NE)
Reykjavík (EE-SE)
Riga (SE)
Riyadh (NW)
Rome (NN-NE)
San Marino (NN-NE)
Sana'a (NN)
Sarajevo (NN-NE)
Skopje (NN-NE)
Sofia (NN-NE)
Stockholm (SE)
Tallinn (SE)
Tashkent (NW)
Tbilisi (NW-NN)
Tehran (NW-NN)
Thimphu (NW)
Tirana (NN-NE)
Tripoli (NN-NE)
Tunis (NN-NE)
Ulaanbaatar (WW)
Vaduz (NE-EE)
Valletta (NN-NE)
Vatican City (NN-NE)
Vienna (NN-NE)
Warsaw (NE-EE)
Yamoussoukro (NE)
Yaoundé (NN)
Yerevan (NW-NN)
Zagreb (NN-NE)
Vilnius
95%
Abu Dhabi (NW)
Abuja (NN)
Accra (NN)
Addis Ababa (NW)
Algiers (NN-NE)
Amman (NW)
Andorra la Vella (NN-NE)
Ankara (WW-NW)
Ashgabat (WW)
Asmara (NW)
Astana (WW)
Athens (NW-NN)
Baghdad (NW)
Baku (WW)
Bamako (NN)
Bangui (NN)
Banjul (NE)
Beirut (NW)
Belgrade (WW-NW)
Berlin (SW-WW)
Bern (NW-NN)
Bishkek (WW)
Bissau (NN)
Bratislava (WW-NW)
Brussels (any)
Bucharest (WW-NW)
Budapest (WW-NW)
Cairo (NW)
Chișinău (WW-NW)
Conakry (NN)
Copenhagen (SW-WW)
Dakar (NE)
Damascus (NW)
Djibouti (NW)
Doha (NW)
Dublin (EE-SE)
Dushanbe (WW)
Freetown (NN)
Helsinki (SW-WW)
Islamabad (WW)
Jerusalem (NW)
Juba (NW)
Kabul (WW)
Khartoum (NW)
Kiev (WW-NW)
Kuwait City (NW)
Libreville (NN)
Lisbon (NN-NE)
Ljubljana (NW-NN)
Lomé (NN)
London (NE-EE)
Luxembourg (NW-NN)
Madrid (NN-NE)
Malabo (NN)
Manama (NW)
Minsk (SW-WW)
Monaco (NW-NN)
Monrovia (NN)
Moscow (SW-WW)
Muscat (NW)
N'Djamena (NN)
Niamey (NN)
Nicosia (WW-NW)
Nouakchott (NE)
Oslo (SS-SW)
Ottawa (EE)
Ouagadougou (NN)
Paris (NN-NE)
Podgorica (NW-NN)
Porto-Novo (NN)
Prague (WW-NW)
Praia (NE)
Pristina (WW-NW)
Rabat (NN-NE)
Reykjavík (EE-SE)
Riga (SW-WW)
Riyadh (NW)
Rome (NW-NN)
San Marino (NW-NN)
Sana'a (NW)
São Tomé (NN)
Sarajevo (WW-NW)
Skopje (WW-NW)
Sofia (WW-NW)
Stockholm (SW-WW)
Tallinn (SW-WW)
Tashkent (WW)
Tbilisi (WW)
Tehran (NW)
Tirana (NW-NN)
Tripoli (NW-NN)
Tunis (NW-NN)
Vaduz (NW-NN)
Valletta (NW-NN)
Vatican City (NW-NN)
Vienna (WW-NW)
Vilnius (SW-WW)
Warsaw (WW-NW)
Yamoussoukro (NN)
Yaoundé (NN)
Yerevan (NW)
Zagreb (WW-NW)
Amsterdam
94%
Abu Dhabi (NW)
Abuja (NN)
Accra (NN)
Addis Ababa (NW)
Algiers (NN-NE)
Amman (NW)
Amsterdam (NE-EE)
Andorra la Vella (NN-NE)
Ankara (NW-NN)
Ashgabat (NW)
Asmara (NW)
Astana (WW)
Athens (NW-NN)
Baghdad (NW)
Baku (NW)
Bamako (NN)
Bangui (NN)
Banjul (NE)
Beirut (NW-NN)
Belgrade (NW-NN)
Berlin (NW-NN)
Bern (NN-NE)
Bishkek (WW)
Bissau (NE)
Bratislava (NW-NN)
Brussels (NE-EE)
Bucharest (NW-NN)
Budapest (NW-NN)
Cairo (NW)
Chișinău (WW-NW)
Conakry (NE)
Dakar (NE)
Damascus (NW)
Djibouti (NW)
Doha (NW)
Dublin (NE-EE)
Dushanbe (NW)
Freetown (NE)
Helsinki (SW-WW)
Islamabad (NW)
Jerusalem (NW)
Juba (NN)
Kabul (NW)
Khartoum (NN)
Kiev (WW-NW)
Kuwait City (NW)
Lisbon (NN-NE)
Ljubljana (NW-NN)
Lomé (NN)
London (NE-EE)
Luxembourg (NN-NE)
Madrid (NN-NE)
Malabo (NN)
Manama (NW)
Minsk (WW-NW)
Monaco (NN-NE)
Monrovia (NN)
Moscow (SW-WW)
Muscat (NW)
N'Djamena (NN)
New Delhi (NW)
Niamey (NN)
Nicosia (NW-NN)
Nouakchott (NE)
Oslo (SE)
Ottawa (EE)
Ouagadougou (NN)
Paris (NN-NE)
Podgorica (NW-NN)
Porto-Novo (NN)
Prague (NW-NN)
Praia (NE)
Pristina (NW-NN)
Rabat (NN-NE)
Reykjavík (EE-SE)
Riga (SW-WW)
Riyadh (NW)
Rome (NN-NE)
San Marino (NN-NE)
Sana'a (NW)
Sarajevo (NW-NN)
Skopje (NW-NN)
Sofia (NW-NN)
Stockholm (SS-SW)
Tallinn (SW-WW)
Tashkent (WW)
Tbilisi (WW-NW)
Tehran (NW)
Tirana (NW-NN)
Tripoli (NW-NN)
Tunis (NN-NE)
Vaduz (NN-NE)
Valletta (NW-NN)
Vatican City (NN-NE)
Vienna (NW-NN)
Vilnius (WW-NW)
Warsaw (WW-NW)
Yamoussoukro (NN)
Yaoundé (NN)
Yerevan (WW-NW)
Zagreb (NW-NN)
Copenhagen
94%
Abu Dhabi (SW)
Abuja (EE-SE)
Accra (EE)
Addis Ababa (SS-SW)
Algiers (SE)
Amman (SS)
Andorra la Vella (SE)
Ankara (SS)
Antananarivo (NW-NN)
Ashgabat (SW)
Asmara (SS-SW)
Baghdad (SS)
Baku (SS)
Bamako (EE)
Bangui (EE-SE)
Banjul (EE)
Beirut (SS)
Bern (SE)
Bissau (EE)
Brazzaville (NE-EE)
Bujumbura (NN-NE)
Colombo (WW)
Conakry (EE)
Dakar (EE)
Damascus (SS)
Djibouti (SS-SW)
Dodoma (NW-NN)
Doha (SW)
Dushanbe (SW)
Freetown (EE)
Gaborone (NN-NE)
Harare (NN-NE)
Islamabad (SW)
Jerusalem (SS)
Juba (SE)
Kabul (SW)
Khartoum (SE)
Kigali (NE-EE)
Kinshasa (NE-EE)
Kuwait City (SW)
Libreville (EE-SE)
Lilongwe (NW-NN)
Lomé (EE)
Luanda (NE-EE)
Lusaka (NN-NE)
Madrid (SE)
Malabo (EE-SE)
Malé (WW)
Manama (SW)
Maputo (NW-NN)
Maseru (NN)
Mbabane (NN-NE)
Mogadishu (SW-WW)
Monaco (SE)
Monrovia (EE)
Moroni (NW-NN)
Muscat (SW)
Nairobi (WW-NW)
N'Djamena (EE-SE)
New Delhi (SW)
Niamey (SE)
Nicosia (SS)
Nouakchott (EE)
Ouagadougou (EE)
Port Louis (NW)
Porto-Novo (EE)
Pretoria (NN-NE)
Rabat (SE)
Riyadh (SW)
Rome (SE)
Sana'a (SS-SW)
São Tomé (EE-SE)
Tashkent (SW)
Tbilisi (SS)
Tehran (SW)
Tripoli (SE)
Tunis (SE)
Vaduz (SE)
Valletta (SE)
Vatican City (SE)
Victoria (WW-NW)
Windhoek (NE)
Yamoussoukro (EE)
Yaoundé (EE-SE)
Yerevan (SS)
Kampala
94%
Abu Dhabi (SW)
Abuja (EE-SE)
Accra (EE)
Addis Ababa (SS-SW)
Algiers (SE)
Amman (SS)
Andorra la Vella (SE)
Ankara (SS)
Antananarivo (WW-NW)
Ashgabat (SW)
Asmara (SS-SW)
Baghdad (SS)
Baku (SW)
Bamako (EE)
Bangui (EE-SE)
Banjul (EE)
Beirut (SS)
Bissau (EE)
Brazzaville (NE-EE)
Bujumbura (any)
Cairo (SS)
Colombo (WW)
Conakry (EE)
Dakar (EE)
Damascus (SS)
Djibouti (SS-SW)
Dodoma (WW-NW)
Doha (SW)
Dushanbe (SW)
Freetown (EE)
Gaborone (NN-NE)
Harare (NW-NN)
Islamabad (SW)
Jerusalem (SS)
Juba (SS-SW)
Kabul (SW)
Kampala (SW-WW)
Khartoum (SS-SW)
Kiev (SS)
Kinshasa (NE-EE)
Kuwait City (SW)
Libreville (EE-SE)
Lilongwe (NW-NN)
Lomé (EE)
Luanda (NE-EE)
Lusaka (NN-NE)
Madrid (SE)
Malabo (EE-SE)
Malé (WW)
Manama (SW)
Maputo (NW-NN)
Maseru (NN)
Mbabane (NW-NN)
Mogadishu (SW-WW)
Monaco (SE)
Monrovia (EE)
Moroni (WW-NW)
Muscat (SW)
Nairobi (SW-WW)
N'Djamena (EE-SE)
Niamey (SE)
Nicosia (SS)
Nouakchott (SE)
Ouagadougou (SE)
Port Louis (NW)
Porto-Novo (EE)
Pretoria (NN-NE)
Rabat (SE)
Riyadh (SW)
Sana'a (SS-SW)
São Tomé (EE-SE)
Tbilisi (SS)
Tehran (SW)
Tripoli (SE)
Tunis (SE)
Victoria (WW-NW)
Windhoek (NN-NE)
Yamoussoukro (EE)
Yaoundé (EE-SE)
Yerevan (SS)
Kigali
94%
Abu Dhabi (SW)
Abuja (SE)
Accra (SE)
Addis Ababa (SS-SW)
Amman (SS)
Antananarivo (WW-NW)
Asmara (SS)
Baghdad (SS)
Bamako (SE)
Bangui (SE)
Beirut (SS)
Brazzaville (EE-SE)
Bujumbura (SE)
Colombo (SW)
Conakry (SE)
Damascus (SS)
Djibouti (SS)
Dodoma (SS-SW)
Doha (SW)
Freetown (SE)
Gaborone (NN-NE)
Harare (NN-NE)
Jerusalem (SS)
Juba (SE)
Kampala (SE)
Kigali (SE)
Kinshasa (EE-SE)
Kuwait City (SS)
Libreville (SE)
Lomé (SE)
Luanda (EE-SE)
Lusaka (NE-EE)
Malabo (SE)
Malé (SW)
Manama (SS)
Maputo (NN-NE)
Maseru (NN-NE)
Mbabane (NN-NE)
Mogadishu (SS-SW)
Monrovia (SE)
Moroni (SW-WW)
Muscat (SW)
Nairobi (SS-SW)
N'Djamena (SE)
Niamey (SE)
Ouagadougou (SE)
Port Louis (WW-NW)
Porto-Novo (SE)
Pretoria (NN-NE)
Riyadh (SS)
Sana'a (SS)
São Tomé (SE)
Tehran (SS)
Tripoli (SE)
Victoria (SW-WW)
Windhoek (NE-EE)
Yamoussoukro (SE)
Yaoundé (SE)
Lilongwe
94%
Abuja (NW)
Accra (NN)
Addis Ababa (NW)
Algiers (WW-NW)
Amman (WW)
Amsterdam (SS-SW)
Andorra la Vella (SW-WW)
Ankara (WW)
Ashgabat (WW)
Asmara (NW)
Athens (WW-NW)
Baghdad (WW)
Baku (WW)
Bamako (NW-NN)
Bangui (NW)
Banjul (NN-NE)
Basseterre (NE)
Beirut (WW)
Belgrade (SW-WW)
Berlin (SW-WW)
Bern (SW-WW)
Bissau (NN)
Bratislava (SW-WW)
Brazzaville (NW)
Bridgetown (NE)
Brussels (SS-SW)
Bucharest (SW-WW)
Budapest (SW-WW)
Cairo (WW)
Castries (NE)
Chișinău (WW)
Conakry (NN)
Copenhagen (SS-SW)
Dakar (NN-NE)
Damascus (WW)
Djibouti (NW)
Doha (WW)
Dublin (SS-SW)
Freetown (NN)
Helsinki (SW)
Jerusalem (WW)
Juba (NW)
Khartoum (NW)
Kiev (SW)
Kingstown (NE)
Kinshasa (NW)
Kuwait City (WW)
Libreville (NW)
Ljubljana (SW-WW)
Lomé (NN)
London (SS-SW)
Luanda (NW)
Luxembourg (SW-WW)
Madrid (SW-WW)
Malabo (NW)
Manama (WW)
Minsk (SW)
Monaco (SW-WW)
Monrovia (NN)
Moscow (SW)
N'Djamena (NW)
Niamey (NN)
Nicosia (WW)
Nouakchott (NN-NE)
Oslo (SS-SW)
Ottawa (EE)
Ouagadougou (NN)
Paramaribo (NE)
Paris (SS-SW)
Podgorica (SW-WW)
Porto-Novo (NN)
Prague (SW-WW)
Praia (NN-NE)
Pristina (SW-WW)
Rabat (NW-NN)
Reykjavík (SE)
Riga (SW)
Riyadh (WW)
Rome (SW-WW)
Roseau (NE)
Saint George's (NE)
Saint John's (NE)
San Marino (SW-WW)
Sana'a (NW)
São Tomé (NN)
Sarajevo (SW-WW)
Skopje (SW-WW)
Sofia (SW-WW)
Stockholm (SS-SW)
Tallinn (SW)
Tbilisi (WW)
Tehran (WW)
Tirana (SW-WW)
Tripoli (WW-NW)
Tunis (WW-NW)
Vaduz (SW-WW)
Valletta (WW-NW)
Vatican City (SW-WW)
Vienna (SW-WW)
Vilnius (SW)
Warsaw (SW-WW)
Washington D.C. (EE)
Yamoussoukro (NN)
Yaoundé (NW)
Yerevan (WW)
Zagreb (SW-WW)
Lisbon
94%
Abuja (SW-WW)
Accra (any)
Addis Ababa (WW)
Algiers (SS)
Amman (SW)
Amsterdam (SS)
Andorra la Vella (SS)
Ankara (SW)
Antananarivo (NW)
Asmara (WW)
Athens (SW)
Baghdad (SW)
Bamako (EE-SE)
Bangui (WW-NW)
Banjul (EE-SE)
Beirut (SW)
Belgrade (SW)
Berlin (SS)
Bern (SS)
Bissau (EE-SE)
Brasília (NE)
Bratislava (SS)
Brazzaville (WW-NW)
Brussels (SS)
Bucharest (SW)
Budapest (SS)
Bujumbura (WW)
Cairo (SW)
Chișinău (SW)
Conakry (EE-SE)
Copenhagen (SS)
Dakar (EE-SE)
Damascus (SW)
Djibouti (WW)
Dodoma (WW)
Doha (WW)
Freetown (EE-SE)
Gaborone (NW)
Harare (NW)
Jerusalem (SW)
Juba (WW)
Kampala (WW)
Khartoum (WW)
Kiev (SW)
Kigali (WW)
Kinshasa (WW-NW)
Kuwait City (SW)
Libreville (WW-NW)
Lilongwe (NW)
Ljubljana (SS)
Luanda (NW-NN)
Lusaka (NW)
Luxembourg (SS)
Malabo (WW-NW)
Manama (SW)
Maputo (NW)
Maseru (NW)
Mbabane (NW)
Minsk (SW)
Mogadishu (WW)
Monaco (SS)
Monrovia (EE-SE)
Moroni (NW)
Nairobi (WW)
N'Djamena (SW-WW)
Niamey (SS-SW)
Nicosia (SW)
Nouakchott (EE-SE)
Ouagadougou (SE)
Paris (SS)
Podgorica (SW)
Porto-Novo (any)
Prague (SS)
Praia (EE-SE)
Pretoria (NW)
Pristina (SW)
Riga (SS)
Riyadh (SW)
Rome (SS)
San Marino (SS)
Sana'a (WW)
São Tomé (NW-NN)
Sarajevo (SS)
Skopje (SW)
Sofia (SW)
Tbilisi (SW)
Tirana (SW)
Tripoli (SW)
Tunis (SS)
Vaduz (SS)
Valletta (SS)
Vatican City (SS)
Vienna (SS)
Vilnius (SS)
Warsaw (SS)
Windhoek (NW)
Yamoussoukro (EE-SE)
Yaoundé (WW-NW)
Yerevan (SW)
Zagreb (SS)
Lomé
94%
Abu Dhabi (WW)
Abuja (NN)
Accra (NN)
Addis Ababa (NW)
Algiers (WW-NW)
Amman (WW)
Amsterdam (SS-SW)
Andorra la Vella (SW-WW)
Ankara (WW)
Ashgabat (WW)
Asmara (NW)
Astana (WW)
Athens (WW-NW)
Baghdad (WW)
Baku (WW)
Bamako (NN)
Bangui (NW)
Banjul (NE)
Beirut (WW)
Belgrade (SW-WW)
Berlin (SS-SW)
Bern (SW-WW)
Bissau (NN)
Bratislava (SW-WW)
Brazzaville (NN)
Brussels (SS-SW)
Bucharest (SW-WW)
Budapest (SW-WW)
Bujumbura (NW)
Cairo (WW)
Chișinău (SW-WW)
Conakry (NN)
Copenhagen (SS-SW)
Dakar (NE)
Damascus (WW)
Djibouti (NW)
Doha (WW)
Dublin (SE)
Freetown (NN)
Helsinki (SS-SW)
Jerusalem (WW)
Juba (NW)
Kampala (NW)
Khartoum (NW)
Kiev (SW-WW)
Kigali (NW)
Kinshasa (NN)
Kuwait City (WW)
Libreville (NN)
Lisbon (NE-EE)
Ljubljana (SW-WW)
Lomé (NN)
London (SS-SW)
Luanda (NN)
Luxembourg (SS-SW)
Malabo (NN)
Manama (WW)
Minsk (SW-WW)
Monaco (SW-WW)
Monrovia (NN)
Moscow (SW)
N'Djamena (NW)
Niamey (NN)
Nicosia (WW)
Nouakchott (NN-NE)
Oslo (SS-SW)
Ottawa (EE)
Ouagadougou (NN)
Paris (SS-SW)
Podgorica (SW-WW)
Porto-Novo (NN)
Prague (SW-WW)
Praia (NE)
Pristina (SW-WW)
Rabat (NN-NE)
Reykjavík (SE)
Riga (SW-WW)
Riyadh (WW)
Rome (SW-WW)
San Marino (SW-WW)
Sana'a (NW)
São Tomé (NN)
Sarajevo (SW-WW)
Skopje (SW-WW)
Sofia (SW-WW)
Stockholm (SS-SW)
Tallinn (SS-SW)
Tashkent (WW)
Tbilisi (WW)
Tehran (WW)
Tirana (SW-WW)
Tripoli (WW-NW)
Tunis (WW-NW)
Vaduz (SW-WW)
Valletta (WW-NW)
Vatican City (SW-WW)
Vienna (SW-WW)
Vilnius (SW-WW)
Warsaw (SW-WW)
Yamoussoukro (NN)
Yaoundé (NN)
Yerevan (WW)
Zagreb (SW-WW)
Madrid
94%
Abu Dhabi (SW)
Abuja (EE)
Accra (EE)
Addis Ababa (SS-SW)
Algiers (SE)
Antananarivo (NW-NN)
Ashgabat (SW)
Asmara (SS-SW)
Baghdad (SS)
Baku (SS)
Bamako (EE)
Bangui (EE-SE)
Bissau (EE)
Brazzaville (NE-EE)
Bujumbura (NE-EE)
Colombo (WW)
Conakry (EE)
Djibouti (SS-SW)
Dodoma (NN-NE)
Doha (SW)
Dushanbe (SW)
Freetown (EE)
Gaborone (NN-NE)
Harare (NN-NE)
Islamabad (SW)
Juba (SE)
Kabul (SW)
Kampala (EE-SE)
Khartoum (SE)
Kigali (NE-EE)
Kinshasa (NE-EE)
Kuwait City (SS)
Libreville (EE)
Lilongwe (NN-NE)
Ljubljana (SE)
Lomé (EE)
Luanda (NE-EE)
Lusaka (NN-NE)
Malabo (EE)
Malé (WW)
Manama (SW)
Maputo (NN-NE)
Maseru (NN)
Mbabane (NN-NE)
Mogadishu (SW-WW)
Monaco (SE)
Monrovia (EE)
Moroni (NW-NN)
Muscat (SW)
N'Djamena (EE-SE)
New Delhi (SW)
Niamey (SE)
Ouagadougou (EE)
Port Louis (NW)
Porto-Novo (EE)
Pretoria (NN-NE)
Riyadh (SS)
Rome (SE)
San Marino (SE)
Sana'a (SS-SW)
São Tomé (EE)
Tashkent (SW)
Tbilisi (SS)
Tehran (SS)
Tripoli (SE)
Tunis (SE)
Vaduz (SE)
Valletta (SE)
Vatican City (SE)
Victoria (WW-NW)
Windhoek (NE)
Yamoussoukro (EE)
Yaoundé (EE-SE)
Yerevan (SS)
Nairobi
94%
Abu Dhabi (WW)
Abuja (NE-EE)
Accra (NE-EE)
Addis Ababa (WW-NW)
Algiers (SE)
Amman (SW)
Ankara (SW)
Antananarivo (NW)
Ashgabat (SW)
Asmara (SW-WW)
Athens (SS-SW)
Baghdad (SW)
Baku (SW)
Bamako (EE-SE)
Bangui (NW-NN)
Banjul (EE)
Beirut (SW)
Belgrade (SS)
Bissau (EE)
Bratislava (SS)
Brazzaville (NW-NN)
Bucharest (SS)
Budapest (SS)
Bujumbura (NW-NN)
Cairo (SS-SW)
Chișinău (SS)
Conakry (EE)
Dakar (EE)
Damascus (SW)
Djibouti (WW)
Dodoma (NW)
Doha (WW)
Dublin (SE)
Freetown (EE)
Gaborone (NN)
Harare (NW)
Helsinki (SS)
Jerusalem (SW)
Juba (WW-NW)
Kabul (SW)
Kampala (WW-NW)
Khartoum (SW-WW)
Kiev (SS)
Kigali (WW-NW)
Kinshasa (NW-NN)
Kuwait City (SW)
Libreville (NN-NE)
Lilongwe (NW)
Lisbon (SE)
Lomé (NE-EE)
Luanda (NN-NE)
Lusaka (NW)
Madrid (SE)
Malabo (NN-NE)
Manama (SW)
Maputo (NW)
Maseru (NN)
Mbabane (NN)
Minsk (SS)
Mogadishu (WW)
Monrovia (NE-EE)
Moroni (NW)
Moscow (SS)
Muscat (WW)
Nairobi (WW-NW)
Niamey (EE-SE)
Nicosia (SW)
Nouakchott (EE)
Ouagadougou (EE-SE)
Podgorica (SS)
Port Louis (NW)
Porto-Novo (NE-EE)
Praia (EE)
Pretoria (NN)
Pristina (SS)
Rabat (SE)
Riga (SS)
Riyadh (SW)
Sana'a (WW)
São Tomé (NN-NE)
Sarajevo (SS)
Skopje (SS)
Sofia (SS)
Stockholm (SS)
Tallinn (SS)
Tbilisi (SW)
Tehran (SW)
Tirana (SS)
Tripoli (SE)
Tunis (SE)
Valletta (SE)
Victoria (NW)
Vienna (SS)
Vilnius (SS)
Warsaw (SS)
Windhoek (NN)
Yamoussoukro (NE-EE)
Yaoundé (NN-NE)
Yerevan (SW)
Zagreb (SS)
N'Djamena
94%
Abu Dhabi (WW)
Abuja (WW-NW)
Accra (NN-NE)
Addis Ababa (WW)
Algiers (SS-SW)
Amman (SW)
Amsterdam (SS)
Ankara (SW)
Asmara (WW)
Athens (SW)
Baghdad (SW)
Baku (SW)
Bamako (NE-EE)
Bangui (WW-NW)
Banjul (NE-EE)
Beirut (SW)
Belgrade (SW)
Berlin (SS)
Bern (SS)
Bissau (NE-EE)
Bratislava (SS)
Brazzaville (NW-NN)
Brussels (SS)
Bucharest (SW)
Budapest (SW)
Bujumbura (NW)
Cairo (SW)
Chișinău (SW)
Conakry (NE-EE)
Copenhagen (SS)
Dakar (EE-SE)
Damascus (SW)
Djibouti (WW)
Dodoma (NW)
Doha (WW)
Freetown (NE-EE)
Gaborone (NW)
Harare (NW)
Helsinki (SS)
Jerusalem (SW)
Juba (WW)
Kampala (NW)
Khartoum (WW)
Kiev (SW)
Kigali (NW)
Kinshasa (NW-NN)
Kuwait City (WW)
Libreville (NW-NN)
Lilongwe (NW)
Ljubljana (SS)
Lomé (NN-NE)
Luanda (NW-NN)
Lusaka (NW)
Luxembourg (SS)
Malabo (NW-NN)
Manama (WW)
Maputo (NW)
Maseru (NW)
Mbabane (NW)
Minsk (SW)
Mogadishu (WW)
Monaco (SS)
Monrovia (NE-EE)
Moroni (NW)
Moscow (SW)
Nairobi (NW)
N'Djamena (WW-NW)
Nicosia (SW)
Nouakchott (EE-SE)
Oslo (SS)
Ouagadougou (NE-EE)
Paris (SS)
Podgorica (SW)
Porto-Novo (NW-NN)
Prague (SS)
Praia (EE-SE)
Pretoria (NW)
Pristina (SW)
Rabat (SE)
Riga (SS)
Riyadh (WW)
Rome (SS)
San Marino (SS)
Sana'a (WW)
São Tomé (NW-NN)
Sarajevo (SW)
Skopje (SW)
Sofia (SW)
Stockholm (SS)
Tallinn (SS)
Tbilisi (SW)
Tehran (SW)
Tirana (SW)
Tripoli (SS-SW)
Tunis (SS-SW)
Vaduz (SS)
Valletta (SS-SW)
Vatican City (SS)
Vienna (SS)
Vilnius (SW)
Warsaw (SS)
Windhoek (NN)
Yamoussoukro (NE-EE)
Yaoundé (NW-NN)
Yerevan (SW)
Zagreb (SS)
Niamey
94%
Abu Dhabi (NW)
Abuja (NN)
Algiers (NN-NE)
Amman (NW)
Amsterdam (NN-NE)
Andorra la Vella (NN-NE)
Ankara (NW-NN)
Ashgabat (NW)
Asmara (NW)
Astana (WW)
Athens (NW-NN)
Baghdad (NW)
Baku (NW)
Bamako (NN)
Banjul (NE)
Beirut (NW)
Belgrade (NW-NN)
Berlin (NW-NN)
Bern (NN-NE)
Bishkek (NW)
Bissau (NE)
Bratislava (NW-NN)
Brussels (NN-NE)
Bucharest (NW-NN)
Budapest (NW-NN)
Cairo (NW)
Chișinău (NW-NN)
Conakry (NN)
Copenhagen (NW-NN)
Dakar (NE)
Damascus (NW)
Djibouti (NW)
Doha (NW)
Dublin (NE-EE)
Dushanbe (NW)
Helsinki (SW-WW)
Islamabad (NW)
Jerusalem (NW)
Kabul (NW)
Khartoum (NN)
Kiev (WW-NW)
Kuwait City (NW)
Lisbon (NN-NE)
Ljubljana (NW-NN)
London (NN-NE)
Luxembourg (NN-NE)
Madrid (NN-NE)
Manama (NW)
Minsk (WW-NW)
Monaco (NN-NE)
Moscow (WW-NW)
Muscat (NW)
N'Djamena (NN)
New Delhi (NW)
Niamey (NN)
Nicosia (NW)
Nouakchott (NE)
Ottawa (EE)
Ouagadougou (NN)
Paris (NN-NE)
Podgorica (NW-NN)
Porto-Novo (NN)
Prague (NW-NN)
Praia (NE)
Pristina (NW-NN)
Rabat (NE)
Reykjavík (EE-SE)
Riga (WW-NW)
Riyadh (NW)
Rome (NW-NN)
San Marino (NW-NN)
Sana'a (NW)
Sarajevo (NW-NN)
Skopje (NW-NN)
Sofia (NW-NN)
Stockholm (WW-NW)
Tallinn (WW-NW)
Tashkent (NW)
Tbilisi (NW)
Tehran (NW)
Tirana (NW-NN)
Tripoli (NN)
Tunis (NN-NE)
Ulaanbaatar (WW)
Vaduz (NN-NE)
Valletta (NW-NN)
Vatican City (NW-NN)
Vienna (NW-NN)
Vilnius (WW-NW)
Warsaw (NW-NN)
Yerevan (NW)
Zagreb (NW-NN)
Oslo
94%
Amsterdam (WW)
Andorra la Vella (WW)
Basseterre (NN)
Belmopan (NN)
Bogotá (NN)
Bridgetown (NW)
Brussels (WW)
Caracas (NN)
Castries (NN)
Copenhagen (WW)
Dublin (WW)
Georgetown (NN)
Guatemala City (NN)
Havana (NN-NE)
Kingston (NN)
Kingstown (NN)
Lisbon (WW)
London (WW)
Luxembourg (WW)
Madrid (WW)
Managua (NN)
Mexico City (NE)
Nassau (NN-NE)
Oslo (WW)
Panama City (NN)
Paramaribo (NW)
Paris (WW)
Port-au-Prince (NW-NN)
Port-of-Spain (NN)
Praia (NW)
Quito (NN)
Rabat (WW)
Reykjavík (SW)
Roseau (NN)
Saint George's (NN)
Saint John's (NN)
San José (NN)
San Salvador (NN)
Santo Domingo (NN)
Tegucigalpa (NN)
Washington D.C. (NN-NE)
Ottawa
94%
Abuja (WW-NW)
Accra (NW-NN)
Addis Ababa (WW)
Algiers (SS-SW)
Amman (SW)
Amsterdam (SS)
Andorra la Vella (SS)
Ankara (SW)
Asmara (WW)
Athens (SW)
Baghdad (SW)
Baku (SW)
Bamako (EE-SE)
Bangui (WW-NW)
Banjul (EE-SE)
Beirut (SW)
Belgrade (SW)
Berlin (SS)
Bern (SS)
Bissau (NE-EE)
Brasília (NE)
Bratislava (SW)
Brazzaville (WW-NW)
Brussels (SS)
Bucharest (SW)
Budapest (SW)
Bujumbura (NW)
Cairo (SW)
Chișinău (SW)
Conakry (NE-EE)
Copenhagen (SS)
Dakar (EE-SE)
Damascus (SW)
Djibouti (WW)
Dodoma (NW)
Doha (WW)
Freetown (NE-EE)
Gaborone (NW)
Harare (NW)
Helsinki (SW)
Jerusalem (SW)
Juba (WW)
Kampala (WW)
Khartoum (WW)
Kiev (SW)
Kigali (NW)
Kinshasa (WW-NW)
Kuwait City (WW)
Libreville (NW-NN)
Lilongwe (NW)
Ljubljana (SS)
Lomé (NW-NN)
London (SS)
Luanda (NW-NN)
Lusaka (NW)
Luxembourg (SS)
Malabo (WW-NW)
Manama (WW)
Maputo (NW)
Maseru (NW)
Mbabane (NW)
Minsk (SW)
Mogadishu (WW)
Monaco (SS)
Monrovia (NE-EE)
Moroni (NW)
Moscow (SW)
Nairobi (WW)
N'Djamena (WW-NW)
Niamey (SW-WW)
Nicosia (SW)
Nouakchott (EE-SE)
Oslo (SS)
Paramaribo (EE)
Paris (SS)
Podgorica (SW)
Porto-Novo (NW-NN)
Prague (SS)
Praia (EE-SE)
Pretoria (NW)
Pristina (SW)
Rabat (SE)
Riga (SW)
Riyadh (WW)
Rome (SW)
San Marino (SS)
Sana'a (WW)
São Tomé (NW-NN)
Sarajevo (SW)
Skopje (SW)
Sofia (SW)
Stockholm (SS)
Tallinn (SW)
Tbilisi (SW)
Tehran (SW)
Tirana (SW)
Tripoli (SS-SW)
Tunis (SS-SW)
Vaduz (SS)
Valletta (SW)
Vatican City (SW)
Vienna (SW)
Vilnius (SW)
Warsaw (SW)
Windhoek (NW)
Yamoussoukro (NN-NE)
Yaoundé (WW-NW)
Yerevan (SW)
Zagreb (SW)
Ouagadougou
94%
Abu Dhabi (NW)
Abuja (NN)
Addis Ababa (NN)
Algiers (NN-NE)
Amman (NW)
Amsterdam (NE-EE)
Andorra la Vella (NN-NE)
Ankara (NW-NN)
Ashgabat (NW)
Asmara (NN)
Astana (WW)
Athens (NW-NN)
Baghdad (NW)
Baku (NW)
Bamako (NE)
Banjul (NE)
Beirut (NW)
Belgrade (NW-NN)
Berlin (NN-NE)
Bern (NN-NE)
Bishkek (NW)
Bissau (NE)
Bratislava (NN-NE)
Brussels (NN-NE)
Bucharest (NW-NN)
Budapest (NW-NN)
Cairo (NN)
Chișinău (NW-NN)
Copenhagen (NN-NE)
Dakar (NE)
Damascus (NW)
Djibouti (NN)
Doha (NW)
Dublin (NE-EE)
Dushanbe (NW)
Helsinki (SW-WW)
Islamabad (NW)
Jerusalem (NW)
Kabul (NW)
Khartoum (NN)
Kiev (NW-NN)
Kuwait City (NW)
Lisbon (NN-NE)
Ljubljana (NN-NE)
London (NE-EE)
Luxembourg (NN-NE)
Madrid (NN-NE)
Manama (NW)
Minsk (NW-NN)
Monaco (NN-NE)
Moscow (WW-NW)
Muscat (NW)
N'Djamena (NN)
New Delhi (NW)
Niamey (NN)
Nicosia (NW-NN)
Nouakchott (NE)
Oslo (EE-SE)
Ouagadougou (NN)
Paris (NN-NE)
Podgorica (NW-NN)
Prague (NN-NE)
Praia (NE)
Pristina (NW-NN)
Rabat (NE)
Reykjavík (EE-SE)
Riga (WW-NW)
Riyadh (NW)
Rome (NN-NE)
San Marino (NN-NE)
Sana'a (NW)
Sarajevo (NW-NN)
Skopje (NW-NN)
Sofia (NW-NN)
Tallinn (SW-WW)
Tashkent (NW)
Tbilisi (NW-NN)
Tehran (NW)
Tirana (NW-NN)
Tripoli (NN-NE)
Tunis (NN-NE)
Ulaanbaatar (WW)
Vaduz (NN-NE)
Valletta (NN-NE)
Vatican City (NN-NE)
Vienna (NN-NE)
Vilnius (NW-NN)
Warsaw (NW-NN)
Yerevan (NW-NN)
Zagreb (NN-NE)
Stockholm
94%
Basseterre (NW-NN)
Belmopan (NN-NE)
Bogotá (NN)
Bridgetown (NW)
Caracas (NN)
Castries (NW)
Dublin (WW)
Georgetown (NW)
Guatemala City (NN-NE)
Havana (NN-NE)
Kingston (NW-NN)
Kingstown (NW)
Lima (NN)
Lisbon (WW)
London (WW)
Managua (NN)
Mexico City (NE)
Nassau (NN-NE)
Ottawa (SS-SW)
Panama City (NN)
Paramaribo (NW)
Port-au-Prince (NW-NN)
Port-of-Spain (NW)
Praia (NW)
Quito (NN)
Reykjavík (SW)
Roseau (NW)
Saint George's (NW)
Saint John's (NW-NN)
San José (NN)
San Salvador (NE)
Santo Domingo (NW-NN)
Tegucigalpa (NN-NE)
Washington D.C.
94%
Abuja (SW-WW)
Addis Ababa (WW)
Algiers (SS)
Amman (SW)
Amsterdam (SS)
Andorra la Vella (SS)
Ankara (SW)
Antananarivo (NW)
Asmara (WW)
Athens (SW)
Baghdad (SW)
Bamako (EE-SE)
Bangui (WW-NW)
Banjul (EE-SE)
Beirut (SW)
Belgrade (SW)
Berlin (SS)
Bern (SS)
Bissau (EE-SE)
Brasília (NE)
Bratislava (SS)
Brazzaville (WW-NW)
Brussels (SS)
Bucharest (SW)
Budapest (SS)
Bujumbura (WW)
Cairo (SW)
Chișinău (SW)
Conakry (EE-SE)
Copenhagen (SS)
Dakar (EE-SE)
Damascus (SW)
Djibouti (WW)
Dodoma (WW)
Doha (WW)
Freetown (EE-SE)
Gaborone (NW)
Harare (NW)
Jerusalem (SW)
Juba (WW)
Kampala (WW)
Khartoum (WW)
Kiev (SW)
Kigali (WW)
Kinshasa (WW-NW)
Kuwait City (SW)
Libreville (WW-NW)
Lilongwe (NW)
Ljubljana (SS)
Lomé (any)
London (SS)
Luanda (NW-NN)
Lusaka (NW)
Luxembourg (SS)
Malabo (WW-NW)
Manama (SW)
Maputo (NW)
Maseru (NW)
Mbabane (NW)
Minsk (SW)
Mogadishu (WW)
Monaco (SS)
Monrovia (EE-SE)
Moroni (WW)
Nairobi (WW)
N'Djamena (SW-WW)
Niamey (SS-SW)
Nicosia (SW)
Nouakchott (EE-SE)
Ouagadougou (SE)
Paris (SS)
Podgorica (SW)
Porto-Novo (SW-WW)
Prague (SS)
Praia (EE-SE)
Pretoria (NW)
Pristina (SW)
Riyadh (SW)
Rome (SS)
San Marino (SS)
Sana'a (WW)
São Tomé (WW-NW)
Sarajevo (SW)
Skopje (SW)
Sofia (SW)
Tbilisi (SW)
Tirana (SW)
Tripoli (SW)
Tunis (SS)
Vaduz (SS)
Valletta (SW)
Vatican City (SS)
Vienna (SS)
Vilnius (SW)
Warsaw (SS)
Windhoek (NW)
Yamoussoukro (EE-SE)
Yaoundé (WW-NW)
Yerevan (SW)
Zagreb (SS)
Accra
93%
Abuja (WW-NW)
Accra (WW-NW)
Addis Ababa (WW)
Algiers (SS-SW)
Amman (SW)
Amsterdam (SS)
Andorra la Vella (SS)
Ankara (SW)
Asmara (WW)
Athens (SW)
Baghdad (SW)
Bangui (WW)
Banjul (EE-SE)
Basseterre (EE)
Beirut (SW)
Belgrade (SW)
Berlin (SW)
Bern (SS)
Bissau (NE-EE)
Brasília (NE)
Bratislava (SW)
Brazzaville (NW)
Bridgetown (EE)
Brussels (SS)
Bucharest (SW)
Budapest (SW)
Bujumbura (NW)
Cairo (SW)
Castries (EE)
Chișinău (SW)
Conakry (NE-EE)
Copenhagen (SS)
Dakar (EE-SE)
Damascus (SW)
Djibouti (WW)
Dodoma (NW)
Dublin (SS)
Freetown (NE-EE)
Gaborone (NW)
Georgetown (EE)
Harare (NW)
Helsinki (SW)
Jerusalem (SW)
Juba (WW)
Kampala (WW)
Khartoum (WW)
Kiev (SW)
Kigali (WW)
Kingstown (EE)
Kinshasa (NW)
Libreville (WW-NW)
Lilongwe (NW)
Lisbon (SE)
Ljubljana (SW)
Lomé (WW-NW)
London (SS)
Luanda (NW)
Lusaka (NW)
Luxembourg (SS)
Madrid (SS)
Malabo (WW-NW)
Minsk (SW)
Mogadishu (WW)
Monaco (SW)
Monrovia (NN-NE)
Nairobi (WW)
N'Djamena (WW-NW)
Niamey (SW-WW)
Nicosia (SW)
Nouakchott (EE-SE)
Oslo (SS)
Ouagadougou (WW-NW)
Paramaribo (EE)
Paris (SS)
Podgorica (SW)
Port-of-Spain (EE)
Porto-Novo (WW-NW)
Prague (SW)
Praia (EE-SE)
Pretoria (NW)
Pristina (SW)
Rabat (SS-SW)
Riga (SW)
Riyadh (WW)
Rome (SW)
Roseau (EE)
Saint George's (EE)
Saint John's (EE)
San Marino (SW)
Sana'a (WW)
São Tomé (WW-NW)
Sarajevo (SW)
Skopje (SW)
Sofia (SW)
Stockholm (SW)
Tallinn (SW)
Tirana (SW)
Tripoli (SW)
Tunis (SW)
Vaduz (SW)
Valletta (SW)
Vatican City (SW)
Vienna (SW)
Vilnius (SW)
Warsaw (SW)
Windhoek (NW)
Yamoussoukro (NW-NN)
Yaoundé (WW-NW)
Yerevan (SW)
Zagreb (SW)
Bamako
93%
Abu Dhabi (SW)
Abuja (EE-SE)
Accra (EE-SE)
Addis Ababa (SW-WW)
Algiers (SE)
Amman (SW)
Ankara (SS)
Antananarivo (NW)
Ashgabat (SW)
Asmara (SW-WW)
Athens (SS)
Baghdad (SW)
Baku (SW)
Bamako (EE)
Banjul (EE)
Beirut (SW)
Belgrade (SS)
Bissau (EE)
Brazzaville (NN-NE)
Bucharest (SS)
Budapest (SS)
Bujumbura (WW-NW)
Cairo (SW)
Chișinău (SS)
Conakry (EE)
Dakar (EE)
Damascus (SW)
Djibouti (SW-WW)
Dodoma (WW-NW)
Doha (SW)
Dublin (SE)
Freetown (EE)
Gaborone (NN)
Harare (NW-NN)
Jerusalem (SW)
Juba (SW-WW)
Kampala (WW-NW)
Khartoum (SW-WW)
Kiev (SS)
Kigali (WW-NW)
Kinshasa (NN-NE)
Kuwait City (SW)
Libreville (NE-EE)
Lilongwe (NW-NN)
Lisbon (SE)
Lomé (EE-SE)
Luanda (NN-NE)
Lusaka (NW-NN)
Madrid (SE)
Malabo (NE-EE)
Manama (SW)
Maputo (NW)
Maseru (NN)
Mbabane (NN)
Minsk (SS)
Mogadishu (WW-NW)
Monrovia (EE)
Moroni (NW)
Moscow (SS)
Muscat (SW)
Nairobi (WW-NW)
N'Djamena (SE)
Niamey (EE-SE)
Nicosia (SW)
Nouakchott (EE)
Ouagadougou (EE-SE)
Podgorica (SS)
Port Louis (NW)
Porto-Novo (EE-SE)
Praia (EE)
Pretoria (NN)
Pristina (SS)
Rabat (SE)
Riga (SS)
Riyadh (SW)
Sana'a (SW)
São Tomé (NE-EE)
Skopje (SS)
Sofia (SS)
Tbilisi (SW)
Tehran (SW)
Tirana (SS)
Victoria (WW)
Vilnius (SS)
Warsaw (SS)
Windhoek (NN-NE)
Yamoussoukro (EE-SE)
Yaoundé (NE-EE)
Yerevan (SW)
Bangui
93%
Abu Dhabi (SW)
Abuja (SE)
Accra (EE-SE)
Addis Ababa (SW-WW)
Amman (SW)
Ankara (SS)
Antananarivo (NW)
Asmara (SW)
Athens (SS)
Baghdad (SW)
Bamako (SE)
Bangui (SS-SW)
Banjul (SE)
Beirut (SW)
Belgrade (SS)
Bissau (SE)
Bratislava (SS)
Bucharest (SS)
Budapest (SS)
Bujumbura (SW-WW)
Cairo (SW)
Chișinău (SS)
Conakry (SE)
Dakar (SE)
Damascus (SW)
Djibouti (SW)
Dodoma (WW-NW)
Doha (SW)
Freetown (SE)
Gaborone (NW-NN)
Harare (WW-NW)
Jerusalem (SW)
Juba (SW-WW)
Kampala (SW-WW)
Khartoum (SS-SW)
Kigali (SW-WW)
Kinshasa (any)
Kuwait City (SW)
Libreville (EE-SE)
Lilongwe (WW-NW)
Lisbon (SE)
Lomé (EE-SE)
Luanda (NN-NE)
Lusaka (WW-NW)
Malabo (SE)
Manama (SW)
Maputo (NW)
Maseru (NW)
Mbabane (NW-NN)
Mogadishu (WW)
Monrovia (EE)
Moroni (WW)
Muscat (SW)
Nairobi (SW-WW)
N'Djamena (SE)
Niamey (SE)
Nicosia (SW)
Nouakchott (SE)
Ouagadougou (EE-SE)
Podgorica (SS)
Port Louis (WW)
Porto-Novo (EE-SE)
Praia (SE)
Pretoria (NW-NN)
Pristina (SS)
Rabat (SE)
Riyadh (SW)
Sana'a (SW)
São Tomé (EE-SE)
Sarajevo (SS)
Skopje (SS)
Sofia (SS)
Tbilisi (SW)
Tehran (SW)
Tirana (SS)
Victoria (WW)
Vienna (SS)
Windhoek (NW-NN)
Yamoussoukro (EE-SE)
Yaoundé (SE)
Yerevan (SW)
Zagreb (SS)
Brazzaville
93%
Abu Dhabi (SW)
Abuja (EE-SE)
Accra (EE)
Addis Ababa (SS-SW)
Algiers (SE)
Amman (SS)
Andorra la Vella (SE)
Ankara (SS)
Antananarivo (WW-NW)
Ashgabat (SW)
Asmara (SS-SW)
Baghdad (SS)
Baku (SW)
Bamako (SE)
Bangui (EE-SE)
Banjul (EE)
Beirut (SS)
Bissau (EE)
Brazzaville (NE-EE)
Cairo (SS)
Colombo (WW)
Conakry (EE)
Dakar (EE)
Damascus (SS)
Djibouti (SS-SW)
Dodoma (WW-NW)
Doha (SW)
Freetown (EE)
Gaborone (NN-NE)
Harare (NW-NN)
Jerusalem (SS)
Juba (SS-SW)
Kabul (SW)
Kampala (SS-SW)
Khartoum (SS-SW)
Kiev (SS)
Kigali (any)
Kinshasa (NE-EE)
Kuwait City (SW)
Libreville (EE-SE)
Lilongwe (NW-NN)
Lomé (EE)
Luanda (NE-EE)
Lusaka (NN-NE)
Madrid (SE)
Malabo (EE-SE)
Malé (WW)
Manama (SW)
Maputo (NW-NN)
Maseru (NN-NE)
Mbabane (NW-NN)
Mogadishu (SW-WW)
Monaco (SE)
Monrovia (EE)
Moroni (WW-NW)
Muscat (SW)
Nairobi (SW-WW)
N'Djamena (SE)
Niamey (SE)
Nicosia (SS)
Nouakchott (SE)
Ouagadougou (SE)
Port Louis (NW)
Porto-Novo (EE)
Pretoria (NN-NE)
Rabat (SE)
Riyadh (SW)
Sana'a (SS-SW)
São Tomé (EE-SE)
Tbilisi (SS)
Tehran (SW)
Tripoli (SE)
Tunis (SE)
Victoria (WW-NW)
Windhoek (NN-NE)
Yamoussoukro (EE)
Yaoundé (EE-SE)
Yerevan (SS)
Bujumbura
93%
Abu Dhabi (SW)
Abuja (SE)
Accra (SE)
Addis Ababa (SS)
Amman (SS)
Antananarivo (WW-NW)
Asmara (SS)
Baghdad (SS)
Bamako (SE)
Bangui (SE)
Beirut (SS)
Brazzaville (EE-SE)
Bujumbura (SE)
Cairo (SS)
Conakry (SE)
Damascus (SS)
Djibouti (SS)
Dodoma (SS-SW)
Doha (SW)
Freetown (SE)
Gaborone (NN-NE)
Jerusalem (SS)
Juba (SS-SW)
Kampala (SS-SW)
Khartoum (SS)
Kigali (SE)
Kinshasa (EE-SE)
Kuwait City (SS)
Libreville (SE)
Lilongwe (SS-SW)
Lomé (SE)
Luanda (EE-SE)
Lusaka (EE-SE)
Malabo (SE)
Malé (SW)
Manama (SW)
Maputo (NW-NN)
Maseru (NN-NE)
Mbabane (NW-NN)
Mogadishu (SS-SW)
Monrovia (SE)
Moroni (SW-WW)
Muscat (SW)
Nairobi (SS-SW)
N'Djamena (SE)
Niamey (SE)
Nicosia (SS)
Ouagadougou (SE)
Port Louis (WW-NW)
Porto-Novo (SE)
Pretoria (NN-NE)
Riyadh (SS)
Sana'a (SS)
São Tomé (SE)
Victoria (SW)
Windhoek (NE-EE)
Yamoussoukro (SE)
Yaoundé (SE)
Harare
93%
Asunción (NW)
Basseterre (WW-NW)
Belmopan (NE-EE)
Bogotá (NW-NN)
Brasília (NW)
Bridgetown (WW-NW)
Caracas (WW-NW)
Castries (WW-NW)
Georgetown (WW-NW)
Guatemala City (NE-EE)
Havana (EE-SE)
Kingstown (WW-NW)
Lima (NN)
Managua (NE-EE)
Mexico City (EE-SE)
Nassau (SE)
Ottawa (SS)
Panama City (NN-NE)
Paramaribo (WW-NW)
Port-au-Prince (SW-WW)
Port-of-Spain (WW-NW)
Praia (WW)
Quito (NN-NE)
Roseau (WW-NW)
Saint George's (WW-NW)
Saint John's (WW-NW)
San José (NN-NE)
San Salvador (NE-EE)
Santiago (NN)
Santo Domingo (SW-WW)
Sucre (NN)
Tegucigalpa (NE-EE)
Washington D.C. (SE)
Kingston
93%
Abu Dhabi (SW)
Abuja (SE)
Accra (EE-SE)
Addis Ababa (SW-WW)
Amman (SW)
Ankara (SS)
Antananarivo (NW)
Asmara (SW)
Athens (SS)
Baghdad (SW)
Bamako (SE)
Bangui (SS-SW)
Banjul (SE)
Beirut (SW)
Belgrade (SS)
Bissau (SE)
Bratislava (SS)
Brazzaville (any)
Bucharest (SS)
Budapest (SS)
Bujumbura (SW-WW)
Cairo (SW)
Chișinău (SS)
Conakry (SE)
Dakar (SE)
Damascus (SW)
Djibouti (SW)
Dodoma (WW-NW)
Doha (SW)
Freetown (SE)
Gaborone (NW-NN)
Harare (WW-NW)
Jerusalem (SW)
Juba (SW-WW)
Kampala (SW-WW)
Khartoum (SS-SW)
Kigali (SW-WW)
Kuwait City (SW)
Libreville (EE-SE)
Lilongwe (WW-NW)
Lisbon (SE)
Lomé (EE-SE)
Luanda (NN-NE)
Lusaka (WW-NW)
Malabo (SE)
Manama (SW)
Maputo (NW)
Maseru (NW)
Mbabane (NW-NN)
Mogadishu (WW)
Monrovia (EE)
Moroni (WW)
Muscat (SW)
Nairobi (SW-WW)
N'Djamena (SE)
Niamey (SE)
Nicosia (SW)
Nouakchott (SE)
Ouagadougou (EE-SE)
Podgorica (SS)
Port Louis (WW)
Porto-Novo (EE-SE)
Praia (SE)
Pretoria (NW-NN)
Pristina (SS)
Rabat (SE)
Riyadh (SW)
Sana'a (SW)
São Tomé (EE-SE)
Sarajevo (SS)
Skopje (SS)
Sofia (SS)
Tbilisi (SW)
Tehran (SW)
Tirana (SS)
Victoria (WW)
Vienna (SS)
Windhoek (NW-NN)
Yamoussoukro (EE-SE)
Yaoundé (SE)
Yerevan (SW)
Zagreb (SS)
Kinshasa
93%
Abu Dhabi (SW)
Abuja (SE)
Accra (SE)
Addis Ababa (SS-SW)
Amman (SS)
Antananarivo (WW-NW)
Asmara (SS)
Baghdad (SS)
Bamako (SE)
Bangui (SE)
Banjul (SE)
Beirut (SS)
Bissau (SE)
Brazzaville (EE-SE)
Bujumbura (SS-SW)
Cairo (SS)
Conakry (SE)
Damascus (SS)
Djibouti (SW)
Dodoma (SS-SW)
Doha (SW)
Freetown (SE)
Gaborone (NN-NE)
Harare (WW-NW)
Jerusalem (SS)
Juba (SS-SW)
Kampala (SS-SW)
Khartoum (SS)
Kigali (SS-SW)
Kinshasa (EE-SE)
Kuwait City (SW)
Libreville (EE-SE)
Lilongwe (SW-WW)
Lomé (SE)
Luanda (EE-SE)
Malabo (SE)
Malé (SW)
Manama (SW)
Maputo (NW-NN)
Maseru (NN-NE)
Mbabane (NW-NN)
Mogadishu (SS-SW)
Monrovia (SE)
Moroni (SW-WW)
Muscat (SW)
Nairobi (SS-SW)
N'Djamena (SE)
Niamey (SE)
Nicosia (SS)
Ouagadougou (SE)
Port Louis (WW)
Porto-Novo (SE)
Pretoria (NN-NE)
Riyadh (SW)
Sana'a (SW)
São Tomé (EE-SE)
Victoria (WW)
Windhoek (NE-EE)
Yamoussoukro (SE)
Yaoundé (SE)
Lusaka
93%
Asunción (NW)
Basseterre (SW-WW)
Belmopan (SE)
Bogotá (WW-NW)
Brasília (NW)
Bridgetown (SW-WW)
Buenos Aires (NW)
Caracas (WW-NW)
Castries (SW-WW)
Georgetown (WW)
Guatemala City (EE-SE)
Havana (SS-SW)
Kingston (SW-WW)
Kingstown (SW-WW)
Lima (NW-NN)
Mexico City (EE-SE)
Nassau (SS-SW)
Ottawa (SS)
Panama City (WW-NW)
Paramaribo (WW)
Port-au-Prince (SW-WW)
Port-of-Spain (WW-NW)
Quito (NW-NN)
Roseau (SW-WW)
Saint George's (WW-NW)
Saint John's (SW-WW)
San José (NW-NN)
San Salvador (EE-SE)
Santiago (NN)
Santo Domingo (SW-WW)
Sucre (NW)
Tegucigalpa (any)
Washington D.C. (SS)
Managua
93%
Asunción (NN)
Basseterre (WW-NW)
Belmopan (NE-EE)
Bogotá (NW-NN)
Brasília (NW)
Bridgetown (WW-NW)
Caracas (NW-NN)
Castries (WW-NW)
Georgetown (WW-NW)
Guatemala City (NE-EE)
Havana (NE-EE)
Kingston (NW-NN)
Kingstown (WW-NW)
Lima (NN)
Managua (NN-NE)
Mexico City (NE-EE)
Ottawa (SS-SW)
Panama City (NN-NE)
Paramaribo (NW)
Port-au-Prince (NW-NN)
Port-of-Spain (WW-NW)
Praia (WW)
Quito (NN-NE)
Reykjavík (SW)
Roseau (WW-NW)
Saint George's (WW-NW)
Saint John's (WW-NW)
San José (NN-NE)
San Salvador (NN-NE)
Santo Domingo (WW-NW)
Sucre (NN)
Tegucigalpa (NN-NE)
Washington D.C. (SS-SW)
Nassau
93%
Asunción (NW)
Basseterre (SW-WW)
Belmopan (EE-SE)
Bogotá (WW-NW)
Brasília (NW)
Bridgetown (SW-WW)
Buenos Aires (NW)
Caracas (SW-WW)
Castries (SW-WW)
Georgetown (WW-NW)
Guatemala City (EE-SE)
Havana (SE)
Kingston (SS-SW)
Kingstown (SW-WW)
Lima (NW-NN)
Managua (EE-SE)
Mexico City (EE-SE)
Montevideo (NW)
Nassau (SS-SW)
Ottawa (SS)
Paramaribo (WW-NW)
Port-au-Prince (SS-SW)
Port-of-Spain (SW-WW)
Quito (NW-NN)
Roseau (SW-WW)
Saint George's (SW-WW)
Saint John's (SW-WW)
San José (EE-SE)
San Salvador (EE-SE)
Santiago (NN)
Santo Domingo (SS-SW)
Sucre (NW)
Tegucigalpa (EE-SE)
Washington D.C. (SS)
Panama City
93%
Asunción (NW)
Basseterre (SW-WW)
Belmopan (SE)
Bogotá (WW-NW)
Brasília (NW)
Bridgetown (SW-WW)
Buenos Aires (NW)
Caracas (SW-WW)
Castries (SW-WW)
Georgetown (WW-NW)
Guatemala City (EE-SE)
Havana (SS-SW)
Kingston (SS-SW)
Kingstown (SW-WW)
Lima (NW-NN)
Managua (SE)
Mexico City (EE-SE)
Montevideo (NW)
Nassau (SS-SW)
Ottawa (SS)
Panama City (WW-NW)
Paramaribo (WW)
Port-au-Prince (SW-WW)
Port-of-Spain (SW-WW)
Quito (NW-NN)
Roseau (SW-WW)
Saint George's (SW-WW)
Saint John's (SW-WW)
San Salvador (EE-SE)
Santiago (NN)
Santo Domingo (SW-WW)
Sucre (NW)
Tegucigalpa (SE)
Washington D.C. (SS)
San José
93%
Abu Dhabi (NW)
Abuja (NN)
Addis Ababa (NN)
Algiers (NN-NE)
Amman (NN)
Amsterdam (NE-EE)
Andorra la Vella (NN-NE)
Ankara (NW-NN)
Ashgabat (NW)
Asmara (NN)
Astana (WW)
Athens (NN-NE)
Baghdad (NW)
Baku (NW-NN)
Bamako (NE)
Beirut (NW-NN)
Belgrade (NN-NE)
Berlin (NN-NE)
Bern (NN-NE)
Bishkek (NW)
Bratislava (NN-NE)
Brussels (NE-EE)
Bucharest (NW-NN)
Budapest (NN-NE)
Cairo (NN)
Chișinău (NW-NN)
Copenhagen (NE-EE)
Damascus (NN)
Djibouti (NN)
Doha (NW)
Dublin (NE-EE)
Dushanbe (NW)
Helsinki (any)
Islamabad (NW)
Jerusalem (NN)
Kabul (NW)
Kathmandu (NW)
Khartoum (NN)
Kiev (NW-NN)
Kuwait City (NW)
Lisbon (NE)
Ljubljana (NN-NE)
London (NE-EE)
Luxembourg (NE-EE)
Madrid (NN-NE)
Manama (NW)
Minsk (NW-NN)
Monaco (NN-NE)
Moscow (WW-NW)
Muscat (NW)
N'Djamena (NN)
New Delhi (NW)
Niamey (NN)
Nicosia (NW-NN)
Nouakchott (NE)
Oslo (EE-SE)
Ouagadougou (NE)
Paris (NE-EE)
Podgorica (NN-NE)
Prague (NN-NE)
Pristina (NN-NE)
Rabat (NE)
Reykjavík (EE-SE)
Riga (NN-NE)
Riyadh (NW)
Rome (NN-NE)
San Marino (NN-NE)
Sana'a (NN)
Sarajevo (NN-NE)
Skopje (NN-NE)
Sofia (NN-NE)
Stockholm (NE-EE)
Tashkent (NW)
Tbilisi (NW-NN)
Tehran (NW)
Tirana (NN-NE)
Tripoli (NN)
Tunis (NN-NE)
Ulaanbaatar (WW)
Vaduz (NN-NE)
Valletta (NN-NE)
Vatican City (NN-NE)
Vienna (NN-NE)
Vilnius (NW-NN)
Warsaw (NN-NE)
Yerevan (NW-NN)
Zagreb (NN-NE)
Tallinn
93%
Asunción (NN)
Bamako (WW)
Banjul (WW)
Belmopan (NE-EE)
Bissau (WW)
Bogotá (NN-NE)
Brasília (NW)
Bridgetown (NW-NN)
Buenos Aires (NN)
Caracas (NN-NE)
Castries (NW-NN)
Conakry (WW)
Dakar (WW)
Freetown (WW)
Georgetown (NW-NN)
Guatemala City (NE-EE)
Havana (EE-SE)
Kingston (EE-SE)
Kingstown (NW-NN)
Lima (NE)
Lisbon (SW)
Managua (NE-EE)
Mexico City (EE)
Monrovia (WW)
Montevideo (NN)
Nassau (EE-SE)
Nouakchott (WW)
Panama City (NE-EE)
Paramaribo (NW-NN)
Port-au-Prince (EE-SE)
Port-of-Spain (NW-NN)
Praia (WW)
Quito (NN-NE)
Rabat (WW)
Roseau (NW-NN)
Saint George's (NW-NN)
Saint John's (any)
San José (NE-EE)
San Salvador (NE-EE)
Santiago (NN)
Santo Domingo (EE-SE)
Sucre (NN)
Tegucigalpa (NE-EE)
Washington D.C. (SE)
Basseterre
92%
Asunción (NN)
Banjul (WW)
Basseterre (SS-SW)
Belmopan (EE-SE)
Bissau (WW)
Bogotá (NE-EE)
Brasília (NW)
Bridgetown (SW-WW)
Buenos Aires (NN)
Castries (SW-WW)
Conakry (WW)
Dakar (WW)
Freetown (WW)
Georgetown (WW-NW)
Guatemala City (EE-SE)
Havana (EE-SE)
Kingston (EE-SE)
Kingstown (SW-WW)
Lima (NN-NE)
Managua (EE-SE)
Mexico City (EE)
Montevideo (NN)
Nassau (SE)
Nouakchott (WW)
Panama City (NE-EE)
Paramaribo (WW-NW)
Port-au-Prince (SE)
Port-of-Spain (SW-WW)
Praia (WW)
Quito (NE-EE)
Roseau (SW-WW)
Saint George's (SW-WW)
Saint John's (SS-SW)
San José (NE-EE)
San Salvador (EE-SE)
Santiago (NN)
Santo Domingo (SE)
Sucre (NN)
Tegucigalpa (EE-SE)
Caracas
92%
Asunción (NN)
Bamako (WW)
Banjul (WW)
Basseterre (SE)
Belmopan (EE-SE)
Bissau (WW)
Bogotá (NE-EE)
Brasília (NW)
Bridgetown (any)
Buenos Aires (NN)
Caracas (NE-EE)
Conakry (WW)
Dakar (WW)
Freetown (WW)
Georgetown (NW-NN)
Guatemala City (EE)
Havana (EE-SE)
Kingston (EE-SE)
Kingstown (any)
Lima (NE)
Lisbon (SW)
Managua (NE-EE)
Mexico City (EE)
Monrovia (WW)
Montevideo (NN)
Nassau (EE-SE)
Nouakchott (WW)
Panama City (NE-EE)
Paramaribo (NW-NN)
Port-au-Prince (EE-SE)
Port-of-Spain (NN-NE)
Praia (WW)
Quito (NE-EE)
Rabat (WW)
Roseau (any)
Saint George's (any)
Saint John's (SE)
San José (NE-EE)
San Salvador (EE)
Santiago (NN)
Santo Domingo (EE-SE)
Sucre (NN)
Tegucigalpa (EE-SE)
Washington D.C. (SE)
Castries
92%
Abuja (WW-NW)
Accra (WW-NW)
Addis Ababa (WW)
Algiers (SW)
Amman (SW)
Amsterdam (SS)
Andorra la Vella (SS)
Ankara (SW)
Asmara (WW)
Athens (SW)
Bamako (SW-WW)
Bangui (WW)
Banjul (SE)
Basseterre (EE)
Beirut (SW)
Belgrade (SW)
Berlin (SW)
Bern (SW)
Bissau (SE)
Brasília (NE)
Bratislava (SW)
Brazzaville (NW)
Bridgetown (EE)
Brussels (SS)
Bucharest (SW)
Budapest (SW)
Bujumbura (WW)
Cairo (SW)
Caracas (EE)
Castries (EE)
Chișinău (SW)
Copenhagen (SW)
Dakar (SE)
Damascus (SW)
Dodoma (WW)
Dublin (SS)
Freetown (any)
Gaborone (NW)
Georgetown (EE)
Harare (NW)
Jerusalem (SW)
Juba (WW)
Kampala (WW)
Khartoum (WW)
Kigali (WW)
Kingstown (EE)
Kinshasa (NW)
Libreville (WW-NW)
Lilongwe (NW)
Lisbon (SS)
Ljubljana (SW)
Lomé (WW-NW)
London (SS)
Luanda (NW)
Lusaka (NW)
Luxembourg (SW)
Madrid (SS)
Malabo (WW-NW)
Monaco (SW)
Monrovia (NW-NN)
Nairobi (WW)
N'Djamena (WW)
Niamey (SW-WW)
Nicosia (SW)
Nouakchott (SE)
Oslo (SS)
Ouagadougou (SW-WW)
Paramaribo (EE)
Paris (SS)
Podgorica (SW)
Port-of-Spain (EE)
Porto-Novo (WW-NW)
Prague (SW)
Praia (EE-SE)
Pretoria (NW)
Pristina (SW)
Rabat (SS-SW)
Rome (SW)
Roseau (EE)
Saint George's (EE)
Saint John's (EE)
San Marino (SW)
São Tomé (WW-NW)
Sarajevo (SW)
Skopje (SW)
Sofia (SW)
Tirana (SW)
Tripoli (SW)
Tunis (SW)
Vaduz (SW)
Valletta (SW)
Vatican City (SW)
Vienna (SW)
Warsaw (SW)
Windhoek (NW)
Yamoussoukro (WW-NW)
Yaoundé (WW-NW)
Zagreb (SW)
Conakry
92%
Asunción (NN)
Bamako (WW)
Banjul (WW)
Basseterre (SE)
Belmopan (EE)
Bissau (WW)
Bogotá (NE-EE)
Brasília (NW-NN)
Bridgetown (SE)
Buenos Aires (NN)
Caracas (EE-SE)
Castries (SE)
Conakry (WW)
Dakar (WW)
Freetown (WW)
Guatemala City (EE)
Havana (SE)
Kingston (EE-SE)
Kingstown (SE)
Lima (NN-NE)
Managua (EE)
Mexico City (EE)
Monrovia (WW)
Montevideo (NN)
Nassau (EE-SE)
Nouakchott (WW)
Panama City (EE-SE)
Paramaribo (WW-NW)
Port-au-Prince (EE-SE)
Port-of-Spain (SE)
Praia (WW)
Quito (NE-EE)
Roseau (SE)
Saint George's (SE)
Saint John's (SE)
San José (EE-SE)
San Salvador (EE)
Santiago (NN)
Santo Domingo (SE)
Sucre (NN-NE)
Tegucigalpa (EE)
Washington D.C. (SE)
Yamoussoukro (WW)
Georgetown
92%
Asunción (NW)
Basseterre (SW-WW)
Belmopan (SS-SW)
Bogotá (WW-NW)
Brasília (NW)
Bridgetown (WW)
Caracas (WW-NW)
Castries (WW)
Georgetown (WW)
Havana (SS-SW)
Kingston (SW-WW)
Kingstown (WW)
Lima (NW)
Managua (WW-NW)
Mexico City (EE-SE)
Nassau (SW-WW)
Ottawa (SS)
Panama City (WW-NW)
Paramaribo (WW)
Port-au-Prince (SW-WW)
Port-of-Spain (WW)
Quito (NW-NN)
Roseau (WW)
Saint George's (WW)
Saint John's (WW)
San José (WW-NW)
San Salvador (any)
Santiago (NN)
Santo Domingo (SW-WW)
Sucre (NW)
Tegucigalpa (WW-NW)
Washington D.C. (SS-SW)
Guatemala City
92%
Abu Dhabi (NW)
Abuja (NN)
Addis Ababa (NN)
Algiers (NE)
Amman (NN)
Amsterdam (NE-EE)
Andorra la Vella (NN-NE)
Ankara (NW-NN)
Ashgabat (NW)
Asmara (NN)
Astana (WW)
Athens (NN-NE)
Baghdad (NW)
Baku (NW-NN)
Bamako (NE)
Beirut (NN)
Belgrade (NN-NE)
Berlin (NN-NE)
Bern (NN-NE)
Bishkek (NW)
Bratislava (NN-NE)
Brussels (NE-EE)
Bucharest (NW-NN)
Budapest (NN-NE)
Cairo (NN)
Chișinău (NW-NN)
Copenhagen (NE-EE)
Damascus (NN)
Djibouti (NN)
Doha (NW)
Dublin (NE-EE)
Dushanbe (NW)
Islamabad (NW)
Jerusalem (NN)
Kabul (NW)
Kathmandu (NW)
Khartoum (NN)
Kiev (NW-NN)
Kuwait City (NW)
Lisbon (NE)
Ljubljana (NN-NE)
London (NE-EE)
Luxembourg (NE-EE)
Madrid (NN-NE)
Manama (NW)
Minsk (NW-NN)
Monaco (NN-NE)
Moscow (WW-NW)
Muscat (NW)
N'Djamena (NN)
New Delhi (NW)
Niamey (NN)
Nicosia (NW-NN)
Nouakchott (NE)
Oslo (NE-EE)
Ouagadougou (NE)
Paris (NE-EE)
Podgorica (NN-NE)
Prague (NN-NE)
Pristina (NN-NE)
Rabat (NE)
Reykjavík (EE-SE)
Riga (NN-NE)
Riyadh (NW)
Rome (NN-NE)
San Marino (NN-NE)
Sana'a (NN)
Sarajevo (NN-NE)
Skopje (NN-NE)
Sofia (NN-NE)
Stockholm (NE-EE)
Tallinn (any)
Tashkent (NW)
Tbilisi (NW-NN)
Tehran (NW)
Tirana (NN-NE)
Tripoli (NN)
Tunis (NN-NE)
Ulaanbaatar (WW)
Vaduz (NN-NE)
Valletta (NN-NE)
Vatican City (NN-NE)
Vienna (NN-NE)
Vilnius (NW-NN)
Warsaw (NN-NE)
Yerevan (NW-NN)
Zagreb (NN-NE)
Helsinki
92%
Asunción (NN)
Bamako (WW)
Banjul (WW)
Basseterre (SE)
Belmopan (EE-SE)
Bissau (WW)
Bogotá (NE-EE)
Brasília (NW)
Bridgetown (any)
Buenos Aires (NN)
Caracas (NE-EE)
Castries (any)
Conakry (WW)
Dakar (WW)
Freetown (WW)
Georgetown (NW-NN)
Guatemala City (EE)
Havana (EE-SE)
Kingston (EE-SE)
Lima (NE)
Lisbon (SW)
Managua (NE-EE)
Mexico City (EE)
Monrovia (WW)
Montevideo (NN)
Nassau (EE-SE)
Nouakchott (WW)
Panama City (NE-EE)
Paramaribo (NW-NN)
Port-au-Prince (EE-SE)
Port-of-Spain (NN-NE)
Praia (WW)
Quito (NE-EE)
Rabat (SW)
Roseau (any)
Saint George's (any)
Saint John's (SE)
San José (NE-EE)
San Salvador (EE)
Santiago (NN)
Santo Domingo (EE-SE)
Sucre (NN)
Tegucigalpa (EE-SE)
Washington D.C. (SE)
Kingstown
92%
Abu Dhabi (WW-NW)
Abuja (NE)
Accra (NE)
Addis Ababa (NN-NE)
Algiers (EE)
Amman (EE-SE)
Amsterdam (SE)
Andorra la Vella (EE)
Ankara (EE-SE)
Antananarivo (NN)
Ashgabat (SW-WW)
Asmara (NN-NE)
Astana (SW)
Athens (EE-SE)
Baghdad (SE)
Baku (SS-SW)
Bangkok (WW)
Bangui (NE)
Beirut (EE-SE)
Belgrade (EE-SE)
Berlin (SE)
Bern (SE)
Bishkek (SW-WW)
Bratislava (SE)
Brazzaville (NE)
Brussels (SE)
Bucharest (EE-SE)
Budapest (SE)
Bujumbura (NE)
Cairo (EE-SE)
Chișinău (SE)
Colombo (NW)
Copenhagen (SE)
Damascus (EE-SE)
Dhaka (WW)
Djibouti (NN-NE)
Dodoma (NN)
Doha (NW-NN)
Dublin (SE)
Dushanbe (SW-WW)
Hanoi (WW)
Harare (NN)
Helsinki (SE)
Islamabad (SW-WW)
Jerusalem (EE-SE)
Juba (NE)
Kabul (SW-WW)
Kampala (NE)
Kathmandu (WW)
Khartoum (NE-EE)
Kiev (SE)
Kigali (NE)
Kinshasa (NE)
Libreville (NE)
Lilongwe (NN)
Lisbon (EE)
Ljubljana (SE)
Lomé (NE)
London (SE)
Luanda (NE)
Lusaka (NE)
Luxembourg (SE)
Madrid (EE)
Malabo (NE)
Malé (NW)
Manama (NW-NN)
Minsk (SE)
Mogadishu (NN)
Monaco (SE)
Moroni (NN)
Muscat (WW-NW)
Nairobi (NN)
Naypyidaw (WW)
N'Djamena (NE)
New Delhi (WW-NW)
Niamey (EE)
Nicosia (EE-SE)
Oslo (SE)
Ouagadougou (EE)
Paris (SE)
Podgorica (EE-SE)
Port Louis (NN)
Porto-Novo (NE)
Prague (SE)
Pristina (EE-SE)
Rabat (EE)
Riga (SE)
Riyadh (NN-NE)
Rome (SE)
San Marino (SE)
Sana'a (NN-NE)
São Tomé (NE)
Sarajevo (SE)
Skopje (EE-SE)
Sofia (EE-SE)
Stockholm (SE)
Tallinn (SE)
Tashkent (SW-WW)
Tbilisi (SE)
Tehran (SS-SW)
Thimphu (WW)
Tirana (EE-SE)
Tripoli (EE)
Tunis (EE)
Ulaanbaatar (WW)
Vaduz (SE)
Valletta (EE)
Vatican City (SE)
Victoria (NN)
Vienna (SE)
Vientiane (WW)
Vilnius (SE)
Warsaw (SE)
Yaoundé (NE)
Yerevan (SE)
Zagreb (SE)
Kuwait City
92%
Abu Dhabi (NN)
Abuja (NE)
Addis Ababa (NN)
Algiers (NE)
Amman (NN-NE)
Amsterdam (NE-EE)
Andorra la Vella (NE-EE)
Ankara (NN-NE)
Ashgabat (NW-NN)
Asmara (NN)
Astana (WW-NW)
Athens (NN-NE)
Baghdad (NW-NN)
Baku (NW-NN)
Bangui (NN)
Beijing (WW)
Beirut (NN-NE)
Belgrade (NN-NE)
Berlin (NE-EE)
Bern (NE-EE)
Bishkek (WW-NW)
Bratislava (NE-EE)
Brussels (NE-EE)
Bucharest (NN-NE)
Budapest (NE-EE)
Cairo (NN-NE)
Chișinău (NN-NE)
Copenhagen (NE-EE)
Damascus (NN-NE)
Dhaka (NW)
Djibouti (NN)
Doha (NN)
Dublin (NE-EE)
Dushanbe (WW-NW)
Helsinki (EE-SE)
Islamabad (NW)
Jerusalem (NN-NE)
Juba (NN)
Kabul (NW)
Kathmandu (NW)
Khartoum (NN)
Kiev (NN-NE)
Kuwait City (NN)
Lisbon (NE)
Ljubljana (NE-EE)
London (NE-EE)
Luxembourg (NE-EE)
Madrid (NE)
Manama (NN)
Minsk (NE-EE)
Mogadishu (NN)
Monaco (NE-EE)
Muscat (NW)
N'Djamena (NN)
New Delhi (NW)
Niamey (NE)
Nicosia (NN-NE)
Oslo (EE-SE)
Ouagadougou (NE)
Paris (NE-EE)
Podgorica (NN-NE)
Prague (NE-EE)
Pristina (NN-NE)
Rabat (NE)
Reykjavík (EE)
Riga (EE-SE)
Riyadh (NN)
Rome (NE-EE)
San Marino (NE-EE)
Sana'a (NN)
Sarajevo (NE-EE)
Skopje (NN-NE)
Sofia (NN-NE)
Stockholm (EE-SE)
Tallinn (EE-SE)
Tashkent (WW-NW)
Tbilisi (NW-NN)
Tehran (NW-NN)
Thimphu (NW)
Tirana (NN-NE)
Tripoli (NE)
Tunis (NN-NE)
Ulaanbaatar (WW)
Vaduz (NE-EE)
Valletta (NN-NE)
Vatican City (NE-EE)
Vienna (NE-EE)
Vilnius (NE-EE)
Warsaw (NE-EE)
Yerevan (NW-NN)
Zagreb (NE-EE)
Moscow
92%
Abu Dhabi (EE-SE)
Abuja (EE)
Addis Ababa (NE-EE)
Algiers (EE)
Amman (EE-SE)
Amsterdam (SE)
Andorra la Vella (EE)
Ankara (SE)
Antananarivo (NN)
Ashgabat (SE)
Asmara (NE-EE)
Astana (SS)
Athens (SE)
Baghdad (EE-SE)
Baku (SE)
Bangkok (WW)
Bangui (NE)
Beijing (WW)
Beirut (EE-SE)
Belgrade (SE)
Berlin (SE)
Bern (SE)
Bishkek (SS-SW)
Bratislava (SE)
Brazzaville (NE)
Brussels (SE)
Bucharest (SE)
Budapest (SE)
Bujumbura (NE)
Cairo (EE-SE)
Chișinău (SE)
Colombo (WW-NW)
Copenhagen (SE)
Damascus (EE-SE)
Dhaka (WW)
Djibouti (NE-EE)
Dodoma (NE)
Doha (EE-SE)
Dushanbe (SS-SW)
Hanoi (WW)
Harare (NE)
Helsinki (SE)
Islamabad (SW-WW)
Jerusalem (EE-SE)
Juba (NE)
Kabul (SS-SW)
Kampala (NE)
Kathmandu (SW-WW)
Khartoum (NE-EE)
Kiev (SE)
Kigali (NE)
Kinshasa (NE)
Kuala Lumpur (NW)
Kuwait City (EE-SE)
Libreville (NE)
Lilongwe (NE)
Ljubljana (SE)
London (SE)
Lusaka (NE)
Luxembourg (SE)
Malabo (EE)
Malé (NW-NN)
Manama (EE-SE)
Minsk (SE)
Mogadishu (NN-NE)
Monaco (SE)
Moroni (NE)
Moscow (SE)
Nairobi (NE)
Naypyidaw (WW)
N'Djamena (EE)
New Delhi (SW-WW)
Nicosia (EE-SE)
Oslo (SE)
Paris (SE)
Phnom Penh (WW)
Podgorica (SE)
Port Louis (NN)
Prague (SE)
Pristina (SE)
Riga (SE)
Riyadh (EE-SE)
Rome (SE)
San Marino (SE)
Sana'a (NE-EE)
Sarajevo (SE)
Singapore (NW)
Skopje (SE)
Sofia (SE)
Stockholm (SE)
Tallinn (SE)
Tashkent (SS-SW)
Tbilisi (SE)
Tehran (SE)
Thimphu (WW)
Tirana (SE)
Tripoli (EE)
Tunis (EE)
Ulaanbaatar (SW)
Vaduz (SE)
Valletta (EE)
Vatican City (SE)
Victoria (NN)
Vienna (SE)
Vientiane (WW)
Vilnius (SE)
Warsaw (SE)
Yaoundé (NE)
Yerevan (SE)
Zagreb (SE)
Muscat
92%
Abu Dhabi (NE-EE)
Addis Ababa (NE)
Amman (EE)
Ankara (EE)
Ashgabat (EE-SE)
Asmara (EE)
Astana (SE)
Athens (EE)
Baghdad (EE)
Baku (EE-SE)
Bandar Seri Begawan (NW)
Bangkok (WW-NW)
Beijing (WW)
Beirut (EE)
Belgrade (EE)
Berlin (SE)
Bishkek (SE)
Bratislava (SE)
Bucharest (EE)
Budapest (SE)
Cairo (EE)
Chișinău (SE)
Colombo (NW-NN)
Copenhagen (SE)
Damascus (EE)
Dhaka (WW-NW)
Djibouti (NE)
Dodoma (NE)
Doha (NE-EE)
Dushanbe (SE)
Hanoi (WW)
Helsinki (SE)
Islamabad (SE)
Jakarta (NW)
Jerusalem (EE)
Juba (NE)
Kabul (EE-SE)
Kampala (NE)
Kathmandu (WW-NW)
Khartoum (EE)
Kiev (SE)
Kuala Lumpur (NW)
Kuwait City (EE-SE)
Ljubljana (EE)
Malé (NN-NE)
Manama (NE-EE)
Manila (WW)
Minsk (SE)
Mogadishu (NE)
Moroni (NE)
Moscow (SE)
Muscat (NE-EE)
Nairobi (NE)
Naypyidaw (WW-NW)
Nicosia (EE)
Oslo (SE)
Phnom Penh (NW)
Podgorica (EE)
Port Louis (NN)
Prague (SE)
Pristina (EE)
Pyongyang (WW)
Riga (SE)
Riyadh (EE)
Rome (EE)
San Marino (EE)
Sana'a (NE)
Sarajevo (EE)
Seoul (WW)
Singapore (NW)
Skopje (EE)
Sofia (EE)
Stockholm (SE)
Taipei (WW)
Tallinn (SE)
Tashkent (SE)
Tbilisi (SE)
Tehran (EE-SE)
Thimphu (WW-NW)
Tirana (EE)
Tokyo (WW)
Ulaanbaatar (SW)
Valletta (EE)
Vatican City (EE)
Victoria (NE)
Vienna (SE)
Vientiane (WW-NW)
Vilnius (SE)
Warsaw (SE)
Yerevan (SE)
Zagreb (EE)
New Delhi
92%
Asunción (NN)
Bamako (WW)
Banjul (WW)
Basseterre (SE)
Belmopan (EE)
Bissau (WW)
Bogotá (NE-EE)
Brasília (NW)
Bridgetown (SS-SW)
Buenos Aires (NN)
Caracas (NE-EE)
Castries (SS-SW)
Conakry (WW)
Dakar (WW)
Freetown (WW)
Georgetown (NW-NN)
Guatemala City (EE)
Havana (EE-SE)
Kingston (EE-SE)
Kingstown (SS-SW)
Lima (NE)
Managua (EE-SE)
Mexico City (EE)
Monrovia (WW)
Montevideo (NN)
Nassau (EE-SE)
Nouakchott (WW)
Panama City (NE-EE)
Paramaribo (WW-NW)
Port-au-Prince (EE-SE)
Praia (WW)
Quito (NE-EE)
Roseau (SS-SW)
Saint George's (any)
Saint John's (SE)
San José (NE-EE)
San Salvador (EE)
Santiago (NN)
Santo Domingo (EE-SE)
Sucre (NN)
Tegucigalpa (EE-SE)
Washington D.C. (SE)
Port-of-Spain
92%
Abu Dhabi (WW)
Abuja (SW-WW)
Accra (NE-EE)
Addis Ababa (WW)
Algiers (SS)
Amman (SW)
Amsterdam (SS)
Ankara (SW)
Antananarivo (NW)
Asmara (WW)
Athens (SW)
Baghdad (SW)
Bamako (EE-SE)
Bangui (WW-NW)
Banjul (EE-SE)
Beirut (SW)
Belgrade (SS)
Berlin (SS)
Bern (SS)
Bissau (EE-SE)
Bratislava (SS)
Brazzaville (WW-NW)
Brussels (SS)
Bucharest (SW)
Budapest (SS)
Bujumbura (WW)
Cairo (SW)
Chișinău (SW)
Conakry (EE-SE)
Copenhagen (SS)
Dakar (EE-SE)
Damascus (SW)
Djibouti (WW)
Dodoma (WW)
Doha (WW)
Freetown (EE-SE)
Gaborone (NW)
Harare (NW)
Jerusalem (SW)
Juba (WW)
Kampala (WW)
Khartoum (WW)
Kiev (SW)
Kigali (WW)
Kinshasa (WW-NW)
Kuwait City (SW)
Libreville (WW-NW)
Lilongwe (NW)
Ljubljana (SS)
Lomé (any)
Luanda (NW-NN)
Lusaka (NW)
Luxembourg (SS)
Malabo (WW-NW)
Manama (SW)
Maputo (NW)
Maseru (NW)
Mbabane (NW)
Minsk (SW)
Mogadishu (WW)
Monaco (SS)
Monrovia (NE-EE)
Moroni (NW)
Nairobi (WW)
N'Djamena (SW-WW)
Niamey (SE)
Nicosia (SW)
Nouakchott (EE-SE)
Oslo (SS)
Ouagadougou (SE)
Podgorica (SS)
Prague (SS)
Praia (EE)
Pretoria (NW)
Pristina (SW)
Riga (SS)
Riyadh (SW)
Rome (SS)
San Marino (SS)
Sana'a (WW)
São Tomé (NW-NN)
Sarajevo (SS)
Skopje (SW)
Sofia (SW)
Tbilisi (SW)
Tehran (SW)
Tirana (SW)
Tripoli (SS)
Tunis (SS)
Vaduz (SS)
Valletta (SS)
Vatican City (SS)
Victoria (WW)
Vienna (SS)
Vilnius (SS)
Warsaw (SS)
Windhoek (NW)
Yamoussoukro (EE-SE)
Yaoundé (WW-NW)
Yerevan (SW)
Zagreb (SS)
Porto-Novo
92%
Abuja (SE)
Accra (SE)
Addis Ababa (SS)
Antananarivo (SW-WW)
Asmara (SS)
Bamako (SE)
Brazzaville (SE)
Bujumbura (SS-SW)
Conakry (SE)
Djibouti (SS)
Dodoma (SS-SW)
Freetown (SE)
Gaborone (EE-SE)
Harare (SS-SW)
Juba (SS)
Kampala (SS-SW)
Khartoum (SS)
Kigali (SS-SW)
Kinshasa (SE)
Libreville (SE)
Lilongwe (SS-SW)
Lomé (SE)
Luanda (SE)
Lusaka (SS-SW)
Malabo (SE)
Malé (SW)
Maputo (WW-NW)
Maseru (NN-NE)
Mbabane (WW-NW)
Mogadishu (SW)
Monrovia (SE)
Moroni (SW-WW)
Nairobi (SS-SW)
Niamey (SE)
Ouagadougou (SE)
Port Louis (WW)
Porto-Novo (SE)
Riyadh (SS)
Sana'a (SS)
São Tomé (SE)
Victoria (SW)
Windhoek (EE-SE)
Yamoussoukro (SE)
Yaoundé (SE)
Pretoria
92%
Asunción (NW)
Basseterre (SS-SW)
Belmopan (SE)
Bogotá (SS-SW)
Brasília (NW)
Bridgetown (SW-WW)
Buenos Aires (NW)
Caracas (SW-WW)
Castries (SW-WW)
Georgetown (SW-WW)
Guatemala City (SE)
Havana (SE)
Kingston (SS-SW)
Kingstown (SW-WW)
Lima (NW-NN)
Managua (SE)
Mexico City (SE)
Montevideo (NW)
Nassau (SS-SW)
Ottawa (SS)
Panama City (SE)
Paramaribo (SW-WW)
Port-au-Prince (SS-SW)
Port-of-Spain (SW-WW)
Roseau (SW-WW)
Saint George's (SW-WW)
Saint John's (SS-SW)
San José (SE)
San Salvador (SE)
Santiago (NN)
Santo Domingo (SS-SW)
Sucre (NW-NN)
Tegucigalpa (SE)
Washington D.C. (SS)
Quito
92%
Asunción (NN)
Bamako (WW)
Banjul (WW)
Basseterre (SE)
Belmopan (EE-SE)
Bissau (WW)
Bogotá (NE-EE)
Brasília (NW)
Bridgetown (NW-NN)
Buenos Aires (NN)
Caracas (NE-EE)
Castries (any)
Conakry (WW)
Dakar (WW)
Freetown (WW)
Georgetown (NW-NN)
Guatemala City (EE)
Havana (EE-SE)
Kingston (EE-SE)
Kingstown (any)
Lima (NE)
Lisbon (SW)
Managua (NE-EE)
Mexico City (EE)
Monrovia (WW)
Montevideo (NN)
Nassau (EE-SE)
Nouakchott (WW)
Panama City (NE-EE)
Paramaribo (NW-NN)
Port-au-Prince (EE-SE)
Port-of-Spain (NN-NE)
Praia (WW)
Quito (NE-EE)
Rabat (WW)
Saint George's (NN-NE)
Saint John's (any)
San José (NE-EE)
San Salvador (EE)
Santiago (NN)
Santo Domingo (EE-SE)
Sucre (NN)
Tegucigalpa (NE-EE)
Washington D.C. (SE)
Roseau
92%
Asunción (NN)
Bamako (WW)
Banjul (WW)
Basseterre (SE)
Belmopan (EE-SE)
Bissau (WW)
Bogotá (NE-EE)
Brasília (NW)
Bridgetown (SW-WW)
Buenos Aires (NN)
Caracas (NE-EE)
Castries (any)
Conakry (WW)
Dakar (WW)
Freetown (WW)
Georgetown (NW-NN)
Guatemala City (EE)
Havana (EE-SE)
Kingston (EE-SE)
Kingstown (any)
Lima (NE)
Lisbon (SW)
Managua (EE-SE)
Mexico City (EE)
Monrovia (WW)
Montevideo (NN)
Nassau (EE-SE)
Nouakchott (WW)
Panama City (NE-EE)
Paramaribo (WW-NW)
Port-au-Prince (EE-SE)
Port-of-Spain (any)
Praia (WW)
Quito (NE-EE)
Roseau (SS-SW)
Saint John's (SE)
San José (NE-EE)
San Salvador (EE-SE)
Santiago (NN)
Santo Domingo (EE-SE)
Sucre (NN)
Tegucigalpa (EE-SE)
Washington D.C. (SE)
Saint George's
92%
Asunción (NN)
Bamako (WW)
Banjul (WW)
Basseterre (any)
Belmopan (EE-SE)
Bissau (WW)
Bogotá (NN-NE)
Brasília (NW)
Bridgetown (NW-NN)
Buenos Aires (NN)
Caracas (NN-NE)
Castries (NW-NN)
Conakry (WW)
Dakar (WW)
Freetown (WW)
Georgetown (NW-NN)
Guatemala City (EE)
Havana (EE-SE)
Kingston (EE-SE)
Kingstown (NW-NN)
Lima (NE)
Lisbon (SW)
Managua (NE-EE)
Mexico City (EE)
Monrovia (WW)
Montevideo (NN)
Nassau (EE-SE)
Nouakchott (WW)
Panama City (NE-EE)
Paramaribo (NW-NN)
Port-au-Prince (EE-SE)
Port-of-Spain (NW-NN)
Praia (WW)
Quito (NN-NE)
Rabat (WW)
Roseau (any)
Saint George's (NW-NN)
San José (NE-EE)
San Salvador (NE-EE)
Santiago (NN)
Santo Domingo (EE-SE)
Sucre (NN)
Tegucigalpa (NE-EE)
Washington D.C. (SE)
Saint John's
92%
Asunción (NN)
Banjul (WW)
Basseterre (WW-NW)
Belmopan (NE-EE)
Bissau (WW)
Bogotá (NN-NE)
Brasília (NW)
Bridgetown (WW-NW)
Caracas (NW-NN)
Castries (WW-NW)
Dakar (WW)
Georgetown (NW-NN)
Guatemala City (NE-EE)
Havana (EE-SE)
Kingston (NE-EE)
Kingstown (WW-NW)
Lima (NN)
Managua (NE-EE)
Mexico City (EE)
Nassau (EE-SE)
Nouakchott (WW)
Panama City (NN-NE)
Paramaribo (WW-NW)
Port-au-Prince (any)
Port-of-Spain (WW-NW)
Praia (WW)
Quito (NN-NE)
Roseau (WW-NW)
Saint George's (WW-NW)
Saint John's (WW-NW)
San José (NE-EE)
San Salvador (NE-EE)
Santiago (NN)
Sucre (NN)
Tegucigalpa (NE-EE)
Washington D.C. (SE)
Santo Domingo
92%
Abuja (SW-WW)
Accra (WW-NW)
Addis Ababa (WW)
Algiers (SS)
Amman (SW)
Amsterdam (SS)
Andorra la Vella (SS)
Ankara (SW)
Asmara (WW)
Athens (SW)
Baghdad (SW)
Bamako (SE)
Bangui (WW-NW)
Banjul (EE-SE)
Beirut (SW)
Belgrade (SW)
Berlin (SS)
Bern (SS)
Bissau (EE-SE)
Brasília (NE)
Bratislava (SW)
Brazzaville (WW-NW)
Bridgetown (EE)
Brussels (SS)
Bucharest (SW)
Budapest (SW)
Bujumbura (WW)
Cairo (SW)
Chișinău (SW)
Conakry (EE-SE)
Copenhagen (SS)
Dakar (EE-SE)
Damascus (SW)
Djibouti (WW)
Dodoma (WW)
Freetown (EE-SE)
Gaborone (NW)
Georgetown (EE)
Harare (NW)
Jerusalem (SW)
Juba (WW)
Kampala (WW)
Khartoum (WW)
Kiev (SW)
Kigali (WW)
Kinshasa (WW-NW)
Libreville (WW-NW)
Lilongwe (NW)
Ljubljana (SW)
Lomé (WW-NW)
London (SS)
Luanda (WW-NW)
Lusaka (NW)
Luxembourg (SS)
Madrid (SS)
Malabo (WW-NW)
Maputo (NW)
Maseru (NW)
Mbabane (NW)
Minsk (SW)
Mogadishu (WW)
Monaco (SS)
Monrovia (NE-EE)
Moroni (WW)
Nairobi (WW)
N'Djamena (SW-WW)
Niamey (SW-WW)
Nicosia (SW)
Nouakchott (SE)
Ouagadougou (SS-SW)
Paramaribo (EE)
Paris (SS)
Podgorica (SW)
Porto-Novo (WW-NW)
Prague (SS)
Praia (EE-SE)
Pretoria (NW)
Pristina (SW)
Riyadh (WW)
Rome (SW)
San Marino (SW)
Sana'a (WW)
São Tomé (WW-NW)
Sarajevo (SW)
Skopje (SW)
Sofia (SW)
Tirana (SW)
Tripoli (SW)
Tunis (SW)
Vaduz (SS)
Valletta (SW)
Vatican City (SW)
Vienna (SW)
Vilnius (SW)
Warsaw (SW)
Windhoek (NW)
Yaoundé (WW-NW)
Zagreb (SW)
Yamoussoukro
92%
Abu Dhabi (SW)
Abuja (SE)
Accra (EE-SE)
Addis Ababa (WW)
Amman (SW)
Ankara (SW)
Antananarivo (NW)
Asmara (SW)
Athens (SS)
Baghdad (SW)
Baku (SW)
Bamako (EE-SE)
Bangui (SW-WW)
Banjul (EE)
Beirut (SW)
Belgrade (SS)
Berlin (SS)
Bissau (EE)
Bratislava (SS)
Brazzaville (NW-NN)
Bucharest (SS)
Budapest (SS)
Bujumbura (WW-NW)
Cairo (SW)
Chișinău (SS)
Conakry (EE-SE)
Copenhagen (SS)
Dakar (EE)
Damascus (SW)
Djibouti (WW)
Dodoma (WW-NW)
Doha (SW)
Freetown (EE-SE)
Gaborone (NW)
Harare (NW)
Jerusalem (SW)
Juba (SW-WW)
Kampala (WW-NW)
Khartoum (SW-WW)
Kiev (SS)
Kigali (WW-NW)
Kinshasa (NW-NN)
Kuwait City (SW)
Libreville (NN-NE)
Lilongwe (NW)
Lisbon (SE)
Ljubljana (SS)
Lomé (EE-SE)
Luanda (NW-NN)
Lusaka (NW-NN)
Malabo (NE-EE)
Manama (SW)
Maputo (NW)
Maseru (NW)
Mbabane (NW)
Minsk (SS)
Mogadishu (WW)
Monrovia (EE-SE)
Moroni (NW)
Muscat (SW)
Nairobi (WW-NW)
N'Djamena (SS-SW)
Niamey (SE)
Nicosia (SW)
Nouakchott (SE)
Ouagadougou (EE-SE)
Podgorica (SS)
Port Louis (NW)
Porto-Novo (EE-SE)
Prague (SS)
Praia (EE)
Pretoria (NW)
Pristina (SS)
Rabat (SE)
Riga (SS)
Riyadh (SW)
Rome (SS)
San Marino (SS)
Sana'a (WW)
São Tomé (NE-EE)
Sarajevo (SS)
Skopje (SS)
Sofia (SS)
Tbilisi (SW)
Tehran (SW)
Tirana (SS)
Tripoli (SS)
Valletta (SS)
Vatican City (SS)
Victoria (WW)
Vienna (SS)
Vilnius (SS)
Warsaw (SS)
Windhoek (NW-NN)
Yamoussoukro (EE-SE)
Yerevan (SW)
Zagreb (SS)
Yaoundé
92%
Abu Dhabi (NN-NE)
Addis Ababa (NE)
Algiers (EE)
Amman (EE)
Amsterdam (EE)
Andorra la Vella (EE)
Ankara (EE)
Ashgabat (NE-EE)
Asmara (NE)
Astana (SE)
Athens (EE)
Baghdad (NE-EE)
Baku (NE-EE)
Bandar Seri Begawan (NW)
Bangkok (NW)
Beijing (WW)
Beirut (EE)
Belgrade (EE)
Berlin (EE)
Bern (EE)
Bratislava (EE)
Brussels (EE)
Bucharest (EE)
Budapest (EE)
Cairo (EE)
Chișinău (EE)
Colombo (NN)
Copenhagen (EE)
Damascus (EE)
Dhaka (NW-NN)
Djibouti (NE)
Doha (NE-EE)
Dublin (EE)
Dushanbe (NE-EE)
Hanoi (NW)
Helsinki (SE)
Islamabad (NN-NE)
Jerusalem (EE)
Juba (NE)
Kabul (NN-NE)
Kathmandu (NW-NN)
Khartoum (NE)
Kiev (EE)
Kuala Lumpur (NW)
Kuwait City (NE-EE)
Ljubljana (EE)
London (EE)
Luxembourg (EE)
Malé (NN)
Manama (NE-EE)
Manila (NW)
Minsk (EE)
Mogadishu (NE)
Monaco (EE)
Moscow (EE-SE)
Muscat (NN-NE)
Naypyidaw (NW)
New Delhi (NW-NN)
Nicosia (EE)
Oslo (SE)
Paris (EE)
Phnom Penh (NW)
Podgorica (EE)
Prague (EE)
Pristina (EE)
Pyongyang (WW)
Riga (SE)
Riyadh (NE)
Rome (EE)
San Marino (EE)
Sana'a (NE)
Sarajevo (EE)
Seoul (WW)
Singapore (NW)
Skopje (EE)
Sofia (EE)
Stockholm (SE)
Taipei (NW)
Tallinn (SE)
Tashkent (NE-EE)
Tbilisi (NE-EE)
Tehran (NE-EE)
Thimphu (NW-NN)
Tirana (EE)
Tokyo (WW)
Tripoli (EE)
Tunis (EE)
Ulaanbaatar (SW-WW)
Vaduz (EE)
Valletta (EE)
Vatican City (EE)
Victoria (NN)
Vienna (EE)
Vientiane (NW)
Vilnius (EE)
Warsaw (EE)
Yerevan (NE-EE)
Zagreb (EE)
Bishkek
91%
Abuja (SW-WW)
Accra (WW-NW)
Addis Ababa (WW)
Algiers (SW)
Amman (SW)
Amsterdam (SS)
Andorra la Vella (SS)
Ankara (SW)
Asmara (WW)
Athens (SW)
Bamako (SW-WW)
Bangui (WW)
Banjul (SE)
Basseterre (EE)
Beirut (SW)
Belgrade (SW)
Berlin (SW)
Bern (SW)
Bissau (SE)
Brasília (NE)
Bratislava (SW)
Brazzaville (NW)
Bridgetown (EE)
Brussels (SS)
Bucharest (SW)
Budapest (SW)
Bujumbura (WW)
Cairo (SW)
Caracas (EE)
Castries (EE)
Chișinău (SW)
Conakry (any)
Copenhagen (SW)
Dakar (SE)
Damascus (SW)
Dodoma (WW)
Dublin (SS)
Gaborone (NW)
Georgetown (EE)
Harare (NW)
Jerusalem (SW)
Juba (WW)
Kampala (WW)
Khartoum (WW)
Kigali (WW)
Kingstown (EE)
Kinshasa (NW)
Libreville (WW-NW)
Lilongwe (NW)
Lisbon (SS)
Ljubljana (SW)
Lomé (WW-NW)
London (SS)
Luanda (NW)
Lusaka (NW)
Luxembourg (SS)
Madrid (SS)
Malabo (WW-NW)
Monaco (SW)
Monrovia (WW-NW)
Nairobi (WW)
N'Djamena (WW)
Niamey (SW-WW)
Nicosia (SW)
Nouakchott (SE)
Ouagadougou (SW-WW)
Paramaribo (EE)
Paris (SS)
Podgorica (SW)
Port-of-Spain (EE)
Porto-Novo (WW-NW)
Prague (SW)
Praia (EE-SE)
Pretoria (NW)
Pristina (SW)
Rabat (SS-SW)
Rome (SW)
Roseau (EE)
Saint George's (EE)
Saint John's (EE)
San Marino (SW)
São Tomé (WW-NW)
Sarajevo (SW)
Skopje (SW)
Sofia (SW)
Tirana (SW)
Tripoli (SW)
Tunis (SW)
Vaduz (SW)
Valletta (SW)
Vatican City (SW)
Vienna (SW)
Warsaw (SW)
Windhoek (NW)
Yamoussoukro (WW-NW)
Yaoundé (WW-NW)
Zagreb (SW)
Freetown
91%
Abu Dhabi (NE-EE)
Addis Ababa (NE)
Amman (EE)
Amsterdam (EE)
Ankara (EE)
Ashgabat (EE-SE)
Asmara (NE)
Astana (SE)
Athens (EE)
Baghdad (NE-EE)
Baku (EE-SE)
Bandar Seri Begawan (NW)
Bangkok (NW)
Beijing (WW)
Beirut (EE)
Belgrade (EE)
Berlin (SE)
Bern (EE)
Bishkek (SS-SW)
Bratislava (EE)
Brussels (EE)
Bucharest (EE)
Budapest (EE)
Cairo (EE)
Chișinău (EE)
Colombo (NN)
Copenhagen (SE)
Damascus (EE)
Dhaka (WW-NW)
Djibouti (NE)
Dodoma (NE)
Doha (NE-EE)
Dushanbe (SE)
Hanoi (NW)
Helsinki (SE)
Jakarta (NW)
Jerusalem (EE)
Juba (NE)
Kabul (EE-SE)
Kampala (NE)
Kathmandu (WW-NW)
Khartoum (NE)
Kiev (SE)
Kigali (NE)
Kuala Lumpur (NW)
Kuwait City (NE-EE)
Ljubljana (EE)
Luxembourg (EE)
Malé (NN)
Manama (NE-EE)
Manila (NW)
Minsk (SE)
Mogadishu (NE)
Monaco (EE)
Moroni (NE)
Moscow (SE)
Muscat (NE-EE)
Nairobi (NE)
Naypyidaw (WW-NW)
New Delhi (NW-NN)
Nicosia (EE)
Oslo (SE)
Paris (EE)
Phnom Penh (NW)
Podgorica (EE)
Prague (EE)
Pristina (EE)
Pyongyang (WW)
Riga (SE)
Riyadh (NE-EE)
Rome (EE)
San Marino (EE)
Sana'a (NE)
Sarajevo (EE)
Seoul (WW)
Singapore (NW)
Skopje (EE)
Sofia (EE)
Stockholm (SE)
Taipei (WW)
Tallinn (SE)
Tashkent (SE)
Tbilisi (EE-SE)
Tehran (EE-SE)
Thimphu (WW-NW)
Tirana (EE)
Tokyo (WW)
Tripoli (EE)
Tunis (EE)
Ulaanbaatar (SW)
Vaduz (EE)
Valletta (EE)
Vatican City (EE)
Victoria (NE)
Vienna (EE)
Vientiane (NW)
Vilnius (SE)
Warsaw (SE)
Yerevan (EE-SE)
Zagreb (EE)
Islamabad
91%
Abu Dhabi (SW)
Abuja (SE)
Accra (EE-SE)
Addis Ababa (WW)
Amman (SW)
Ankara (SW)
Antananarivo (NW)
Asmara (SW)
Athens (SS)
Baghdad (SW)
Bamako (EE-SE)
Bangui (SW-WW)
Banjul (SE)
Beirut (SW)
Belgrade (SS)
Berlin (SS)
Bissau (SE)
Bratislava (SS)
Brazzaville (WW-NW)
Bucharest (SS)
Budapest (SS)
Bujumbura (WW-NW)
Cairo (SW)
Chișinău (SS)
Conakry (EE-SE)
Dakar (SE)
Damascus (SW)
Djibouti (WW)
Dodoma (WW)
Doha (SW)
Freetown (EE-SE)
Gaborone (NW)
Harare (NW)
Jerusalem (SW)
Juba (SW-WW)
Kampala (WW-NW)
Khartoum (SW)
Kiev (SS)
Kigali (WW-NW)
Kinshasa (WW-NW)
Kuwait City (SW)
Lilongwe (NW)
Lisbon (SE)
Ljubljana (SS)
Lomé (EE-SE)
Luanda (NW-NN)
Lusaka (WW-NW)
Malabo (SE)
Manama (SW)
Maputo (NW)
Maseru (NW)
Mbabane (NW)
Mogadishu (WW)
Monrovia (EE-SE)
Moroni (WW)
Muscat (SW)
Nairobi (WW)
N'Djamena (SS-SW)
Niamey (SE)
Nicosia (SW)
Nouakchott (SE)
Ouagadougou (SE)
Podgorica (SS)
Port Louis (NW)
Porto-Novo (EE-SE)
Prague (SS)
Praia (SE)
Pretoria (NW)
Pristina (SS)
Rabat (SE)
Riyadh (SW)
Rome (SS)
San Marino (SS)
Sana'a (SW)
São Tomé (NE-EE)
Sarajevo (SS)
Skopje (SS)
Sofia (SS)
Tbilisi (SW)
Tehran (SW)
Tirana (SS)
Tripoli (SS)
Tunis (SS)
Vaduz (SS)
Valletta (SS)
Vatican City (SS)
Victoria (WW)
Vienna (SS)
Warsaw (SS)
Windhoek (NW-NN)
Yamoussoukro (EE-SE)
Yaoundé (SS-SW)
Yerevan (SW)
Zagreb (SS)
Libreville
91%
Asunción (WW-NW)
Basseterre (SW)
Bogotá (SS-SW)
Brasília (WW)
Bridgetown (SW)
Buenos Aires (NW)
Caracas (SS-SW)
Castries (SW)
Georgetown (SS-SW)
Guatemala City (SE)
Kingston (SS)
Kingstown (SW)
Managua (SE)
Mexico City (SE)
Montevideo (NW)
Panama City (SE)
Paramaribo (SW)
Port-au-Prince (SS)
Port-of-Spain (SW)
Quito (SE)
Roseau (SW)
Saint George's (SW)
Saint John's (SW)
San José (SE)
San Salvador (SE)
Santiago (NW-NN)
Santo Domingo (SS)
Sucre (WW-NW)
Lima
91%
Abu Dhabi (SW)
Abuja (SE)
Accra (EE-SE)
Addis Ababa (WW)
Amman (SW)
Ankara (SW)
Antananarivo (NW)
Asmara (WW)
Athens (SS)
Baghdad (SW)
Baku (SW)
Bamako (EE-SE)
Bangui (SW-WW)
Banjul (EE-SE)
Beirut (SW)
Belgrade (SS)
Berlin (SS)
Bissau (EE-SE)
Bratislava (SS)
Brazzaville (NW-NN)
Bucharest (SS)
Budapest (SS)
Bujumbura (WW-NW)
Cairo (SW)
Chișinău (SS)
Conakry (EE-SE)
Copenhagen (SS)
Dakar (SE)
Damascus (SW)
Djibouti (WW)
Dodoma (WW)
Doha (SW)
Freetown (EE-SE)
Gaborone (NW)
Harare (NW)
Jerusalem (SW)
Juba (SW-WW)
Kampala (WW-NW)
Khartoum (SW-WW)
Kiev (SS)
Kigali (WW-NW)
Kinshasa (NW-NN)
Kuwait City (SW)
Libreville (NW-NN)
Lilongwe (NW)
Lisbon (SE)
Ljubljana (SS)
Lomé (EE-SE)
Luanda (NW-NN)
Lusaka (NW)
Manama (SW)
Maputo (NW)
Maseru (NW)
Mbabane (NW)
Minsk (SS)
Mogadishu (WW)
Monrovia (EE-SE)
Moroni (NW)
Muscat (WW)
Nairobi (WW)
N'Djamena (SS-SW)
Niamey (SE)
Nicosia (SW)
Nouakchott (SE)
Ouagadougou (EE-SE)
Podgorica (SS)
Port Louis (NW)
Porto-Novo (EE-SE)
Prague (SS)
Praia (EE)
Pretoria (NW)
Pristina (SS)
Rabat (SE)
Riyadh (SW)
Rome (SS)
San Marino (SS)
Sana'a (WW)
São Tomé (NN-NE)
Sarajevo (SS)
Skopje (SS)
Sofia (SS)
Tbilisi (SW)
Tehran (SW)
Tirana (SS)
Tripoli (SS)
Tunis (SS)
Vaduz (SS)
Valletta (SS)
Vatican City (SS)
Victoria (WW)
Vienna (SS)
Vilnius (SS)
Warsaw (SS)
Windhoek (NN)
Yamoussoukro (EE-SE)
Yaoundé (SW-WW)
Yerevan (SW)
Zagreb (SS)
Malabo
91%
Asunción (NN)
Banjul (WW)
Basseterre (WW-NW)
Belmopan (NE-EE)
Bogotá (NN-NE)
Brasília (NW)
Bridgetown (WW-NW)
Caracas (NW-NN)
Castries (WW-NW)
Dakar (WW)
Georgetown (WW-NW)
Guatemala City (NE-EE)
Havana (EE-SE)
Kingston (NE-EE)
Kingstown (WW-NW)
Lima (NN)
Managua (NE-EE)
Mexico City (EE-SE)
Nassau (SE)
Nouakchott (WW)
Ottawa (SE)
Panama City (NN-NE)
Paramaribo (WW-NW)
Port-of-Spain (WW-NW)
Praia (WW)
Quito (NN-NE)
Roseau (WW-NW)
Saint George's (WW-NW)
Saint John's (WW-NW)
San José (NE-EE)
San Salvador (NE-EE)
Santiago (NN)
Santo Domingo (any)
Sucre (NN)
Tegucigalpa (NE-EE)
Washington D.C. (SE)
Port-au-Prince
91%
Asunción (NW)
Basseterre (SW-WW)
Belmopan (SE)
Bogotá (WW-NW)
Brasília (NW)
Bridgetown (WW-NW)
Caracas (WW-NW)
Castries (WW-NW)
Georgetown (WW)
Guatemala City (EE-SE)
Havana (SS-SW)
Kingston (SW-WW)
Kingstown (WW-NW)
Lima (NN)
Managua (any)
Mexico City (EE-SE)
Nassau (SS-SW)
Ottawa (SS)
Panama City (WW-NW)
Paramaribo (WW)
Port-au-Prince (SW-WW)
Port-of-Spain (WW-NW)
Quito (NW-NN)
Roseau (SW-WW)
Saint George's (WW-NW)
Saint John's (SW-WW)
San José (NW-NN)
San Salvador (any)
Santiago (NN)
Santo Domingo (SW-WW)
Sucre (NW)
Washington D.C. (SS-SW)
Tegucigalpa
91%
Abuja (WW-NW)
Accra (WW-NW)
Algiers (SW)
Amman (WW)
Amsterdam (SW)
Andorra la Vella (SW)
Ankara (SW)
Asmara (WW)
Athens (SW)
Bamako (WW-NW)
Bangui (WW)
Basseterre (EE)
Beirut (SW)
Belgrade (SW)
Berlin (SW)
Bern (SW)
Bissau (any)
Brasília (NE)
Bratislava (SW)
Brazzaville (NW)
Bridgetown (EE)
Brussels (SW)
Bucharest (SW)
Budapest (SW)
Bujumbura (WW)
Cairo (WW)
Caracas (EE)
Castries (EE)
Chișinău (SW)
Conakry (NW-NN)
Copenhagen (SW)
Dakar (any)
Damascus (SW)
Dublin (SS)
Freetown (NW-NN)
Georgetown (EE)
Jerusalem (WW)
Juba (WW)
Kampala (WW)
Khartoum (WW)
Kiev (SW)
Kigali (WW)
Kingstown (EE)
Kinshasa (NW)
Libreville (NW)
Lisbon (SS-SW)
Ljubljana (SW)
Lomé (WW-NW)
London (SS)
Luanda (NW)
Lusaka (NW)
Luxembourg (SW)
Madrid (SW)
Malabo (WW-NW)
Minsk (SW)
Monaco (SW)
Monrovia (NW-NN)
N'Djamena (WW)
Niamey (SW-WW)
Nicosia (SW)
Nouakchott (SS-SW)
Oslo (SW)
Ouagadougou (WW-NW)
Paramaribo (EE)
Paris (SW)
Podgorica (SW)
Port-au-Prince (EE)
Port-of-Spain (EE)
Porto-Novo (WW-NW)
Prague (SW)
Praia (EE-SE)
Pristina (SW)
Rabat (SS-SW)
Riga (SW)
Rome (SW)
Roseau (EE)
Saint George's (EE)
Saint John's (EE)
San Marino (SW)
Santo Domingo (EE)
São Tomé (WW-NW)
Sarajevo (SW)
Skopje (SW)
Sofia (SW)
Stockholm (SW)
Tirana (SW)
Tripoli (SW)
Tunis (SW)
Vaduz (SW)
Valletta (SW)
Vatican City (SW)
Vienna (SW)
Vilnius (SW)
Warsaw (SW)
Windhoek (NW)
Yamoussoukro (WW-NW)
Yaoundé (WW)
Zagreb (SW)
Banjul
90%
Abu Dhabi (EE)
Ashgabat (EE)
Astana (EE)
Baku (EE)
Bandar Seri Begawan (NN)
Bangkok (NE)
Bishkek (EE)
Colombo (NE)
Dhaka (NE)
Dili (NN)
Dushanbe (EE)
Hanoi (NN-NE)
Islamabad (EE)
Jakarta (NN)
Kabul (EE)
Kathmandu (NE)
Kuala Lumpur (NN)
Malé (NE)
Manila (NW-NN)
Moscow (EE)
Muscat (EE)
Naypyidaw (NN-NE)
New Delhi (EE)
Ngerulmud (NW)
Palikir (NW)
Phnom Penh (NN)
Pyongyang (WW-NW)
Seoul (WW-NW)
Singapore (NN)
Taipei (NW-NN)
Tashkent (EE)
Tbilisi (EE)
Tehran (EE)
Thimphu (NE-EE)
Tokyo (WW-NW)
Ulaanbaatar (SE)
Vientiane (NN-NE)
Yerevan (EE)
Beijing
90%
Asunción (NW)
Basseterre (SW-WW)
Bogotá (WW-NW)
Brasília (NW)
Bridgetown (WW)
Caracas (WW-NW)
Castries (WW-NW)
Georgetown (WW)
Guatemala City (NN-NE)
Havana (SW-WW)
Kingston (SW-WW)
Kingstown (WW-NW)
Lima (NN)
Managua (NW-NN)
Mexico City (EE-SE)
Nassau (SW-WW)
Ottawa (SS)
Panama City (WW-NW)
Paramaribo (WW)
Port-au-Prince (SW-WW)
Port-of-Spain (WW)
Quito (NW-NN)
Roseau (WW-NW)
Saint George's (WW-NW)
Saint John's (WW-NW)
San José (NW-NN)
San Salvador (NN-NE)
Santiago (NN)
Santo Domingo (SW-WW)
Sucre (NW)
Tegucigalpa (NW-NN)
Washington D.C. (SS-SW)
Belmopan
90%
Abuja (WW-NW)
Accra (WW-NW)
Addis Ababa (WW)
Algiers (SW)
Amman (SW)
Amsterdam (SS)
Andorra la Vella (SW)
Ankara (SW)
Asmara (WW)
Athens (SW)
Bamako (SW-WW)
Bangui (WW)
Banjul (any)
Basseterre (EE)
Beirut (SW)
Belgrade (SW)
Berlin (SW)
Bern (SW)
Brasília (NE)
Bratislava (SW)
Brazzaville (NW)
Bridgetown (EE)
Brussels (SW)
Bucharest (SW)
Budapest (SW)
Bujumbura (WW)
Cairo (SW)
Caracas (EE)
Castries (EE)
Chișinău (SW)
Conakry (NW-NN)
Copenhagen (SW)
Dakar (SE)
Damascus (SW)
Dublin (SS)
Freetown (NW-NN)
Georgetown (EE)
Jerusalem (SW)
Juba (WW)
Kampala (WW)
Khartoum (WW)
Kiev (SW)
Kigali (WW)
Kingstown (EE)
Kinshasa (NW)
Libreville (NW)
Lisbon (SS)
Ljubljana (SW)
Lomé (WW-NW)
London (SS)
Luanda (NW)
Lusaka (NW)
Luxembourg (SW)
Madrid (SS)
Malabo (WW-NW)
Monaco (SW)
Monrovia (NW-NN)
Nairobi (WW)
N'Djamena (WW)
Niamey (SW-WW)
Nicosia (SW)
Nouakchott (SE)
Oslo (SW)
Ouagadougou (SW-WW)
Paramaribo (EE)
Paris (SS)
Podgorica (SW)
Port-of-Spain (EE)
Porto-Novo (WW-NW)
Prague (SW)
Praia (EE-SE)
Pristina (SW)
Rabat (SS-SW)
Rome (SW)
Roseau (EE)
Saint George's (EE)
Saint John's (EE)
San Marino (SW)
Santo Domingo (EE)
São Tomé (WW-NW)
Sarajevo (SW)
Skopje (SW)
Sofia (SW)
Stockholm (SW)
Tirana (SW)
Tripoli (SW)
Tunis (SW)
Vaduz (SW)
Valletta (SW)
Vatican City (SW)
Vienna (SW)
Vilnius (SW)
Warsaw (SW)
Windhoek (NW)
Yamoussoukro (WW-NW)
Yaoundé (WW)
Zagreb (SW)
Bissau
90%
Asunción (NW)
Basseterre (SS-SW)
Belmopan (EE-SE)
Brasília (NW)
Bridgetown (SW-WW)
Buenos Aires (NN)
Caracas (SW-WW)
Castries (SW-WW)
Georgetown (SW-WW)
Guatemala City (EE-SE)
Havana (SE)
Kingston (SE)
Kingstown (SW-WW)
Lima (NN-NE)
Managua (EE-SE)
Mexico City (SE)
Montevideo (NW)
Nassau (SE)
Panama City (EE-SE)
Paramaribo (SW-WW)
Port-au-Prince (SS-SW)
Port-of-Spain (SW-WW)
Praia (WW)
Quito (NN-NE)
Roseau (SW-WW)
Saint George's (SW-WW)
Saint John's (SS-SW)
San José (EE-SE)
San Salvador (EE-SE)
Santiago (NN)
Santo Domingo (SS-SW)
Sucre (NW-NN)
Tegucigalpa (EE-SE)
Bogotá
90%
Asunción (NN)
Bamako (WW)
Banjul (WW)
Basseterre (SE)
Belmopan (EE)
Bissau (WW)
Bogotá (NE-EE)
Brasília (NN)
Buenos Aires (NN)
Caracas (NE-EE)
Castries (any)
Conakry (WW)
Dakar (WW)
Freetown (WW)
Georgetown (NW-NN)
Guatemala City (EE)
Havana (EE-SE)
Kingston (EE-SE)
Kingstown (any)
Lima (NE)
Lisbon (SW)
Managua (NE-EE)
Mexico City (EE)
Monrovia (WW)
Montevideo (NN)
Nassau (EE-SE)
Nouakchott (WW)
Ottawa (SE)
Panama City (NE-EE)
Paramaribo (NW-NN)
Port-au-Prince (EE-SE)
Port-of-Spain (NN-NE)
Praia (WW)
Quito (NE-EE)
Rabat (SW)
Roseau (SE)
Saint George's (NE-EE)
Saint John's (SE)
San José (NE-EE)
San Salvador (EE)
Santiago (NN)
Santo Domingo (EE-SE)
Sucre (NN)
Tegucigalpa (EE-SE)
Washington D.C. (SE)
Yamoussoukro (WW)
Bridgetown
90%
Abuja (WW-NW)
Accra (WW-NW)
Algiers (SW)
Amman (WW)
Amsterdam (SW)
Andorra la Vella (SW)
Ankara (SW)
Athens (SW)
Bamako (WW-NW)
Bangui (WW)
Banjul (any)
Basseterre (EE)
Beirut (WW)
Belgrade (SW)
Berlin (SW)
Bern (SW)
Bissau (NW-NN)
Brasília (NE)
Bratislava (SW)
Brazzaville (NW)
Bridgetown (EE)
Brussels (SW)
Bucharest (SW)
Budapest (SW)
Bujumbura (WW)
Cairo (WW)
Caracas (EE)
Castries (EE)
Chișinău (SW)
Conakry (NW-NN)
Copenhagen (SW)
Damascus (WW)
Dublin (SS)
Freetown (NW-NN)
Georgetown (EE)
Jerusalem (WW)
Juba (WW)
Kampala (WW)
Khartoum (WW)
Kiev (SW)
Kigali (WW)
Kingstown (EE)
Kinshasa (NW)
Libreville (NW)
Lisbon (SS-SW)
Ljubljana (SW)
Lomé (WW-NW)
London (SS)
Luanda (NW)
Luxembourg (SW)
Madrid (SW)
Malabo (NW)
Minsk (SW)
Monaco (SW)
Monrovia (NW-NN)
N'Djamena (WW)
Niamey (WW-NW)
Nicosia (SW)
Nouakchott (SS-SW)
Oslo (SW)
Ouagadougou (WW-NW)
Paramaribo (EE)
Paris (SW)
Podgorica (SW)
Port-au-Prince (EE)
Port-of-Spain (EE)
Porto-Novo (WW-NW)
Prague (SW)
Praia (EE-SE)
Pristina (SW)
Rabat (SS-SW)
Riga (SW)
Rome (SW)
Roseau (EE)
Saint George's (EE)
Saint John's (EE)
San Marino (SW)
Santo Domingo (EE)
São Tomé (NW)
Sarajevo (SW)
Skopje (SW)
Sofia (SW)
Stockholm (SW)
Tirana (SW)
Tripoli (SW)
Tunis (SW)
Vaduz (SW)
Valletta (SW)
Vatican City (SW)
Vienna (SW)
Vilnius (SW)
Warsaw (SW)
Windhoek (NW)
Yamoussoukro (WW-NW)
Yaoundé (WW)
Zagreb (SW)
Dakar
90%
Asunción (NW)
Basseterre (WW-NW)
Belmopan (NE-EE)
Bogotá (NW-NN)
Brasília (NW)
Bridgetown (WW-NW)
Caracas (WW-NW)
Castries (WW-NW)
Georgetown (NW)
Guatemala City (NN-NE)
Kingston (WW-NW)
Kingstown (WW-NW)
Lima (NN)
Managua (NN-NE)
Mexico City (NE-EE)
Nassau (SW-WW)
Ottawa (SS-SW)
Panama City (NW-NN)
Paramaribo (NW)
Port-au-Prince (WW-NW)
Port-of-Spain (WW-NW)
Quito (NW-NN)
Roseau (WW-NW)
Saint George's (WW-NW)
Saint John's (WW-NW)
San José (NN-NE)
San Salvador (NN-NE)
Santo Domingo (WW-NW)
Sucre (NN)
Tegucigalpa (NN-NE)
Washington D.C. (SS-SW)
Havana
90%
Abu Dhabi (NE-EE)
Addis Ababa (NE)
Algiers (EE)
Amman (EE)
Amsterdam (EE)
Andorra la Vella (EE)
Ankara (EE)
Ashgabat (EE-SE)
Asmara (NE)
Astana (SS-SW)
Athens (EE)
Baghdad (NE-EE)
Baku (EE-SE)
Bandar Seri Begawan (NW)
Bangkok (NW)
Beijing (WW)
Beirut (EE)
Belgrade (EE)
Berlin (SE)
Bern (EE)
Bishkek (SS-SW)
Bratislava (EE)
Brussels (EE)
Bucharest (EE)
Budapest (EE)
Bujumbura (NE)
Cairo (EE)
Chișinău (EE)
Colombo (NN)
Copenhagen (SE)
Damascus (EE)
Dhaka (WW-NW)
Djibouti (NE)
Dodoma (NE)
Doha (NE-EE)
Dushanbe (SE)
Hanoi (NW)
Helsinki (SE)
Islamabad (WW-NW)
Jakarta (NW)
Jerusalem (EE)
Juba (NE)
Kampala (NE)
Kathmandu (WW-NW)
Khartoum (NE)
Kiev (SE)
Kigali (NE)
Kuala Lumpur (NW)
Kuwait City (NE-EE)
Ljubljana (EE)
London (EE)
Luxembourg (EE)
Malé (NN)
Manama (NE-EE)
Manila (NW)
Minsk (SE)
Mogadishu (NE)
Monaco (EE)
Moroni (NE)
Moscow (SE)
Muscat (NN-NE)
Nairobi (NE)
Naypyidaw (NW)
N'Djamena (NE)
New Delhi (WW-NW)
Nicosia (EE)
Oslo (SE)
Paris (EE)
Phnom Penh (NW)
Podgorica (EE)
Prague (EE)
Pristina (EE)
Pyongyang (WW)
Riga (SE)
Riyadh (NE-EE)
Rome (EE)
San Marino (EE)
Sana'a (NE)
Sarajevo (EE)
Seoul (WW)
Singapore (NW)
Skopje (EE)
Sofia (EE)
Stockholm (SE)
Taipei (WW)
Tallinn (SE)
Tashkent (SS-SW)
Tbilisi (EE-SE)
Tehran (EE-SE)
Thimphu (WW-NW)
Tirana (EE)
Tripoli (EE)
Tunis (EE)
Ulaanbaatar (SW)
Vaduz (EE)
Valletta (EE)
Vatican City (EE)
Victoria (NN)
Vienna (EE)
Vientiane (NW)
Vilnius (SE)
Warsaw (SE)
Yerevan (EE-SE)
Zagreb (EE)
Kabul
90%
Abu Dhabi (SW)
Abuja (SE)
Accra (SE)
Addis Ababa (SW)
Amman (SW)
Ankara (SS)
Antananarivo (WW)
Asmara (SW)
Athens (SS)
Baghdad (SW)
Bamako (SE)
Bangui (SS-SW)
Banjul (SE)
Beirut (SW)
Belgrade (SS)
Bissau (SE)
Brazzaville (SS-SW)
Bujumbura (SW-WW)
Cairo (SW)
Conakry (SE)
Dakar (SE)
Damascus (SW)
Djibouti (SW)
Dodoma (SW-WW)
Doha (SW)
Freetown (SE)
Gaborone (NW-NN)
Harare (WW-NW)
Jerusalem (SW)
Juba (SW-WW)
Kampala (SW-WW)
Khartoum (SW)
Kigali (SW-WW)
Kinshasa (SS-SW)
Kuwait City (SW)
Libreville (SE)
Lilongwe (WW-NW)
Lisbon (SE)
Lomé (SE)
Lusaka (WW-NW)
Malabo (SE)
Manama (SW)
Maputo (WW-NW)
Maseru (NW-NN)
Mbabane (NW-NN)
Mogadishu (WW)
Monrovia (SE)
Moroni (WW)
Nairobi (SW-WW)
N'Djamena (SS-SW)
Niamey (SE)
Nicosia (SW)
Nouakchott (SE)
Ouagadougou (SE)
Podgorica (SS)
Port Louis (WW)
Porto-Novo (SE)
Praia (SE)
Pretoria (NW-NN)
Pristina (SS)
Rabat (SE)
Riyadh (SW)
Sana'a (SW)
São Tomé (SE)
Sarajevo (SS)
Skopje (SS)
Sofia (SS)
Tirana (SS)
Valletta (SS)
Victoria (WW)
Windhoek (NW-NN)
Yamoussoukro (EE-SE)
Yaoundé (SE)
Luanda
90%
Abuja (SW-WW)
Accra (WW-NW)
Addis Ababa (WW)
Algiers (SW)
Amman (SW)
Amsterdam (SS)
Andorra la Vella (SS)
Ankara (SW)
Asmara (WW)
Athens (SW)
Bamako (SS-SW)
Bangui (WW)
Banjul (SE)
Basseterre (EE)
Beirut (SW)
Belgrade (SW)
Berlin (SW)
Bern (SS)
Bissau (SE)
Brasília (NE)
Bratislava (SW)
Brazzaville (WW)
Bridgetown (EE)
Brussels (SS)
Bucharest (SW)
Budapest (SW)
Bujumbura (WW)
Cairo (SW)
Castries (EE)
Chișinău (SW)
Conakry (SE)
Copenhagen (SS)
Dakar (SE)
Damascus (SW)
Djibouti (WW)
Dodoma (WW)
Dublin (SS)
Freetown (EE-SE)
Gaborone (NW)
Georgetown (EE)
Harare (NW)
Jerusalem (SW)
Juba (WW)
Kampala (WW)
Khartoum (WW)
Kigali (WW)
Kingstown (EE)
Kinshasa (WW)
Libreville (WW-NW)
Lilongwe (NW)
Lisbon (SS)
Ljubljana (SW)
Lomé (WW-NW)
London (SS)
Luanda (NW)
Lusaka (NW)
Luxembourg (SS)
Madrid (SS)
Malabo (WW-NW)
Maputo (NW)
Maseru (NW)
Mbabane (NW)
Monaco (SW)
Nairobi (WW)
N'Djamena (SW-WW)
Niamey (SW-WW)
Nicosia (SW)
Nouakchott (SE)
Ouagadougou (SW-WW)
Paramaribo (EE)
Paris (SS)
Podgorica (SW)
Port-of-Spain (EE)
Porto-Novo (SW-WW)
Prague (SW)
Praia (EE-SE)
Pretoria (NW)
Pristina (SW)
Rabat (SS)
Rome (SW)
Roseau (EE)
Saint George's (EE)
Saint John's (EE)
San Marino (SW)
São Tomé (WW-NW)
Sarajevo (SW)
Skopje (SW)
Sofia (SW)
Tirana (SW)
Tripoli (SW)
Tunis (SW)
Vaduz (SW)
Valletta (SW)
Vatican City (SW)
Vienna (SW)
Warsaw (SW)
Windhoek (NW)
Yamoussoukro (SW-WW)
Yaoundé (WW-NW)
Zagreb (SW)
Monrovia
90%
Asunción (SE)
Bogotá (SE)
Brasília (SS-SW)
Buenos Aires (any)
Lima (SE)
Panama City (SE)
Paramaribo (SS)
Quito (SE)
San José (SE)
Santiago (EE-SE)
Sucre (SE)
Montevideo
90%
Abu Dhabi (SW)
Abuja (SS-SW)
Accra (EE-SE)
Addis Ababa (WW)
Amman (SW)
Ankara (SW)
Antananarivo (NW)
Asmara (SW)
Athens (SW)
Baghdad (SW)
Bamako (EE-SE)
Bangui (SW-WW)
Banjul (EE-SE)
Beirut (SW)
Belgrade (SS)
Berlin (SS)
Bern (SS)
Bissau (EE-SE)
Bratislava (SS)
Brazzaville (WW-NW)
Bucharest (SS)
Budapest (SS)
Bujumbura (WW-NW)
Cairo (SW)
Chișinău (SW)
Conakry (EE-SE)
Dakar (SE)
Damascus (SW)
Djibouti (WW)
Dodoma (WW)
Doha (SW)
Freetown (EE-SE)
Gaborone (NW)
Harare (NW)
Jerusalem (SW)
Juba (SW-WW)
Kampala (WW-NW)
Khartoum (SW)
Kiev (SS)
Kigali (WW-NW)
Kinshasa (WW-NW)
Kuwait City (SW)
Libreville (SW-WW)
Lilongwe (NW)
Ljubljana (SS)
Lomé (SE)
Luanda (NW-NN)
Lusaka (WW-NW)
Malabo (SS-SW)
Manama (SW)
Maputo (NW)
Maseru (NW)
Mbabane (NW)
Mogadishu (WW)
Monaco (SS)
Monrovia (EE-SE)
Moroni (WW)
Nairobi (WW)
N'Djamena (SS-SW)
Niamey (SE)
Nicosia (SW)
Nouakchott (SE)
Ouagadougou (SE)
Podgorica (SS)
Port Louis (WW)
Porto-Novo (SE)
Prague (SS)
Praia (SE)
Pretoria (NW)
Pristina (SS)
Riyadh (SW)
Rome (SS)
San Marino (SS)
Sana'a (WW)
Sarajevo (SS)
Skopje (SS)
Sofia (SS)
Tbilisi (SW)
Tirana (SS)
Tripoli (SS)
Tunis (SS)
Vaduz (SS)
Valletta (SS)
Vatican City (SS)
Victoria (WW)
Vienna (SS)
Warsaw (SS)
Windhoek (NW-NN)
Yamoussoukro (EE-SE)
Yaoundé (SW-WW)
Yerevan (SW)
Zagreb (SS)
São Tomé
90%
Abu Dhabi (NN-NE)
Addis Ababa (NE)
Algiers (EE)
Amman (EE)
Amsterdam (EE)
Andorra la Vella (EE)
Ankara (EE)
Ashgabat (NE-EE)
Asmara (NE)
Astana (SS-SW)
Athens (EE)
Baghdad (NE-EE)
Baku (NE-EE)
Bangkok (NW)
Beijing (WW)
Beirut (EE)
Belgrade (EE)
Berlin (EE)
Bern (EE)
Bishkek (SW-WW)
Bratislava (EE)
Brussels (EE)
Bucharest (EE)
Budapest (EE)
Cairo (EE)
Chișinău (EE)
Colombo (NN)
Copenhagen (EE)
Damascus (EE)
Dhaka (WW-NW)
Djibouti (NE)
Doha (NN-NE)
Dublin (EE)
Dushanbe (NN-NE)
Hanoi (NW)
Helsinki (SE)
Islamabad (NW-NN)
Jerusalem (EE)
Juba (NE)
Kabul (NN-NE)
Kampala (NE)
Kathmandu (NW-NN)
Khartoum (NE)
Kiev (EE)
Kuala Lumpur (NW)
Kuwait City (NE-EE)
Ljubljana (EE)
London (EE)
Luxembourg (EE)
Madrid (EE)
Malé (NN)
Manama (NE-EE)
Manila (NW)
Minsk (SE)
Mogadishu (NE)
Monaco (EE)
Moscow (EE-SE)
Muscat (NN-NE)
Nairobi (NE)
Naypyidaw (NW)
New Delhi (NW-NN)
Nicosia (EE)
Oslo (SE)
Paris (EE)
Phnom Penh (NW)
Podgorica (EE)
Prague (EE)
Pristina (EE)
Pyongyang (WW)
Riga (SE)
Riyadh (NE-EE)
Rome (EE)
San Marino (EE)
Sana'a (NE)
Sarajevo (EE)
Seoul (WW)
Singapore (NW)
Skopje (EE)
Sofia (EE)
Stockholm (SE)
Taipei (WW)
Tallinn (SE)
Tbilisi (EE-SE)
Tehran (NE-EE)
Thimphu (WW-NW)
Tirana (EE)
Tripoli (EE)
Tunis (EE)
Ulaanbaatar (WW)
Vaduz (EE)
Valletta (EE)
Vatican City (EE)
Victoria (NN)
Vienna (EE)
Vientiane (NW)
Vilnius (SE)
Warsaw (EE)
Yerevan (NE-EE)
Zagreb (EE)
Tashkent
90%
Asunción (SS-SW)
Brasília (SS-SW)
Georgetown (SS)
Lima (SE)
Managua (SE)
Montevideo (any)
Panama City (SE)
Paramaribo (SS)
Quito (SE)
San José (SE)
Santiago (EE-SE)
Sucre (SE)
Buenos Aires
89%
Abu Dhabi (NW)
Abuja (NN)
Accra (NN)
Algiers (NW-NN)
Amman (NW)
Amsterdam (WW-NW)
Andorra la Vella (NW-NN)
Ankara (NW)
Ashgabat (WW)
Asmara (NW)
Astana (WW)
Athens (WW-NW)
Baghdad (NW)
Baku (WW)
Bamako (NN)
Bangui (NW)
Banjul (NN)
Beirut (NW)
Belgrade (WW-NW)
Berlin (WW-NW)
Bern (WW-NW)
Bishkek (WW)
Bissau (NN)
Bratislava (WW-NW)
Brussels (WW-NW)
Bucharest (WW-NW)
Budapest (WW-NW)
Cairo (NW)
Chișinău (WW-NW)
Conakry (NN)
Copenhagen (SW-WW)
Dakar (NN)
Damascus (NW)
Doha (NW)
Dushanbe (WW)
Freetown (NN)
Helsinki (SW-WW)
Jerusalem (NW)
Khartoum (NW)
Kiev (WW-NW)
Kuwait City (NW)
Lisbon (NN-NE)
Ljubljana (WW-NW)
Lomé (NN)
London (WW-NW)
Luxembourg (WW-NW)
Madrid (NW-NN)
Malabo (NN)
Manama (NW)
Minsk (SW-WW)
Monaco (NW-NN)
Monrovia (NN)
Moscow (SW-WW)
N'Djamena (NW)
Niamey (NN)
Nicosia (NW)
Nouakchott (NN)
Oslo (SW-WW)
Ottawa (EE)
Ouagadougou (NN)
Paris (WW-NW)
Podgorica (WW-NW)
Porto-Novo (NN)
Prague (WW-NW)
Praia (NN)
Pristina (WW-NW)
Rabat (NN-NE)
Reykjavík (SE)
Riga (SW-WW)
Riyadh (NW)
Rome (WW-NW)
San Marino (WW-NW)
São Tomé (NN)
Sarajevo (WW-NW)
Skopje (WW-NW)
Sofia (WW-NW)
Stockholm (SW-WW)
Tallinn (SW-WW)
Tashkent (WW)
Tbilisi (WW)
Tehran (NW)
Tirana (WW-NW)
Tripoli (NW-NN)
Tunis (NW-NN)
Vaduz (WW-NW)
Valletta (NW-NN)
Vatican City (WW-NW)
Vienna (WW-NW)
Vilnius (SW-WW)
Warsaw (WW-NW)
Washington D.C. (EE)
Yamoussoukro (NN)
Yaoundé (NN)
Yerevan (WW)
Zagreb (WW-NW)
Dublin
89%
Asunción (NN)
Bamako (WW)
Banjul (WW)
Basseterre (SE)
Belmopan (EE)
Bissau (WW)
Bogotá (NE-EE)
Brasília (NW-NN)
Bridgetown (SE)
Buenos Aires (NN)
Caracas (EE-SE)
Castries (SE)
Conakry (WW)
Dakar (WW)
Freetown (WW)
Georgetown (EE-SE)
Guatemala City (EE)
Havana (SE)
Kingston (EE-SE)
Kingstown (SE)
Lima (NE)
Lisbon (SW)
Managua (EE)
Mexico City (EE)
Monrovia (WW)
Montevideo (NN)
Nassau (SE)
Nouakchott (WW)
Ottawa (SE)
Ouagadougou (WW)
Panama City (EE-SE)
Port-au-Prince (EE-SE)
Port-of-Spain (EE-SE)
Praia (WW)
Quito (NE-EE)
Rabat (SW)
Roseau (SE)
Saint George's (EE-SE)
Saint John's (SE)
San José (EE)
San Salvador (EE)
Santiago (NN)
Santo Domingo (EE-SE)
Sucre (NN-NE)
Tegucigalpa (EE)
Washington D.C. (SE)
Yamoussoukro (WW)
Paramaribo
89%
Abu Dhabi (WW)
Abuja (NW)
Accra (NN)
Addis Ababa (NW)
Algiers (SW-WW)
Amman (WW)
Amsterdam (SS-SW)
Andorra la Vella (SS-SW)
Ankara (WW)
Ashgabat (WW)
Asmara (NW)
Athens (SW-WW)
Baghdad (WW)
Baku (WW)
Bamako (NN-NE)
Bangui (NW)
Banjul (NN-NE)
Basseterre (EE)
Beirut (WW)
Belgrade (SW-WW)
Berlin (SS-SW)
Bern (SS-SW)
Bissau (NN-NE)
Bratislava (SW-WW)
Brazzaville (NW)
Bridgetown (NE)
Brussels (SS-SW)
Bucharest (WW)
Budapest (SW-WW)
Bujumbura (NW)
Cairo (WW)
Castries (EE)
Chișinău (SW)
Conakry (NN-NE)
Copenhagen (SS-SW)
Dakar (NN-NE)
Damascus (WW)
Djibouti (NW)
Doha (WW)
Dublin (SS-SW)
Freetown (NN-NE)
Helsinki (SW)
Jerusalem (WW)
Juba (NW)
Kampala (NW)
Khartoum (NW)
Kiev (SW)
Kigali (NW)
Kingstown (NE)
Kinshasa (NW)
Kuwait City (WW)
Libreville (NW)
Lisbon (SE)
Ljubljana (SW-WW)
Lomé (NN)
London (SS-SW)
Luanda (NW)
Luxembourg (SS-SW)
Madrid (SS-SW)
Malabo (NW)
Manama (WW)
Minsk (SW)
Monaco (SW-WW)
Monrovia (NN)
Moscow (SW)
N'Djamena (NW)
Niamey (NW-NN)
Nicosia (WW)
Nouakchott (NN-NE)
Oslo (SW)
Ottawa (EE)
Ouagadougou (NW-NN)
Paramaribo (NE)
Paris (SS-SW)
Podgorica (SW-WW)
Porto-Novo (NN)
Prague (SS-SW)
Praia (NN-NE)
Pristina (SW-WW)
Riga (SW)
Riyadh (WW)
Rome (SW-WW)
Roseau (EE)
Saint John's (EE)
San Marino (SW-WW)
Sana'a (WW)
São Tomé (NN)
Sarajevo (SW-WW)
Skopje (SW-WW)
Sofia (SW-WW)
Stockholm (SW)
Tallinn (SW)
Tbilisi (WW)
Tehran (WW)
Tirana (SW-WW)
Tripoli (WW-NW)
Tunis (SW-WW)
Vaduz (SS-SW)
Valletta (SW-WW)
Vatican City (SW-WW)
Vienna (SW-WW)
Vilnius (SW)
Warsaw (SW)
Yamoussoukro (NN)
Yaoundé (NW)
Yerevan (WW)
Zagreb (SW-WW)
Rabat
89%
Abu Dhabi (SE)
Bandar Seri Begawan (SW-WW)
Bangkok (SE)
Beijing (SS)
Bishkek (SE)
Colombo (EE-SE)
Dhaka (SE)
Dili (WW-NW)
Dushanbe (SE)
Hanoi (SS-SW)
Islamabad (SE)
Jakarta (NW-NN)
Kabul (SE)
Kathmandu (SE)
Kuala Lumpur (EE-SE)
Malé (EE)
Manila (SW-WW)
Muscat (SE)
Naypyidaw (SE)
New Delhi (SE)
Ngerulmud (WW)
Phnom Penh (SS-SW)
Port Louis (NE)
Port Moresby (WW)
Pyongyang (SW)
Seoul (SW)
Taipei (SW)
Tashkent (SE)
Thimphu (SE)
Tokyo (SW)
Ulaanbaatar (SS)
Victoria (EE)
Vientiane (SE)
Singapore
89%
Abu Dhabi (NE)
Addis Ababa (NE)
Algiers (EE)
Amman (NE)
Amsterdam (EE)
Andorra la Vella (EE)
Ankara (NE)
Ashgabat (NN-NE)
Asmara (NE)
Athens (EE)
Baghdad (NE-EE)
Baku (NE-EE)
Bangkok (NW)
Beijing (WW)
Beirut (NE)
Belgrade (EE)
Berlin (EE)
Bern (EE)
Bishkek (NW-NN)
Bratislava (EE)
Brussels (EE)
Bucharest (EE)
Budapest (EE)
Cairo (NE)
Chișinău (EE)
Colombo (NN)
Copenhagen (EE)
Damascus (NE)
Dhaka (NW)
Djibouti (NE)
Doha (NE)
Dublin (EE)
Dushanbe (NN-NE)
Hanoi (NW)
Helsinki (EE)
Islamabad (NW-NN)
Jerusalem (NE)
Kabul (NN-NE)
Kathmandu (NW-NN)
Khartoum (NE)
Kiev (NE-EE)
Kuwait City (NE)
Ljubljana (EE)
London (EE)
Luxembourg (EE)
Madrid (EE)
Malé (NN)
Manama (NE)
Manila (NW)
Minsk (EE-SE)
Mogadishu (NE)
Monaco (EE)
Moscow (EE-SE)
Muscat (NN)
Naypyidaw (NW)
New Delhi (NW-NN)
Nicosia (NE)
Oslo (EE)
Paris (EE)
Phnom Penh (NW)
Podgorica (EE)
Prague (EE)
Pristina (EE)
Pyongyang (WW)
Reykjavík (EE)
Riga (EE)
Riyadh (NE)
Rome (EE)
San Marino (EE)
Sana'a (NE)
Sarajevo (EE)
Seoul (WW)
Skopje (EE)
Sofia (EE)
Stockholm (EE)
Taipei (NW)
Tallinn (EE)
Tashkent (NN-NE)
Tbilisi (NE-EE)
Tehran (NN-NE)
Thimphu (NW)
Tirana (EE)
Tokyo (WW)
Tripoli (NE)
Tunis (EE)
Ulaanbaatar (WW-NW)
Vaduz (EE)
Valletta (EE)
Vatican City (EE)
Vienna (EE)
Vientiane (NW)
Vilnius (EE)
Warsaw (EE)
Yerevan (NE-EE)
Zagreb (EE)
Astana
88%
Accra (SW)
Asunción (NN-NE)
Bamako (SW)
Banjul (SW)
Basseterre (SE)
Belmopan (SE)
Bissau (SW)
Bogotá (SE)
Buenos Aires (NN-NE)
Caracas (SE)
Castries (SE)
Conakry (SW)
Dakar (SW)
Freetown (SW)
Georgetown (SE)
Guatemala City (SE)
Havana (SE)
Kingston (SE)
Kingstown (SE)
Lima (EE)
Lomé (SW)
Managua (SE)
Monrovia (SW)
Montevideo (NN-NE)
Nassau (SE)
Nouakchott (SW)
Ouagadougou (SW)
Panama City (SE)
Paramaribo (SE)
Port-au-Prince (SE)
Port-of-Spain (SE)
Praia (SW)
Quito (SE)
Roseau (SE)
Saint George's (SE)
Saint John's (SE)
San José (SE)
San Salvador (SE)
Santiago (NE)
Santo Domingo (SE)
Sucre (NE-EE)
Tegucigalpa (SE)
Yamoussoukro (SW)
Brasília
88%
Abu Dhabi (NN-NE)
Addis Ababa (NE)
Algiers (EE)
Amman (EE)
Amsterdam (EE)
Andorra la Vella (EE)
Ankara (EE)
Ashgabat (NE-EE)
Asmara (NE)
Astana (SS-SW)
Athens (EE)
Baghdad (NE-EE)
Baku (EE-SE)
Bandar Seri Begawan (NW)
Bangkok (NW)
Beijing (WW)
Beirut (EE)
Belgrade (EE)
Berlin (EE)
Bern (EE)
Bishkek (SW-WW)
Bratislava (EE)
Brussels (EE)
Bucharest (EE)
Budapest (EE)
Cairo (EE)
Chișinău (EE)
Colombo (NN)
Copenhagen (SE)
Damascus (NE-EE)
Dhaka (WW-NW)
Djibouti (NE)
Doha (NE-EE)
Dublin (EE)
Hanoi (NW)
Helsinki (SE)
Islamabad (NW-NN)
Jerusalem (EE)
Juba (NE)
Kabul (NW-NN)
Kampala (NE)
Kathmandu (WW-NW)
Khartoum (NE)
Kiev (SE)
Kigali (NE)
Kuala Lumpur (NW)
Kuwait City (NE-EE)
Ljubljana (EE)
London (EE)
Luxembourg (EE)
Malé (NN)
Manama (NE-EE)
Manila (NW)
Minsk (SE)
Mogadishu (NE)
Monaco (EE)
Moscow (EE-SE)
Muscat (NN-NE)
Nairobi (NE)
Naypyidaw (NW)
New Delhi (NW-NN)
Nicosia (EE)
Oslo (SE)
Paris (EE)
Phnom Penh (NW)
Podgorica (EE)
Prague (EE)
Pristina (EE)
Pyongyang (WW)
Riga (SE)
Riyadh (NE-EE)
Rome (EE)
San Marino (EE)
Sana'a (NE)
Sarajevo (EE)
Seoul (WW)
Singapore (NW)
Skopje (EE)
Sofia (EE)
Stockholm (SE)
Taipei (WW)
Tallinn (SE)
Tashkent (SS-SW)
Tbilisi (EE-SE)
Tehran (NE-EE)
Thimphu (WW-NW)
Tirana (EE)
Tripoli (EE)
Tunis (EE)
Ulaanbaatar (WW)
Vaduz (EE)
Valletta (EE)
Vatican City (EE)
Victoria (NN)
Vienna (EE)
Vientiane (NW)
Vilnius (SE)
Warsaw (EE)
Yerevan (EE-SE)
Zagreb (EE)
Dushanbe
88%
Abu Dhabi (EE)
Ashgabat (EE)
Astana (SE)
Baku (EE)
Bandar Seri Begawan (NW-NN)
Bangkok (NN-NE)
Beijing (SS-SW)
Bishkek (SE)
Colombo (NE)
Dhaka (EE-SE)
Dili (NW)
Doha (EE)
Dushanbe (SE)
Islamabad (SE)
Jakarta (NN)
Kabul (SE)
Kathmandu (EE-SE)
Kuala Lumpur (NN-NE)
Kuwait City (EE)
Malé (NE)
Manama (EE)
Manila (WW-NW)
Muscat (EE)
Naypyidaw (NE-EE)
New Delhi (EE)
Ngerulmud (NW)
Palikir (WW)
Phnom Penh (NN-NE)
Port Moresby (NW)
Pyongyang (SS-SW)
Seoul (SW-WW)
Singapore (NN-NE)
Taipei (SW-WW)
Tashkent (SE)
Tehran (EE)
Thimphu (EE-SE)
Tokyo (SW)
Ulaanbaatar (SS-SW)
Vientiane (NN-NE)
Hanoi
88%
Abu Dhabi (EE)
Addis Ababa (NE)
Amman (EE)
Ankara (EE)
Ashgabat (EE-SE)
Asmara (EE)
Astana (SE)
Athens (EE)
Baghdad (EE)
Baku (SE)
Bandar Seri Begawan (NW)
Bangkok (WW-NW)
Beijing (SW)
Beirut (EE)
Belgrade (EE)
Bishkek (SE)
Bucharest (EE)
Cairo (EE)
Chișinău (SE)
Colombo (NN-NE)
Damascus (EE)
Dhaka (WW-NW)
Dili (NW)
Djibouti (EE)
Doha (EE)
Dushanbe (EE-SE)
Hanoi (WW-NW)
Helsinki (SE)
Islamabad (EE-SE)
Jakarta (NW)
Jerusalem (EE)
Kabul (EE-SE)
Khartoum (EE)
Kiev (SE)
Kuala Lumpur (NW)
Kuwait City (EE)
Malé (NN-NE)
Manama (EE)
Manila (WW)
Minsk (SE)
Mogadishu (NE)
Moscow (SE)
Muscat (NE-EE)
Naypyidaw (WW-NW)
New Delhi (EE-SE)
Ngerulmud (NW)
Nicosia (EE)
Phnom Penh (WW-NW)
Pristina (EE)
Pyongyang (WW)
Riga (SE)
Riyadh (EE)
Sana'a (EE)
Seoul (WW)
Singapore (NW)
Skopje (EE)
Sofia (EE)
Taipei (WW)
Tallinn (SE)
Tashkent (SE)
Tbilisi (SE)
Tehran (EE)
Thimphu (WW-NW)
Tokyo (WW)
Ulaanbaatar (SS-SW)
Victoria (NE)
Vientiane (WW-NW)
Vilnius (SE)
Warsaw (SE)
Yerevan (EE)
Kathmandu
88%
Astana (SE)
Bandar Seri Begawan (NN-NE)
Bangkok (NE-EE)
Beijing (SE)
Bishkek (SE)
Colombo (EE)
Dhaka (EE)
Dili (NW-NN)
Dushanbe (SE)
Hanoi (EE-SE)
Honiara (NW)
Islamabad (SE)
Jakarta (NN-NE)
Kabul (SE)
Kathmandu (EE)
Kuala Lumpur (NE-EE)
Majuro (WW)
Malé (EE)
Naypyidaw (EE-SE)
New Delhi (EE)
Ngerulmud (WW-NW)
Palikir (WW)
Phnom Penh (NE-EE)
Port Moresby (NW)
Pyongyang (SS-SW)
Seoul (SS-SW)
Singapore (NE-EE)
South Tarawa (WW)
Taipei (SS-SW)
Tashkent (SE)
Thimphu (SE)
Tokyo (SS-SW)
Vientiane (EE-SE)
Yaren (WW)
Manila
88%
Asunción (NW)
Basseterre (SW-WW)
Belmopan (SS-SW)
Bogotá (WW-NW)
Brasília (NW)
Bridgetown (WW)
Caracas (WW-NW)
Castries (WW)
Georgetown (WW)
Guatemala City (any)
Havana (SS-SW)
Kingston (SW-WW)
Kingstown (WW)
Lima (NW)
Managua (WW-NW)
Mexico City (EE-SE)
Nassau (SS-SW)
Ottawa (SS)
Panama City (WW-NW)
Paramaribo (WW)
Port-au-Prince (SW-WW)
Port-of-Spain (WW)
Quito (NW-NN)
Roseau (WW)
Saint George's (WW-NW)
Saint John's (SW-WW)
San José (WW-NW)
Santiago (NN)
Santo Domingo (SW-WW)
Sucre (NW)
Tegucigalpa (any)
Washington D.C. (SW)
San Salvador
88%
Asunción (WW-NW)
Basseterre (SS)
Belmopan (SE)
Bogotá (SE)
Brasília (SW-WW)
Bridgetown (SS)
Buenos Aires (NW-NN)
Castries (SS)
Georgetown (SS-SW)
Guatemala City (SE)
Kingstown (SS)
Lima (EE-SE)
Managua (SE)
Mexico City (SE)
Montevideo (NW-NN)
Panama City (SE)
Paramaribo (SS-SW)
Port-of-Spain (SS)
Praia (SW)
Quito (SE)
Roseau (SS)
Saint George's (SS)
Saint John's (SS)
San José (SE)
San Salvador (SE)
Santiago (NN-NE)
Tegucigalpa (SE)
Sucre
88%
Abu Dhabi (EE)
Ashgabat (SE)
Astana (SE)
Baku (SE)
Bandar Seri Begawan (NW-NN)
Bangkok (NN-NE)
Beijing (SS-SW)
Bishkek (SE)
Colombo (NE-EE)
Dhaka (EE-SE)
Dili (NW)
Doha (EE)
Dushanbe (SE)
Hanoi (SS-SW)
Islamabad (SE)
Jakarta (NW-NN)
Kabul (SE)
Kathmandu (EE-SE)
Kuala Lumpur (NN-NE)
Kuwait City (EE)
Malé (NE)
Manama (EE)
Manila (WW-NW)
Muscat (EE)
Naypyidaw (EE-SE)
New Delhi (EE-SE)
Ngerulmud (WW)
Phnom Penh (NW-NN)
Port Moresby (NW)
Pyongyang (SW)
Riyadh (EE)
Seoul (SW)
Singapore (NW-NN)
Taipei (SW-WW)
Tashkent (SE)
Tehran (EE)
Thimphu (EE-SE)
Tokyo (SW)
Ulaanbaatar (SS)
Victoria (NE)
Vientiane
88%
Bangkok (EE-SE)
Beijing (SS)
Bishkek (SE)
Canberra (NW)
Colombo (EE)
Dhaka (SE)
Dili (NW-NN)
Dushanbe (SE)
Hanoi (SE)
Honiara (WW)
Islamabad (SE)
Jakarta (NN-NE)
Kabul (SE)
Kathmandu (SE)
Kuala Lumpur (NE-EE)
Malé (EE)
Manila (SS-SW)
Naypyidaw (EE-SE)
New Delhi (SE)
Ngerulmud (SW-WW)
Palikir (WW)
Phnom Penh (EE-SE)
Port Moresby (NW)
Pyongyang (SS)
Seoul (SS)
Singapore (NE-EE)
Taipei (SS-SW)
Thimphu (SE)
Tokyo (SW)
Vientiane (SE)
Yaren (WW)
Bandar Seri Begawan
87%
Bandar Seri Begawan (SS-SW)
Bangkok (SE)
Beijing (SS)
Canberra (NW)
Colombo (SE)
Dhaka (SE)
Dili (WW-NW)
Honiara (WW)
Islamabad (SE)
Kabul (SE)
Kathmandu (SE)
Kuala Lumpur (SE)
Malé (EE)
Manila (SS-SW)
New Delhi (SE)
Ngerulmud (SW)
Palikir (WW)
Phnom Penh (SE)
Port Louis (EE)
Port Moresby (WW)
Pyongyang (SS)
Seoul (SW)
Singapore (SE)
Taipei (SW)
Thimphu (SE)
Tokyo (SW)
Ulaanbaatar (SS)
Victoria (EE)
Vientiane (SE)
Jakarta
87%
Abu Dhabi (EE)
Ashgabat (SE)
Astana (SE)
Baghdad (EE)
Baku (SE)
Bandar Seri Begawan (WW-NW)
Bangkok (NW-NN)
Beijing (SS-SW)
Bishkek (SE)
Colombo (NE-EE)
Dhaka (EE-SE)
Dili (NW)
Djibouti (EE)
Doha (EE)
Dushanbe (SE)
Hanoi (SW-WW)
Islamabad (EE-SE)
Jakarta (NN)
Kabul (SE)
Kathmandu (EE-SE)
Kuala Lumpur (NW-NN)
Kuwait City (EE)
Malé (NE-EE)
Manama (EE)
Manila (WW-NW)
Mogadishu (EE)
Muscat (EE)
New Delhi (EE-SE)
Ngerulmud (WW)
Phnom Penh (WW-NW)
Pyongyang (SW)
Riyadh (EE)
Sana'a (EE)
Seoul (SW)
Singapore (NW-NN)
Taipei (SW-WW)
Tashkent (SE)
Tbilisi (SE)
Tehran (EE)
Thimphu (SE)
Tokyo (SW)
Ulaanbaatar (SS)
Victoria (NE)
Vientiane (WW-NW)
Yerevan (SE)
Naypyidaw
87%
Algiers (NW)
Amman (NW)
Amsterdam (WW-NW)
Andorra la Vella (NW-NN)
Ankara (NW)
Ashgabat (NW)
Astana (WW)
Athens (NW)
Baghdad (NW)
Baku (NW)
Bamako (NN)
Banjul (NN)
Beirut (NW)
Belgrade (NW)
Berlin (WW-NW)
Bern (NW-NN)
Bissau (NN)
Bratislava (WW-NW)
Brussels (WW-NW)
Bucharest (NW)
Budapest (NW)
Cairo (NW)
Chișinău (NW)
Copenhagen (WW-NW)
Dakar (NN)
Damascus (NW)
Dublin (NW-NN)
Helsinki (WW-NW)
Jerusalem (NW)
Kiev (NW)
Lisbon (NW-NN)
Ljubljana (NW)
London (NW-NN)
Luxembourg (WW-NW)
Madrid (NW-NN)
Minsk (WW-NW)
Monaco (NW-NN)
Moscow (WW)
Nassau (NE)
Niamey (NN)
Nicosia (NW)
Nouakchott (NN)
Oslo (WW-NW)
Ottawa (NE)
Ouagadougou (NN)
Paris (NW-NN)
Podgorica (NW)
Prague (WW-NW)
Praia (NN)
Pristina (NW)
Rabat (NN)
Riga (WW-NW)
Rome (NW)
San Marino (NW)
Sarajevo (NW)
Skopje (NW)
Sofia (NW)
Stockholm (WW-NW)
Tallinn (WW-NW)
Tbilisi (NW)
Tehran (NW)
Tirana (NW)
Tripoli (NW)
Tunis (NW)
Vaduz (WW-NW)
Valletta (NW)
Vatican City (NW)
Vienna (WW-NW)
Vilnius (WW-NW)
Warsaw (WW-NW)
Washington D.C. (NE)
Yerevan (NW)
Zagreb (NW)
Reykjavík
87%
Belmopan (SE)
Bogotá (SE)
Brasília (SS-SW)
Buenos Aires (NN-NE)
Guatemala City (SE)
Havana (SE)
Kingston (SE)
Lima (EE-SE)
Managua (SE)
Montevideo (NW-NN)
Panama City (SE)
Paramaribo (SS)
Praia (SW)
Quito (SE)
San José (SE)
San Salvador (SE)
Santiago (NE-EE)
Sucre (EE-SE)
Tegucigalpa (SE)
Asunción
86%
Abu Dhabi (EE)
Addis Ababa (EE)
Amman (EE)
Ankara (EE)
Ashgabat (SE)
Asmara (EE)
Astana (SE)
Baghdad (EE)
Baku (SE)
Bandar Seri Begawan (NW)
Bangkok (NW-NN)
Beijing (SW)
Beirut (EE)
Bishkek (SE)
Cairo (EE)
Chișinău (SE)
Colombo (NN-NE)
Damascus (EE)
Dili (NW)
Djibouti (EE)
Doha (EE)
Dushanbe (EE-SE)
Hanoi (WW-NW)
Islamabad (EE-SE)
Jakarta (NW)
Jerusalem (EE)
Kabul (EE-SE)
Kathmandu (EE-SE)
Kiev (SE)
Kuala Lumpur (NW-NN)
Kuwait City (EE)
Malé (NN-NE)
Manama (EE)
Manila (WW)
Mogadishu (NE)
Moscow (SE)
Muscat (EE)
Naypyidaw (WW-NW)
New Delhi (EE-SE)
Ngerulmud (WW)
Nicosia (EE)
Phnom Penh (WW-NW)
Pyongyang (SW)
Riyadh (EE)
Sana'a (EE)
Seoul (SW)
Singapore (NW-NN)
Taipei (WW)
Tashkent (EE-SE)
Tbilisi (SE)
Tehran (EE)
Thimphu (SE)
Tokyo (WW)
Ulaanbaatar (SW)
Victoria (NE)
Vientiane (WW-NW)
Yerevan (SE)
Dhaka
86%
Abu Dhabi (SS-SW)
Abuja (EE)
Accra (EE)
Addis Ababa (SE)
Algiers (SE)
Antananarivo (NW-NN)
Ashgabat (SS)
Asmara (SE)
Astana (SW)
Athens (SE)
Baku (SS)
Bamako (EE)
Bangui (EE-SE)
Belgrade (SE)
Bishkek (SW)
Bratislava (SE)
Brazzaville (EE)
Budapest (SE)
Bujumbura (NE-EE)
Cairo (SE)
Colombo (WW)
Dhaka (SW)
Djibouti (SE)
Dodoma (NE-EE)
Doha (SS-SW)
Dushanbe (SW)
Gaborone (NE)
Harare (NN-NE)
Islamabad (SW)
Juba (EE-SE)
Kabul (SW)
Kampala (NE-EE)
Kathmandu (SW)
Khartoum (SE)
Kigali (NE-EE)
Kinshasa (EE)
Kuwait City (SS)
Libreville (EE)
Lilongwe (NN-NE)
Ljubljana (SE)
Lomé (EE)
Luanda (EE)
Lusaka (NN-NE)
Malabo (EE)
Malé (WW)
Manama (SS-SW)
Maputo (NE)
Maseru (NE)
Mbabane (NE)
Monaco (SE)
Moroni (NN-NE)
Muscat (SS-SW)
Nairobi (NE-EE)
Naypyidaw (WW)
N'Djamena (EE)
New Delhi (SW)
Niamey (EE)
Ouagadougou (EE)
Podgorica (SE)
Port Louis (NW-NN)
Porto-Novo (EE)
Pretoria (NE)
Pristina (SE)
Riyadh (SS-SW)
Rome (SE)
San Marino (SE)
Sana'a (SE)
São Tomé (EE)
Sarajevo (SE)
Skopje (SE)
Sofia (SE)
Tashkent (SW)
Tehran (SS)
Thimphu (SW)
Tirana (SE)
Tripoli (SE)
Tunis (SE)
Valletta (SE)
Vatican City (SE)
Victoria (WW-NW)
Vienna (SE)
Windhoek (NE)
Yamoussoukro (EE)
Yaoundé (EE)
Zagreb (SE)
Mogadishu
86%
Abuja (WW-NW)
Accra (WW-NW)
Addis Ababa (WW)
Algiers (SS-SW)
Amman (WW)
Amsterdam (SW)
Andorra la Vella (SW)
Ankara (SW)
Asmara (WW)
Athens (SW)
Bamako (WW-NW)
Bangui (WW)
Banjul (NN-NE)
Basseterre (EE)
Beirut (WW)
Belgrade (SW)
Berlin (SW)
Bern (SW)
Bissau (NW-NN)
Brasília (NE)
Bratislava (SW)
Brazzaville (NW)
Bridgetown (EE)
Brussels (SW)
Bucharest (SW)
Budapest (SW)
Bujumbura (NW)
Cairo (WW)
Caracas (EE)
Castries (EE)
Chișinău (SW)
Conakry (NW-NN)
Copenhagen (SW)
Dakar (NN-NE)
Damascus (WW)
Dublin (SS)
Freetown (NW-NN)
Georgetown (EE)
Helsinki (SW)
Jerusalem (WW)
Juba (WW)
Kampala (WW)
Khartoum (WW)
Kiev (SW)
Kigali (NW)
Kingstown (EE)
Kinshasa (NW)
Libreville (NW)
Lisbon (SS-SW)
Ljubljana (SW)
Lomé (WW-NW)
London (SS)
Luanda (NW)
Luxembourg (SW)
Madrid (SS-SW)
Malabo (NW)
Minsk (SW)
Monaco (SW)
Monrovia (NW-NN)
N'Djamena (WW)
Niamey (WW-NW)
Nicosia (WW)
Oslo (SW)
Ouagadougou (WW-NW)
Paramaribo (EE)
Paris (SW)
Podgorica (SW)
Port-au-Prince (EE)
Port-of-Spain (EE)
Porto-Novo (WW-NW)
Prague (SW)
Praia (NE-EE)
Pristina (SW)
Rabat (SS-SW)
Riga (SW)
Rome (SW)
Roseau (EE)
Saint George's (EE)
Saint John's (EE)
San Marino (SW)
Santo Domingo (EE)
São Tomé (NW)
Sarajevo (SW)
Skopje (SW)
Sofia (SW)
Stockholm (SW)
Tallinn (SW)
Tirana (SW)
Tripoli (SW)
Tunis (SW)
Vaduz (SW)
Valletta (SW)
Vatican City (SW)
Vienna (SW)
Vilnius (SW)
Warsaw (SW)
Windhoek (NW)
Yamoussoukro (NW-NN)
Yaoundé (NW)
Zagreb (SW)
Nouakchott
86%
Abu Dhabi (EE)
Addis Ababa (EE)
Amman (EE)
Ankara (EE)
Ashgabat (EE)
Asmara (EE)
Astana (SE)
Baghdad (EE)
Baku (EE)
Bandar Seri Begawan (NW)
Bangkok (NW-NN)
Beijing (SW-WW)
Beirut (EE)
Bishkek (SE)
Bucharest (EE)
Cairo (EE)
Chișinău (EE)
Colombo (NN-NE)
Damascus (EE)
Dhaka (NW-NN)
Dili (NW)
Djibouti (EE)
Doha (EE)
Dushanbe (EE-SE)
Hanoi (WW-NW)
Islamabad (EE-SE)
Jakarta (NW)
Jerusalem (EE)
Kabul (EE-SE)
Kathmandu (EE-SE)
Kiev (SE)
Kuala Lumpur (NW-NN)
Kuwait City (EE)
Malé (NE)
Manama (EE)
Manila (NW)
Minsk (SE)
Mogadishu (NE)
Moscow (SE)
Muscat (EE)
Naypyidaw (NW-NN)
New Delhi (EE-SE)
Ngerulmud (NW)
Nicosia (EE)
Phnom Penh (NW-NN)
Pyongyang (WW)
Riyadh (EE)
Sana'a (EE)
Seoul (WW)
Singapore (NW)
Taipei (WW)
Tashkent (EE-SE)
Tbilisi (EE)
Tehran (EE)
Tokyo (WW)
Ulaanbaatar (SS-SW)
Victoria (NE)
Vientiane (WW-NW)
Vilnius (SE)
Yerevan (EE)
Thimphu
86%
Abu Dhabi (EE)
Ashgabat (SE)
Astana (SE)
Bandar Seri Begawan (WW-NW)
Bangkok (EE-SE)
Beijing (SS)
Bishkek (SE)
Colombo (NE-EE)
Dhaka (EE-SE)
Dili (NW)
Doha (EE)
Dushanbe (SE)
Hanoi (SS-SW)
Islamabad (SE)
Jakarta (NW-NN)
Kabul (SE)
Kathmandu (EE-SE)
Kuala Lumpur (NN-NE)
Malé (EE)
Manama (EE)
Manila (SW-WW)
Muscat (EE)
Naypyidaw (EE-SE)
New Delhi (SE)
Ngerulmud (WW)
Palikir (WW)
Port Moresby (NW)
Pyongyang (SW)
Seoul (SW)
Singapore (NN-NE)
Taipei (SW-WW)
Tashkent (SE)
Tehran (SE)
Thimphu (SE)
Tokyo (SW)
Ulaanbaatar (SS)
Victoria (EE)
Vientiane (SE)
Phnom Penh
85%
Abu Dhabi (SS)
Abuja (SE)
Accra (SE)
Bangui (SE)
Brazzaville (SE)
Bujumbura (EE-SE)
Colombo (SW)
Dodoma (SE)
Doha (SS)
Gaborone (NE-EE)
Harare (EE-SE)
Juba (SE)
Kampala (SE)
Khartoum (SE)
Kigali (EE-SE)
Kinshasa (SE)
Kuwait City (SS)
Libreville (SE)
Lilongwe (EE-SE)
Lomé (SE)
Luanda (EE)
Lusaka (EE-SE)
Malabo (SE)
Malé (SW)
Manama (SS)
Maputo (NE-EE)
Maseru (NE-EE)
Mbabane (NE-EE)
Mogadishu (SE)
Moroni (SE)
Muscat (SS)
Nairobi (SE)
N'Djamena (SE)
Port Louis (WW-NW)
Porto-Novo (SE)
Pretoria (NE-EE)
São Tomé (SE)
Victoria (SS-SW)
Windhoek (EE)
Yaoundé (SE)
Antananarivo
84%
Abu Dhabi (EE)
Ashgabat (SE)
Astana (SE)
Baku (SE)
Bandar Seri Begawan (WW-NW)
Beijing (SW)
Bishkek (SE)
Colombo (NE-EE)
Dhaka (SE)
Dili (NW)
Doha (EE)
Dushanbe (SE)
Hanoi (SS-SW)
Islamabad (SE)
Jakarta (NW-NN)
Kabul (SE)
Kathmandu (EE-SE)
Kuala Lumpur (NW-NN)
Kuwait City (EE)
Malé (EE)
Manama (EE)
Manila (SW-WW)
Muscat (EE)
Naypyidaw (SE)
New Delhi (EE-SE)
Ngerulmud (WW)
Phnom Penh (WW-NW)
Port Moresby (NW)
Pyongyang (SW)
Riyadh (EE)
Seoul (SW)
Singapore (NW-NN)
Taipei (SW-WW)
Tashkent (SE)
Tehran (SE)
Thimphu (SE)
Tokyo (SW)
Ulaanbaatar (SS)
Victoria (EE)
Vientiane (SS-SW)
Bangkok
84%
Abu Dhabi (SE)
Ashgabat (SE)
Bandar Seri Begawan (SW-WW)
Bangkok (SE)
Beijing (SS)
Bishkek (SE)
Colombo (EE-SE)
Dhaka (SE)
Dili (WW-NW)
Doha (SE)
Dushanbe (SE)
Hanoi (SS-SW)
Islamabad (SE)
Jakarta (NW-NN)
Kabul (SE)
Kathmandu (SE)
Malé (EE)
Manila (SW-WW)
Muscat (SE)
Naypyidaw (SE)
New Delhi (SE)
Ngerulmud (WW)
Phnom Penh (SS-SW)
Port Louis (NE)
Port Moresby (WW)
Pyongyang (SW)
Seoul (SW)
Singapore (WW-NW)
Taipei (SW)
Tashkent (SE)
Thimphu (SE)
Tokyo (SW)
Ulaanbaatar (SS)
Victoria (EE)
Vientiane (SS-SW)
Kuala Lumpur
84%
Basseterre (WW)
Belmopan (WW-NW)
Bogotá (NW)
Bridgetown (WW)
Caracas (WW)
Castries (WW)
Georgetown (WW)
Guatemala City (WW-NW)
Havana (SW-WW)
Kingston (WW-NW)
Kingstown (WW)
Lima (NW)
Managua (WW-NW)
Nassau (SW-WW)
Ottawa (SW)
Panama City (WW-NW)
Paramaribo (WW)
Port-au-Prince (WW-NW)
Port-of-Spain (WW)
Quito (NW)
Roseau (WW)
Saint George's (WW)
Saint John's (WW)
San José (WW-NW)
San Salvador (WW-NW)
Santo Domingo (WW)
Sucre (NW)
Tegucigalpa (WW-NW)
Washington D.C. (SW)
Mexico City
84%
Abu Dhabi (SS)
Abuja (SE)
Accra (EE)
Addis Ababa (SE)
Antananarivo (NW-NN)
Ashgabat (SS)
Baghdad (SS)
Baku (SS)
Bangui (SE)
Brazzaville (EE)
Bujumbura (EE-SE)
Colombo (SW)
Djibouti (SE)
Dodoma (EE-SE)
Doha (SS)
Gaborone (NE-EE)
Harare (NE-EE)
Islamabad (SW)
Juba (SE)
Kabul (SW)
Kampala (SE)
Kigali (EE-SE)
Kinshasa (EE)
Kuwait City (SS)
Libreville (EE)
Lilongwe (NE-EE)
Lomé (SE)
Luanda (EE)
Lusaka (NE-EE)
Malabo (SE)
Malé (SW)
Manama (SS)
Maputo (NN-NE)
Maseru (NN-NE)
Mbabane (NN-NE)
Mogadishu (SS-SW)
Muscat (SW)
Nairobi (SE)
N'Djamena (SE)
New Delhi (SW)
Niamey (SE)
Ouagadougou (SE)
Port Louis (WW-NW)
Porto-Novo (SE)
Pretoria (NE-EE)
Riyadh (SS)
Sana'a (SS-SW)
São Tomé (EE)
Tbilisi (SS)
Tehran (SS)
Tripoli (SE)
Victoria (SW-WW)
Windhoek (NE)
Yamoussoukro (EE)
Yaoundé (SE)
Yerevan (SS)
Moroni
84%
Asunción (SW-WW)
Basseterre (SS)
Brasília (SW)
Bridgetown (SS)
Buenos Aires (WW-NW)
Caracas (SS)
Castries (SS)
Georgetown (SS)
Kingstown (SS)
Lima (SE)
Montevideo (WW-NW)
Paramaribo (SS)
Port-of-Spain (SS)
Roseau (SS)
Saint George's (SS)
Saint John's (SS)
Santo Domingo (SS)
Sucre (SS-SW)
Santiago
84%
Abuja (WW)
Accra (WW-NW)
Algiers (SW)
Amsterdam (SW)
Andorra la Vella (SW)
Asunción (NE)
Athens (SW)
Bamako (WW-NW)
Bangui (WW)
Banjul (WW-NW)
Basseterre (EE)
Belgrade (SW)
Berlin (SW)
Bern (SW)
Bissau (WW-NW)
Bogotá (EE)
Brasília (NE)
Bratislava (SW)
Brazzaville (NW)
Bridgetown (EE)
Brussels (SW)
Bucharest (SW)
Budapest (SW)
Cairo (WW)
Caracas (EE)
Castries (EE)
Chișinău (SW)
Conakry (WW-NW)
Copenhagen (SW)
Dakar (WW-NW)
Dublin (SS)
Freetown (WW-NW)
Georgetown (EE)
Kingston (EE)
Kingstown (EE)
Kinshasa (NW)
Libreville (NW)
Lisbon (SS-SW)
Ljubljana (SW)
Lomé (WW-NW)
London (SW)
Luanda (NW)
Luxembourg (SW)
Madrid (SW)
Malabo (WW)
Monaco (SW)
Monrovia (WW-NW)
Nassau (EE)
N'Djamena (WW)
Niamey (WW-NW)
Nouakchott (SW-WW)
Oslo (SW)
Ottawa (SE)
Ouagadougou (WW-NW)
Paramaribo (EE)
Paris (SW)
Podgorica (SW)
Port-au-Prince (EE)
Port-of-Spain (EE)
Porto-Novo (WW)
Prague (SW)
Pristina (SW)
Rabat (SS-SW)
Reykjavík (SS)
Rome (SW)
Roseau (EE)
Saint George's (EE)
Saint John's (EE)
San Marino (SW)
Santo Domingo (EE)
São Tomé (NW)
Sarajevo (SW)
Skopje (SW)
Sofia (SW)
Stockholm (SW)
Sucre (NE)
Tirana (SW)
Tripoli (SW)
Tunis (SW)
Vaduz (SW)
Valletta (SW)
Vatican City (SW)
Vienna (SW)
Warsaw (SW)
Washington D.C. (SE)
Yamoussoukro (WW-NW)
Yaoundé (WW)
Zagreb (SW)
Praia
83%
Ashgabat (EE)
Astana (EE)
Bandar Seri Begawan (NN)
Bangkok (NE)
Beijing (EE-SE)
Bishkek (EE)
Colombo (NE)
Dhaka (NE)
Dili (NN)
Dushanbe (EE)
Hanoi (NN-NE)
Islamabad (EE)
Jakarta (NN)
Kabul (EE)
Kathmandu (EE)
Kuala Lumpur (NE)
Majuro (NW)
Manila (NN-NE)
Naypyidaw (NE)
New Delhi (EE)
Ngerulmud (NN)
Palikir (NW)
Phnom Penh (NE)
Port Moresby (NN)
Seoul (any)
Singapore (NE)
Taipei (NN-NE)
Tashkent (EE)
Thimphu (EE)
Tokyo (WW-NW)
Ulaanbaatar (EE-SE)
Vientiane (NE)
Pyongyang
83%
Astana (SE)
Bandar Seri Begawan (NN-NE)
Bangkok (NE-EE)
Beijing (SE)
Bishkek (SE)
Colombo (NE)
Dhaka (EE)
Dili (NN)
Dushanbe (EE)
Hanoi (NE-EE)
Honiara (NW)
Islamabad (EE)
Jakarta (NE)
Kabul (EE)
Kathmandu (EE)
Kuala Lumpur (NE)
Majuro (WW)
Malé (NE)
Manila (NN-NE)
Naypyidaw (NE-EE)
New Delhi (EE)
Ngerulmud (NW-NN)
Palikir (NW)
Phnom Penh (NE-EE)
Port Moresby (NW)
Pyongyang (SS-SW)
Seoul (SS-SW)
Singapore (NE)
Tashkent (EE)
Thimphu (EE)
Tokyo (SW-WW)
Ulaanbaatar (SE)
Vientiane (NE-EE)
Yaren (NW)
Taipei
83%
Abu Dhabi (NE)
Ankara (EE)
Ashgabat (EE)
Astana (EE-SE)
Baghdad (EE)
Baku (EE)
Bandar Seri Begawan (NN)
Bangkok (NN)
Beijing (NW-NN)
Beirut (EE)
Bishkek (NE-EE)
Bucharest (EE)
Chișinău (EE)
Colombo (NE)
Damascus (EE)
Dhaka (NE)
Doha (NE)
Dushanbe (EE)
Hanoi (NN-NE)
Helsinki (EE)
Islamabad (NE)
Jakarta (NN)
Kabul (NE)
Kathmandu (NN-NE)
Kiev (EE)
Kuala Lumpur (NN)
Kuwait City (EE)
Malé (NE)
Manama (NE)
Manila (NN)
Minsk (EE)
Moscow (EE)
Muscat (NE)
Naypyidaw (NN)
New Delhi (NE)
Ngerulmud (NW)
Oslo (EE)
Phnom Penh (NN)
Pyongyang (WW-NW)
Riga (EE)
Riyadh (NE)
Seoul (WW-NW)
Singapore (NN)
Stockholm (EE)
Taipei (NW-NN)
Tallinn (EE)
Tashkent (EE)
Tbilisi (EE)
Tehran (EE)
Thimphu (NN-NE)
Tokyo (NW)
Vientiane (NN)
Vilnius (EE)
Warsaw (EE)
Yerevan (EE)
Ulaanbaatar
83%
Astana (EE)
Bandar Seri Begawan (NE)
Bangkok (NE)
Beijing (EE-SE)
Bishkek (EE)
Dhaka (EE)
Dili (NN)
Hanoi (NE)
Honiara (NW)
Islamabad (EE)
Jakarta (NE)
Kathmandu (EE)
Kuala Lumpur (NE)
Majuro (NW)
Manila (NN-NE)
Naypyidaw (NE)
New Delhi (EE)
Ngerulmud (NN)
Palikir (NW)
Phnom Penh (NE)
Port Moresby (NN)
Pyongyang (EE-SE)
Seoul (EE-SE)
Singapore (NE)
South Tarawa (NW)
Taipei (NE-EE)
Thimphu (EE)
Ulaanbaatar (SE)
Vientiane (NE)
Yaren (NW)
Tokyo
82%
Abuja (EE)
Addis Ababa (EE-SE)
Amman (SE)
Ankara (SE)
Antananarivo (NN-NE)
Ashgabat (SS)
Asmara (SE)
Athens (SE)
Bangkok (WW)
Bangui (EE)
Beirut (SE)
Bishkek (SS)
Brazzaville (EE)
Bujumbura (EE-SE)
Cairo (SE)
Colombo (SW-WW)
Damascus (SE)
Dhaka (SW)
Djibouti (SE)
Dodoma (NE-EE)
Dushanbe (SS)
Gaborone (NE)
Harare (NE)
Islamabad (SW)
Jakarta (WW)
Jerusalem (SE)
Juba (EE-SE)
Kabul (SS)
Kampala (EE-SE)
Kathmandu (SW)
Khartoum (SE)
Kigali (EE-SE)
Kinshasa (EE)
Kuala Lumpur (WW)
Libreville (EE)
Lilongwe (NE-EE)
Luanda (EE)
Lusaka (EE)
Malabo (EE)
Malé (SW-WW)
Maputo (NE)
Maseru (NE)
Mbabane (NE)
Mogadishu (EE-SE)
Moroni (NE-EE)
Muscat (SS)
Nairobi (EE-SE)
Naypyidaw (SW)
N'Djamena (SE)
New Delhi (SW)
Nicosia (SE)
Phnom Penh (WW)
Port Louis (NW-NN)
Porto-Novo (EE)
Pretoria (NE)
Sana'a (SE)
São Tomé (EE)
Singapore (WW)
Tashkent (SS)
Thimphu (SW)
Vientiane (SW)
Windhoek (NE)
Yaoundé (EE)
Victoria
81%
Apia (NW)
Bandar Seri Begawan (EE)
Beijing (SE)
Canberra (NN)
Dili (NE)
Funafuti (WW-NW)
Hanoi (EE)
Honiara (NW-NN)
Jakarta (EE)
Majuro (SW-WW)
Manila (EE)
Ngerulmud (EE-SE)
Nukuʻalofa (NW)
Phnom Penh (EE)
Port Moresby (NN-NE)
Port Vila (NW-NN)
Pyongyang (SE)
Seoul (SE)
South Tarawa (WW-NW)
Suva (NW)
Taipei (SE)
Tokyo (SE)
Wellington (NN)
Yaren (WW-NW)
Palikir
80%
Ashgabat (EE)
Astana (EE)
Bandar Seri Begawan (NN)
Bangkok (NE)
Beijing (EE-SE)
Bishkek (EE)
Colombo (NE)
Dhaka (NE)
Dili (NN)
Dushanbe (EE)
Hanoi (NE-EE)
Islamabad (EE)
Jakarta (NE)
Kabul (EE)
Kathmandu (EE)
Kuala Lumpur (NE)
Majuro (NW)
Manila (NN-NE)
Naypyidaw (NE)
New Delhi (EE)
Ngerulmud (NN)
Palikir (NW)
Phnom Penh (NE)
Port Moresby (NN)
Pyongyang (any)
Singapore (NE)
Taipei (NN-NE)
Tashkent (EE)
Thimphu (EE)
Tokyo (WW-NW)
Ulaanbaatar (EE-SE)
Vientiane (NE)
Yaren (NW)
Seoul
80%
Bandar Seri Begawan (SE)
Bangkok (SE)
Canberra (NW)
Colombo (EE)
Dhaka (SE)
Funafuti (WW)
Hanoi (SE)
Honiara (WW)
Jakarta (EE-SE)
Kathmandu (SE)
Kuala Lumpur (EE-SE)
Majuro (WW)
Malé (EE)
Manila (SE)
Naypyidaw (SE)
Ngerulmud (SS-SW)
Palikir (SW)
Phnom Penh (SE)
Port Moresby (WW-NW)
Port Vila (WW)
Pyongyang (SS)
Seoul (SS)
Singapore (EE-SE)
South Tarawa (WW)
Suva (WW)
Thimphu (SE)
Tokyo (SS)
Vientiane (SE)
Yaren (WW)
Dili
79%
Abu Dhabi (SE)
Addis Ababa (EE)
Amman (SE)
Ankara (SE)
Antananarivo (NE)
Asmara (EE)
Baghdad (SE)
Baku (SE)
Bandar Seri Begawan (WW)
Bangkok (WW)
Beijing (SW)
Beirut (SE)
Bishkek (SS)
Bujumbura (EE)
Cairo (SE)
Colombo (SW-WW)
Damascus (SE)
Dhaka (SS-SW)
Dili (WW)
Djibouti (EE)
Dodoma (EE)
Doha (SE)
Hanoi (SW)
Harare (NE)
Jakarta (WW)
Jerusalem (SE)
Juba (EE)
Kampala (EE)
Kathmandu (SS-SW)
Khartoum (EE)
Kigali (EE)
Kuala Lumpur (WW)
Kuwait City (SE)
Lilongwe (NE)
Lusaka (NE)
Manama (SE)
Manila (WW)
Maputo (NE)
Mbabane (NE)
Mogadishu (EE)
Moroni (NE)
Muscat (SE)
Nairobi (EE)
Naypyidaw (SW-WW)
New Delhi (SS-SW)
Nicosia (SE)
Phnom Penh (WW)
Port Louis (NE)
Pretoria (NE)
Riyadh (SE)
Sana'a (EE)
Singapore (WW)
Taipei (SW)
Tbilisi (SE)
Tehran (SE)
Thimphu (SW)
Ulaanbaatar (SW)
Victoria (NE-EE)
Vientiane (SW)
Yerevan (SE)
Malé
79%
Apia (SW)
Bandar Seri Begawan (SE)
Dili (SE)
Funafuti (SW)
Honiara (SS)
Jakarta (SE)
Majuro (SW)
Nukuʻalofa (SW)
Palikir (SS)
Port Moresby (SE)
Port Vila (SS-SW)
South Tarawa (SW)
Suva (SW)
Wellington (WW-NW)
Yaren (SW)
Canberra
77%
Bandar Seri Begawan (NE-EE)
Bangkok (EE)
Beijing (SE)
Canberra (NN)
Dhaka (EE)
Dili (NN-NE)
Funafuti (WW)
Hanoi (SE)
Honiara (NW)
Jakarta (NE)
Kathmandu (SE)
Kuala Lumpur (EE)
Majuro (WW)
Manila (EE-SE)
Naypyidaw (EE)
Palikir (WW-NW)
Phnom Penh (EE)
Port Moresby (NW-NN)
Port Vila (NW)
Singapore (EE)
South Tarawa (WW)
Suva (NW)
Taipei (SE)
Thimphu (SE)
Tokyo (SS)
Ulaanbaatar (SE)
Vientiane (EE)
Yaren (WW)
Ngerulmud
77%
Apia (WW)
Bandar Seri Begawan (SE)
Bangkok (SE)
Canberra (NW-NN)
Dili (EE-SE)
Funafuti (WW)
Hanoi (SE)
Honiara (SW-WW)
Jakarta (EE)
Kuala Lumpur (EE)
Majuro (SW)
Manila (SE)
Ngerulmud (SE)
Nukuʻalofa (WW)
Palikir (SS-SW)
Phnom Penh (SE)
Port Vila (WW-NW)
Singapore (EE)
South Tarawa (SW)
Suva (WW)
Taipei (SE)
Vientiane (SE)
Wellington (NW)
Yaren (SW-WW)
Port Moresby
77%
Abuja (SE)
Accra (SE)
Addis Ababa (SS)
Antananarivo (SW-WW)
Asmara (SS)
Bamako (SE)
Brazzaville (SE)
Bujumbura (SS-SW)
Conakry (SE)
Djibouti (SW)
Dodoma (SS-SW)
Freetown (SE)
Harare (SS-SW)
Juba (SS)
Kampala (SS-SW)
Khartoum (SS)
Kigali (SS-SW)
Kinshasa (SE)
Libreville (SE)
Lilongwe (SS-SW)
Lomé (SE)
Luanda (SE)
Lusaka (SS-SW)
Malabo (SE)
Maputo (WW-NW)
Maseru (NW-NN)
Mbabane (WW-NW)
Mogadishu (SW)
Monrovia (SE)
Moroni (SW-WW)
Nairobi (SS-SW)
Niamey (SE)
Ouagadougou (SE)
Port Louis (WW)
Porto-Novo (SE)
Pretoria (WW-NW)
Riyadh (SS)
Sana'a (SW)
São Tomé (SE)
Victoria (SW)
Windhoek (EE-SE)
Yamoussoukro (SE)
Yaoundé (SE)
Gaborone
76%
Apia (WW)
Bandar Seri Begawan (EE)
Canberra (NN)
Dili (EE)
Funafuti (SW-WW)
Jakarta (EE)
Majuro (SS-SW)
Manila (SE)
Ngerulmud (SE)
Nukuʻalofa (WW-NW)
Palikir (SE)
Port Moresby (NE-EE)
Port Vila (NW-NN)
South Tarawa (SW-WW)
Suva (WW-NW)
Taipei (SE)
Tokyo (SE)
Wellington (NN)
Yaren (SS-SW)
Honiara
76%
Apia (SW-WW)
Canberra (NN-NE)
Dili (EE)
Funafuti (SW-WW)
Honiara (SE)
Majuro (SS-SW)
Ngerulmud (SE)
Nukuʻalofa (WW-NW)
Palikir (SE)
Port Moresby (EE-SE)
South Tarawa (SS-SW)
Suva (WW-NW)
Wellington (NW-NN)
Yaren (SE)
Port Vila
76%
Accra (SE)
Addis Ababa (SW)
Antananarivo (WW)
Asmara (SW)
Bamako (SE)
Bangui (SS-SW)
Banjul (SE)
Bissau (SE)
Brazzaville (SE)
Bujumbura (SS-SW)
Conakry (SE)
Dakar (SE)
Djibouti (SW)
Dodoma (SW-WW)
Freetown (SE)
Gaborone (WW-NW)
Harare (SW-WW)
Juba (SW)
Kampala (SW)
Khartoum (SS)
Kigali (SS-SW)
Kinshasa (SE)
Libreville (SE)
Lilongwe (SW-WW)
Lomé (SE)
Luanda (SE)
Lusaka (SW-WW)
Maputo (WW-NW)
Maseru (WW-NW)
Mbabane (WW-NW)
Mogadishu (SW)
Monrovia (SE)
Moroni (SW)
Nairobi (SW)
Nouakchott (SE)
Ouagadougou (SE)
Port Louis (WW)
Porto-Novo (SE)
Pretoria (WW-NW)
Sana'a (SW)
São Tomé (SE)
Victoria (SW)
Yamoussoukro (SE)
Yaoundé (SE)
Windhoek
76%
Abu Dhabi (SE)
Addis Ababa (EE)
Amman (SE)
Ankara (SE)
Antananarivo (NE)
Ashgabat (SE)
Asmara (EE)
Baghdad (SE)
Baku (SE)
Bandar Seri Begawan (WW)
Bangkok (SW-WW)
Beijing (SW)
Beirut (SE)
Bujumbura (EE)
Cairo (SE)
Damascus (SE)
Dhaka (SS-SW)
Dili (WW)
Djibouti (EE)
Dodoma (EE)
Doha (SE)
Hanoi (SW)
Jakarta (NW)
Jerusalem (SE)
Juba (EE)
Kampala (EE)
Kathmandu (SS-SW)
Khartoum (EE)
Kigali (EE)
Kuala Lumpur (WW-NW)
Kuwait City (SE)
Lilongwe (NE)
Malé (NE-EE)
Manama (SE)
Manila (WW)
Mogadishu (EE)
Moroni (NE)
Muscat (EE-SE)
Nairobi (EE)
Naypyidaw (SW-WW)
New Delhi (SE)
Nicosia (SE)
Phnom Penh (SW-WW)
Port Louis (NE)
Pyongyang (SW)
Riyadh (SE)
Sana'a (EE)
Seoul (SW)
Singapore (WW-NW)
Taipei (SW)
Tbilisi (SE)
Tehran (SE)
Thimphu (SS-SW)
Ulaanbaatar (SW)
Victoria (NE-EE)
Vientiane (SW-WW)
Yerevan (SE)
Colombo
75%
Apia (WW-NW)
Bandar Seri Begawan (EE)
Canberra (NE)
Dili (EE)
Funafuti (WW-NW)
Honiara (NN-NE)
Majuro (SS-SW)
Manila (EE)
Ngerulmud (EE)
Nukuʻalofa (NW-NN)
Palikir (EE-SE)
Port Moresby (NE-EE)
Port Vila (NW-NN)
Seoul (SE)
South Tarawa (SW-WW)
Suva (NW-NN)
Taipei (SE)
Tokyo (SE)
Wellington (NN)
Yaren
74%
Apia (NW-NN)
Canberra (NE)
Dili (EE)
Funafuti (NW-NN)
Honiara (NE-EE)
Majuro (SE)
Manila (EE)
Ngerulmud (EE)
Nukuʻalofa (NW-NN)
Palikir (EE-SE)
Port Moresby (NE)
Port Vila (NN-NE)
Suva (NW-NN)
Tokyo (SE)
Wellington (NN)
Yaren (NE-EE)
South Tarawa
73%
Apia (NW-NN)
Canberra (NE)
Dili (EE)
Funafuti (NW-NN)
Honiara (NN-NE)
Manila (EE)
Ngerulmud (EE)
Nukuʻalofa (NW)
Palikir (NE-EE)
Port Moresby (NE)
Port Vila (NN-NE)
Pyongyang (SE)
Seoul (SE)
South Tarawa (NW-NN)
Suva (NW-NN)
Taipei (EE)
Tokyo (SE)
Wellington (NN)
Yaren (NN-NE)
Majuro
72%
Abuja (SE)
Accra (SE)
Addis Ababa (SS)
Antananarivo (SW-WW)
Asmara (SS)
Bangui (SE)
Brazzaville (SE)
Bujumbura (SE)
Djibouti (SS)
Dodoma (SS-SW)
Gaborone (EE-SE)
Harare (SE)
Kampala (SE)
Kigali (SE)
Kinshasa (SE)
Libreville (SE)
Lilongwe (SS-SW)
Lomé (SE)
Luanda (EE-SE)
Lusaka (SE)
Malabo (SE)
Malé (SW)
Maseru (NE-EE)
Mbabane (any)
Mogadishu (SW)
Monrovia (SE)
Moroni (SS-SW)
Nairobi (SS-SW)
N'Djamena (SE)
Niamey (SE)
Ouagadougou (SE)
Port Louis (SW-WW)
Porto-Novo (SE)
Pretoria (EE-SE)
Riyadh (SS)
Sana'a (SS)
São Tomé (SE)
Victoria (SW)
Windhoek (EE-SE)
Yamoussoukro (SE)
Yaoundé (SE)
Maputo
72%
Apia (SW-WW)
Canberra (NE)
Dili (EE)
Funafuti (SS-SW)
Honiara (EE-SE)
Majuro (SE)
Ngerulmud (SE)
Nukuʻalofa (WW-NW)
Palikir (SE)
Port Moresby (EE)
Port Vila (EE-SE)
South Tarawa (SE)
Wellington (NN-NE)
Yaren (SE)
Suva
72%
Abuja (SE)
Accra (SE)
Addis Ababa (SS)
Antananarivo (SW-WW)
Asmara (SS)
Brazzaville (SE)
Bujumbura (SE)
Djibouti (SS)
Dodoma (SS-SW)
Gaborone (EE-SE)
Harare (SE)
Juba (SS)
Kampala (SS-SW)
Khartoum (SS)
Kigali (SE)
Kinshasa (SE)
Libreville (SE)
Lilongwe (SS-SW)
Lomé (SE)
Luanda (SE)
Lusaka (SE)
Malabo (SE)
Malé (SW)
Maputo (any)
Maseru (NE-EE)
Mogadishu (SW)
Monrovia (SE)
Moroni (SS-SW)
Nairobi (SS-SW)
Niamey (SE)
Ouagadougou (SE)
Port Louis (SW-WW)
Porto-Novo (SE)
Pretoria (EE-SE)
Riyadh (SS)
Sana'a (SS)
São Tomé (SE)
Victoria (SW)
Windhoek (EE-SE)
Yamoussoukro (SE)
Yaoundé (SE)
Mbabane
71%
Apia (WW-NW)
Canberra (NE)
Dili (EE)
Honiara (NE-EE)
Majuro (SE)
Ngerulmud (EE)
Nukuʻalofa (NW-NN)
Palikir (EE-SE)
Port Moresby (EE)
Port Vila (NE-EE)
South Tarawa (SE)
Suva (NN-NE)
Wellington (NN)
Yaren (EE-SE)
Funafuti
69%
Abuja (SE)
Accra (SE)
Addis Ababa (SS)
Antananarivo (SW-WW)
Asmara (SS)
Brazzaville (SE)
Bujumbura (SS-SW)
Djibouti (SS)
Dodoma (SS-SW)
Gaborone (SE)
Harare (SS-SW)
Juba (SS)
Kampala (SS)
Khartoum (SS)
Kigali (SS)
Kinshasa (SE)
Libreville (SE)
Lilongwe (SS-SW)
Lomé (SE)
Luanda (SE)
Lusaka (SS-SW)
Malabo (SE)
Maputo (SW-WW)
Mbabane (SW-WW)
Mogadishu (SW)
Monrovia (SE)
Moroni (SS-SW)
Nairobi (SS)
Niamey (SE)
Ouagadougou (SE)
Port Louis (WW)
Porto-Novo (SE)
Pretoria (SS-SW)
Sana'a (SS)
São Tomé (SE)
Victoria (SW)
Windhoek (EE-SE)
Yamoussoukro (SE)
Yaoundé (SE)
Maseru
69%
Apia (SS-SW)
Canberra (NE)
Funafuti (SE)
Honiara (EE-SE)
Majuro (SE)
Palikir (SE)
Port Moresby (EE)
Port Vila (EE-SE)
South Tarawa (SE)
Suva (EE-SE)
Wellington (NN-NE)
Yaren (SE)
Nukuʻalofa
68%
Addis Ababa (SE)
Antananarivo (EE-SE)
Asmara (SE)
Bangui (SE)
Brazzaville (EE)
Bujumbura (SE)
Colombo (SW)
Djibouti (SE)
Dodoma (EE-SE)
Gaborone (EE)
Harare (EE-SE)
Jakarta (WW)
Juba (SE)
Kampala (SE)
Khartoum (SE)
Kigali (SE)
Kinshasa (EE)
Kuala Lumpur (SW)
Libreville (SE)
Lilongwe (EE-SE)
Luanda (EE)
Lusaka (EE)
Malabo (SE)
Malé (SW)
Maputo (NE-EE)
Maseru (EE)
Mbabane (NE-EE)
Mogadishu (SE)
Moroni (EE-SE)
Muscat (SS)
Nairobi (SE)
N'Djamena (SE)
New Delhi (SS)
Pretoria (EE)
São Tomé (EE)
Singapore (SW)
Victoria (SE)
Windhoek (EE)
Yaoundé (SE)
Port Louis
68%
Apia (SW)
Canberra (EE-SE)
Funafuti (SS)
Nukuʻalofa (SS-SW)
Port Moresby (SE)
Port Vila (SE)
Suva (SS-SW)
Wellington
67%
Canberra (NE)
Funafuti (EE-SE)
Honiara (EE)
Majuro (SE)
Nukuʻalofa (NN-NE)
Palikir (SE)
Port Moresby (EE)
Port Vila (NE-EE)
South Tarawa (SE)
Suva (NE-EE)
Wellington (NE)
Yaren (EE-SE)
Apia
61%

Score Distribution

Percentile by Number Answered

Percent of People with Each Score

Your Score History

You have not taken this quiz